{"text_format":"1","workbook":"xlsx","n_sheets":10,"sheets":["1ª MEDIÇÃO","2ª MEDIÇÃO","3ª MEDIÇÃO","4ª MEDIÇÃO","5ª MEDIÇÃO","6ª MEDIÇÃO","7ª MEDIÇÃO","8ª MEDIÇÃO","9ª MEDIÇÃO","PLANILHA SINTÉTICA"],"not_rendered":{"charts":0,"images":2,"macros":1,"external_links":12,"defined_names":1440,"comments":0,"pivot_tables":0},"unopened":[],"bounds":{"document_bytes":16777216,"sheet_cells":100000,"rows_first":2000,"rows_last":500,"rows_between":2000,"halvings":0,"cell_chars":16384,"cell_head_chars":4096},"cells_cut":0,"cells_raw":0,"read":"whole","date_system":"1900"}

{"sheet":"1ª MEDIÇÃO","index":0,"n_rows":4,"n_cols":10,"rows_kept":4,"cut":false,"hidden":true,"merged":[[0,0,0,8],[1,0,1,8],[2,0,2,8]]}
["TRIBUNAL DE JUSTIÇA DE PERNAMBUCO"]
[{"$f":"#REF!","v":{"$error":"#REF!"}}]
["MEMÓRIA DE CALCULO - 1ª MEDIÇÃO"]
["ITEM","DESCRIÇÃO","QUANT.","LARG.","COMP.","ALT.","TAXA","TOTAL","UNID","MEMORIAL FOTOGRÁFICO"]

{"sheet":"2ª MEDIÇÃO","index":1,"n_rows":4,"n_cols":10,"rows_kept":4,"cut":false,"hidden":true,"merged":[[0,0,0,8],[1,0,1,8],[2,0,2,8]]}
["TRIBUNAL DE JUSTIÇA DE PERNAMBUCO"]
[{"$f":"#REF!","v":{"$error":"#REF!"}}]
["MEMÓRIA DE CALCULO - 2ª MEDIÇÃO"]
["ITEM","DESCRIÇÃO","QUANT.","LARG.","COMP.","ALT.","TAXA","TOTAL","UNID","MEMORIAL FOTOGRÁFICO"]

{"sheet":"3ª MEDIÇÃO","index":2,"n_rows":4,"n_cols":10,"rows_kept":4,"cut":false,"hidden":true,"merged":[[0,0,0,8],[1,0,1,8],[2,0,2,8]]}
["TRIBUNAL DE JUSTIÇA DE PERNAMBUCO"]
[{"$f":"#REF!","v":{"$error":"#REF!"}}]
["MEMÓRIA DE CALCULO - 3ª MEDIÇÃO"]
["ITEM","DESCRIÇÃO","QUANT.","LARG.","COMP.","ALT.","TAXA","TOTAL","UNID","MEMORIAL FOTOGRÁFICO"]

{"sheet":"4ª MEDIÇÃO","index":3,"n_rows":4,"n_cols":10,"rows_kept":4,"cut":false,"hidden":true,"merged":[[0,0,0,8],[1,0,1,8],[2,0,2,8]]}
["TRIBUNAL DE JUSTIÇA DE PERNAMBUCO"]
[{"$f":"#REF!","v":{"$error":"#REF!"}}]
["MEMÓRIA DE CALCULO - 4ª MEDIÇÃO"]
["ITEM","DESCRIÇÃO","QUANT.","LARG.","COMP.","ALT.","TAXA","TOTAL","UNID","MEMORIAL FOTOGRÁFICO"]

{"sheet":"5ª MEDIÇÃO","index":4,"n_rows":4,"n_cols":10,"rows_kept":4,"cut":false,"hidden":true,"merged":[[0,0,0,8],[1,0,1,8],[2,0,2,8]]}
["TRIBUNAL DE JUSTIÇA DE PERNAMBUCO"]
[{"$f":"#REF!","v":{"$error":"#REF!"}}]
["MEMÓRIA DE CALCULO - 5ª MEDIÇÃO"]
["ITEM","DESCRIÇÃO","QUANT.","LARG.","COMP.","ALT.","TAXA","TOTAL","UNID","MEMORIAL FOTOGRÁFICO"]

{"sheet":"6ª MEDIÇÃO","index":5,"n_rows":4,"n_cols":10,"rows_kept":4,"cut":false,"hidden":true,"merged":[[0,0,0,8],[1,0,1,8],[2,0,2,8]]}
["TRIBUNAL DE JUSTIÇA DE PERNAMBUCO"]
[{"$f":"#REF!","v":{"$error":"#REF!"}}]
["MEMÓRIA DE CALCULO - 6ª MEDIÇÃO"]
["ITEM","DESCRIÇÃO","QUANT.","LARG.","COMP.","ALT.","TAXA","TOTAL","UNID","MEMORIAL FOTOGRÁFICO"]

{"sheet":"7ª MEDIÇÃO","index":6,"n_rows":4,"n_cols":10,"rows_kept":4,"cut":false,"hidden":true,"merged":[[0,0,0,8],[1,0,1,8],[2,0,2,8]]}
["TRIBUNAL DE JUSTIÇA DE PERNAMBUCO"]
[{"$f":"#REF!","v":{"$error":"#REF!"}}]
["MEMÓRIA DE CALCULO - 7ª MEDIÇÃO"]
["ITEM","DESCRIÇÃO","QUANT.","LARG.","COMP.","ALT.","TAXA","TOTAL","UNID","MEMORIAL FOTOGRÁFICO"]

{"sheet":"8ª MEDIÇÃO","index":7,"n_rows":4,"n_cols":10,"rows_kept":4,"cut":false,"hidden":true,"merged":[[0,0,0,8],[1,0,1,8],[2,0,2,8]]}
["TRIBUNAL DE JUSTIÇA DE PERNAMBUCO"]
[{"$f":"#REF!","v":{"$error":"#REF!"}}]
["MEMÓRIA DE CALCULO - 8ª MEDIÇÃO"]
["ITEM","DESCRIÇÃO","QUANT.","LARG.","COMP.","ALT.","TAXA","TOTAL","UNID","MEMORIAL FOTOGRÁFICO"]

{"sheet":"9ª MEDIÇÃO","index":8,"n_rows":4,"n_cols":10,"rows_kept":4,"cut":false,"hidden":true,"merged":[[0,0,0,8],[1,0,1,8],[2,0,2,8]]}
["TRIBUNAL DE JUSTIÇA DE PERNAMBUCO"]
[{"$f":"#REF!","v":{"$error":"#REF!"}}]
["MEMÓRIA DE CALCULO - 9ª MEDIÇÃO"]
["ITEM","DESCRIÇÃO","QUANT.","LARG.","COMP.","ALT.","TAXA","TOTAL","UNID","MEMORIAL FOTOGRÁFICO"]

{"sheet":"PLANILHA SINTÉTICA","index":9,"n_rows":931,"n_cols":6,"rows_kept":931,"cut":false,"hidden":false,"merged":[[0,0,3,0],[5,4,5,5],[5,3,6,3],[4,4,4,5],[5,0,6,0],[0,1,0,3],[2,1,2,3],[3,1,3,3],[5,1,6,1],[5,2,6,2],[1,1,1,3]]}
["-","TRIBUNAL DE JUSTIÇA DE PERNAMBUCO",null,null,"Nº CONTRATO:","051/2025"]
[null,"CONSTRUÇÃO DO FÓRUM DE LAGOA GRANDE - PE",null,null,"-","-"]
[null,"PLANILHA DE PREÇOS UNITÁRIOS DO FÓRUM DE LAGOA GRANDE",null,null,"-","-"]
[null,"-",null,null,"VALOR DO CONTRATO:",3523190.38]
["-","-","-","-","BDI: 19,16%"]
["ITEM","DESCRIÇÃO","UN","QUANT. TOTAL","TOTAL"]
[null,null,null,null,"P. UNIT","P. TOTAL"]
["1.","PROJETOS E ART'S",""]
["1.1","ART EXECUÇÃO DE OBRA - RESPONSÁVEL TÉCNICO DA CONTRATADA.","un",2,337.06,674.12]
["1.2","CONTROLE TECNOLÓGICO DO CONCRETO COM ENSAIO DE COMPRESSÃO DE CORPOS DE PROVA CILÍNDRICOS (NBR 5739)/2018 - MOLDAGEM, TRANSPORTE, CURA, FACEAMENTO E ROMPIMENTO (NBR 5739:2018)","un",104,18.62,1936.48]
["1.3","ELABORAÇÃO DO PGRCC - PLANO DE GERENCIAMENTO DE RESÍDUOS DA CONSTRUÇÃO CIVIL","un",1,1937.2,1937.2]
["2.","ADMINISTRAÇÃO DA OBRA"]
["2.1","Encarregado geral de obras com encargos complementares","mes",10,6087.35,60873.5]
["2.2","Almoxarife com encargos complementares","mes",10,3202.19,32021.9]
["2.3","Engenheiro civil de obra pleno com encargos complementares","mes",10,16332.71,163327.1]
["2.4","ENGENHEIRO ELETRICISTA DE OBRA PLENO COM ENCARGOS COMPLEMENTARES","mês",1,24092.58,24092.58]
["2.5","Técnico em segurança do trabalho com encargos complementares","mes",5,3408.88,17044.400000000001]
["2.6","VIGIA NOTURNO COM ENCARGOS COMPLEMENTARES","mês",20,4037.32,80746.399999999994]
["2.7","Vigia diurno com encargos complementares","h",960,20.21,19401.599999999999]
["2.8","CONSUMOS GERAIS MENSAIS DO CANTEIRO DE OBRA (MATERIAIS DE ESCRITÓRIO, MATERIAIS DE LIMPEZA E SEGURANÇA DO CANTEIRO)","mês",10,201.38,2013.8]
["3.","MÁQUINAS E EQUIPAMENTOS"]
["3.1","LOCACAO DE ANDAIME METALICO TUBULAR DE ENCAIXE, TIPO DE TORRE, CADA PAINEL COM LARGURA DE 1 ATE 1,5 M E ALTURA DE *1,00* M, INCLUINDO DIAGONAL, BARRAS DE LIGACAO, SAPATAS OU RODIZIOS, PLATAFORMA METÁLICA, GUARDA CORPO METÁLICO, ESCADA E DEMAIS ITENS NECESSARIOS A MONTAGEM (NAO INCLUI INSTALACAO)","mXmês",835,27.54,22995.9]
["3.2","Montagem e desmontagem de andaime tubular tipo \"torre\" (exclusive andaime e limpeza). af_03/2024","m",436,26.24,11440.64]
["3.3","Transporte horizontal com jerica de 60 l, de massa/ granel (unidade: m3xkm). af_07/2019","m3xkm",1.68,798.79,1341.96]
["3.4","ALUGUEL DE CAÇAMBA ESTACIONÁRIA COM ATÉ 6M³ COM DESTINAÇÃO FINAL DE RESÍDUOS SÓLIDOS.","un",10,596.53,5965.3]
["3.5","TAXA DE DESCARTE DE RESÍDUOS DA CONSTRUÇÃO CIVIL.","t",83.98,26.85,2254.86]
["4.","SERVIÇOS PRELIMINARES"]
["4.1","MOBILIZAÇÃO DA OBRA (PESSOAL, MÁQUINAS E EQUIPAMENTOS).","un",1,1862.48,1862.48]
["4.2","Locação convencional de obra, utilizando gabarito de tábuas corridas pontaletadas a cada 2,00m -  2 utilizações. af_03/2024","m",107,50.85,5440.95]
["4.3","LEVANTAMENTO TOPOGRÁFICO PLANIMÉTRICO CADASTRAL","m²",1854.85,0.35,649.19000000000005]
["4.4","Limpeza mecanizada de camada vegetal, vegetação e pequenas árvores (diâmetro de tronco menor que 0,20 m), com trator de esteiras. af_03/2024","m2",8000,0.56999999999999995,4560]
["4.5","Transporte com caminhão basculante de 10 m³, em via urbana pavimentada, dmt até 30 km (unidade: m3xkm). af_07/2020","m3xkm",6000,2.2000000000000002,13200]
["4.6","Carga, manobra e descarga de solos e materiais granulares em caminhão basculante 10 m³ - carga com pá carregadeira (caçamba de 1,7 a 2,8 m³ / 128 hp) e descarga livre (unidade: m3). af_07/2020","m3",1000,7.48,7480]
["4.7","Demolição de alvenaria para qualquer tipo de bloco, de forma mecanizada, sem reaproveitamento. af_09/2023","m3",3.06,44.7,136.78]
["4.8","EXECUÇÃO DE ATERRO ABRANGENDO ESPALHAMENTO HOMOGENEIZAÇÃO, UMEDECIMENTO E COMPACTAÇÃO MECÂNICA EM CAMADAS DE 20CM DE ESPESSURA, INCLUSIVE O FORNECIMENTO DO BARRO PROVENIENTE DE JAZIDA A UMA DISTÂNCIA MÁXIMA DE 12KM.","m³",732.33,112.46,82357.83]
["4.9","ENSAIO - GRANULOMETRIA POR PENEIRAMENTO","un",1,147.63,147.63]
["4.10","ENSAIO - LIMITE DE LIQUIDEZ","un",1,147.63,147.63]
["4.11","ENSAIO - LIMITE DE PLASTICIDADE","un",1,147.63,147.63]
["4.12","ENSAIO - COMPACTAÇÃO PROCTOR NORMAL COM REUSO DE MATERIAL (6 PONTOS)","un",1,196.85,196.85]
["4.13","ENSAIO - DETERMINAÇÃO DA MASSA APARENTE IN SITU DO SOLO","un",6,128.53,771.18]
["5.","CANTEIRO DE OBRA"]
["5.1","PLACA DE OBRA EM LONA PLÁSTICA  IMPRESSÃO DIGITAL ALTA RESOLUÇÃO COM ACABAMENTO EM ILHÓS, FIXAÇÃO EM ABRAÇADEIRAS DE NYLON, ESTRUTURA EM FERRO GALVANIZADO.","m²",4,359.48,1437.92]
["5.2","LIGAÇÃO PROVISÓRIA DE ENERGIA (OBRA).","un",1,1772.47,1772.47]
["5.3","DERIVAÇÃO DE LIGAÇÃO PROVISÓRIA DE ENERGIA. (CONTAINER)","un",4,299.38,1197.52]
["5.4","LIGAÇÕES PROVISÓRIAS DE ÁGUA E ESGOTO SANITÁRIO (OBRA).","un",1,476.06,476.06]
["5.5","DERIVAÇÃO DE LIGAÇÕES PROVISÓRIAS DE ÁGUA E ESGOTO SANITÁRIO (CONTAINER SANITÁRIO/VESTIÁRIO/ESCRITÓRIO)","un",3,714.25,2142.75]
["5.6","Tapume com telha metálica. af_03/2024","m2",650,77.2,50180]
["5.7","FORNECIMENTO E MONTAGEM DE TELA DE SINALIZAÇÃO LARANJA (H=1,20M) FIXADA EM MONTANTES DE FERRO DE 1/2 POL. OU EM BARROTES DE MADEIRA 3X3 POL. COLOCADOS SOBRE BASE DE CONCRETO TRAÇO 1:4:8, ESPAÇADOS A CADA 2M, INCLUSIVE POSTERIOR RETIRADA E REAPROVEITAMENTO.","m",90.9,18.84,1712.55]
["5.8","FORNECIMENTO E EXECUÇÃO DE BARRACÃO ABERTO PARA APOIO À PRODUÇÃO (CARPINTARIA, CENTRAL DE ARMAÇÃO, OFICINA, ETC) COM TESOURAS, TELHA 4MM, PISO EM CONCRETO DESEMPOLADO.","m²",36,150.37,5413.32]
["5.9","BARRACÃO ABERTO PARA REFEITÓRIO DE OBRA (CAPACIDADE 24 REFEIÇÕES SIMULTÂNEAS) - ÁREA = 24,00M² COM MATERIAIS NOVOS, INCLUSIVE MOBILIÁRIO","un",1,12699.55,12699.55]
["5.10","LOCAÇÃO DE CONTAINER ESCRITÓRIO COM BANHEIRO CONTENDO 01 VASO SANITÁRIO, 01 LAVATÓRIO E 01 CHUVEIRO, JANELA EM VIDRO, PORTAS, LUMINÁRIAS, TOMADAS, FORRO EM PVC, AR CONDICIONADO E ISOLAMENTO TERMO-ACÚSTICO EM ISOPOR (6,00 X 2,35M). NÃO INCLUI MOBILIZAÇÃO E DESMOBILIZAÇÃO.","un/mês",20,1008.27,20165.400000000001]
["5.11","LOCAÇÃO DE CONTAINER SANITÁRIO / VESTIÁRIO COM 04 VASOS SANITÁRIOS, 02 LAVATÓRIOS, 01 MICTÓRIO CALHA E 04 CHUVEIROS (6,00 X 2,35M). NÃO INCLUI MOBILIZAÇÃO E DESMOBILIZAÇÃO.","un/mês",10,1176.31,11763.1]
["5.12","LOCAÇÃO DE CONTAINER ALMOXARIFADO (6,00 X 2,40M). NÃO INCLUI MOBILIZAÇÃO E DESMOBILIZAÇÃO.","un/mês",10,715.83,7158.3]
["5.13","FRETE PARA ENTREGA OU RETIRADA DE CONTAINER PARA OBRA EM LAGOA GRANDE EM GUINDAUTO (MUNCK) MODELO ARGOS 20.5 COM CAPACIDADE PARA 6,0 TON A 4,0 M DE RAIO.","un",8,990.75,7926]
["5.14","Pintura de piso com tinta acrílica, aplicação manual, 2 demãos, incluso fundo preparador. af_05/2021","m2",4,18.39,73.56]
["6.","ESTRUTURA"]
["6.1.","INFRAESTRUTURA"]
["6.1.1.","SAPATAS / PESCOÇO DOS PILARES"]
["6.1.1.1","Lastro de concreto magro, aplicado em blocos de coroamento ou sapatas. af_01/2024","m3",3.68,738.93,2719.26]
["6.1.1.2","Fabricação, montagem e desmontagem de fôrma para sapata, em chapa de madeira compensada resinada, e=17 mm, 2 utilizações. af_01/2024","m2",38.479999999999997,190.81,7342.36]
["6.1.1.3","CONCRETAGEM DE SAPATAS, FCK= 35 MPA COM ADIÇÃO DE METACAULIM, E USO DE BOMBA LANÇAMENTO, ADENSAMENTO E ACABAMENTO.","m³",17.37,1407.71,24451.919999999998]
["6.1.1.4","PINTURA IMPERMEABILIZANTE COM TINTA ASFÁLTICA, 2 DEMÃOS, QUARTZOLIT (AQUA), VEDACIT (NEUTROL), VIAPOL (VEDALAGE PRETO), SIKA (IGOL ASFALTO ECO) OU EQUIVALENTE.","m²",101.06,26.92,2720.53]
["6.1.1.5","Montagem e desmontagem de fôrma de pilares retangulares e estruturas similares, pé-direito simples, em chapa de madeira compensada resinada, 2 utilizações. af_09/2020","m2",61.49,120.73,7423.68]
["6.1.1.6","CONCRETAGEM DE PILARES, FCK = 35 MPA COM ADIÇÃO DE METACAULIM E USO DE BOMBA - LANÇAMENTO, ADENSAMENTO E ACABAMENTO.","m³",3.49,1336.41,4664.07]
["6.1.1.7","PINTURA IMPERMEABILIZANTE COM TINTA ASFÁLTICA, 2 DEMÃOS, QUARTZOLIT (AQUA), VEDACIT (NEUTROL), VIAPOL (VEDALAGE PRETO), SIKA (IGOL ASFALTO ECO) OU EQUIVALENTE.","m²",61.49,26.92,1655.31]
["6.1.1.8","Escavação manual para bloco de coroamento ou sapata (incluindo escavação para colocação de fôrmas). af_01/2024","m3",235.48,66.150000000000006,15577]
["6.1.1.9","Aterro manual de valas com solo argilo-arenoso. af_08/2023","m3",42.89,67.19,2881.77]
["6.1.1.10","REATERRO MANUAL APILOADO COM SOQUETE.","m³",171.55,54.23,9303.15]
["6.1.1.11","REMOÇÃO DE MATERIAL DE PRIMEIRA CATEGORIA EM CAMINHÃO BASCULANTE, D.M.T. 6 KM, INCLUSIVE CARGA MANUAL E DESCARGA MECÂNICA.","m³",83.11,48.64,4042.47]
["6.1.1.12","Transporte horizontal com jerica de 60 l, de massa/ granel (unidade: m3xkm). af_07/2019","m3xkm",1.66,798.79,1325.99]
["6.1.2.","CINTAS"]
["6.1.2.1","Montagem e desmontagem de fôrma de viga, escoramento metálico, pé-direito simples, em chapa de madeira resinada, 2 utilizações. af_09/2020","m2",384.99,159.63999999999999,61459.8]
["6.1.2.2","CONCRETAGEM DE BLOCOS DE COROAMENTO E VIGAS BALDRAMES, FCK= 35 MPA COM ADIÇÃO DE METACAULIM E USO DE BOMBA –LANÇAMENTO, ADENSAMENTO E ACABAMENTO. ","m³",23.83,1379.2,32866.33]
["6.1.2.3","PINTURA IMPERMEABILIZANTE COM TINTA ASFÁLTICA, 2 DEMÃOS, QUARTZOLIT (AQUA), VEDACIT (NEUTROL), VIAPOL (VEDALAGE PRETO), SIKA (IGOL ASFALTO ECO) OU EQUIVALENTE.","m²",384.99,26.92,10363.93]
["6.1.3.","LAJES"]
["6.1.3.1","Montagem e desmontagem de fôrma de laje maciça, pé-direito simples, em chapa de madeira compensada resinada, 2 utilizações. af_09/2020","m2",32.54,55.22,1796.85]
["6.1.3.2","CONCRETAGEM DE VIGAS E LAJES, FCK=25 MPA, PARA LAJES MACIÇAS OU NERVURADAS COM USO DE BOMBA, INCLUSO ADITIVO LIQUIDO IMPERMEABILIZANTE CRISTALIZANTE - LANÇAMENTO, ADENSAMENTO E ACABAMENTO.","m³",3.67,649.96,2385.35]
["6.1.3.3","CONCRETAGEM DE VIGAS E LAJES, FCK=35 MPA, PARA LAJES MACIÇAS OU NERVURADAS COM USO DE BOMBA - LANÇAMENTO, ADENSAMENTO E ACABAMENTO, ADITIVO LIQUIDO IMPERMEABILIZANTE CRISTALIZANTE.","m³",0.36,681.26,245.25]
["6.1.3.4","EXECUÇÃO DE LAJE PRÉ-MOLDADA UNIDIRECIONAL B 17, ENCHIMENTO EM EPS, VIGOTA TRELIÇADA, ALTURA TOTAL DA LAJE (ENCHIMENTO+CAPA) = (12+5), EXCLUSIVE ARMAÇÃO, CONCRETO FCK=35MPA.","m²",453.5,162.77000000000001,73816.19]
["6.1.3.5","EXECUÇÃO DE LAJE PRÉ-MOLDADA UNIDIRECIONAL B 13, ENCHIMENTO EM EPS, VIGOTA TRELIÇADA, ALTURA TOTAL DA LAJE (ENCHIMENTO+CAPA) = (8+5), EXCLUSIVE ARMAÇÃO, CONCRETO FCK=25MPA.","m²",2.81,142.31,399.89]
["6.1.4.","RESERVATÓRIO"]
["6.1.4.1","LASTRO DE CONCRETO MAGRO, APLICADO EM PAREDES DE CONCRETO.","m³",0.45,725.41,326.43]
["6.1.4.2","FABRICAÇÃO, MONTAGEM E DESMONTAGEM DE FÔRMA PARA ESTRUTURAS ESPECIAIS (PAREDES DE RESERVATÓRIO, FOSSA SÉPTICA) EM CHAPA DE MADEIRA COMPENSADA RESINADA, E = 17 MM, 2 UTILIZAÇÕES. ","m²",136.82,133.07,18206.63]
["6.1.4.3","Montagem e desmontagem de fôrma de laje maciça, pé-direito simples, em chapa de madeira compensada resinada, 2 utilizações. af_09/2020","m2",26.28,55.22,1451.18]
["6.1.4.4","CONCRETAGEM DE PAREDES DE RESERVATÓRIO, FCK=25 MPA, COM USO DE BOMBA, INCLUSO ADITIVO LIQUIDO IMPERMEABILIZANTE CRISTALIZANTE - LANÇAMENTO, ADENSAMENTO E ACABAMENTO.","m³",10.78,649.96,7006.56]
["6.1.4.5","CONCRETAGEM DE VIGAS E LAJES, FCK=25 MPA, PARA LAJES MACIÇAS OU NERVURADAS COM USO DE BOMBA, INCLUSO ADITIVO LIQUIDO IMPERMEABILIZANTE CRISTALIZANTE - LANÇAMENTO, ADENSAMENTO E ACABAMENTO.","m³",3.94,649.96,2560.84]
["6.1.4.6","Escavação manual de vala. af_09/2024","m3",62.78,27.32,1715.14]
["6.1.4.7","Aterro manual de valas com solo argilo-arenoso. af_08/2023","m3",0.97,67.19,65.17]
["6.1.4.8","REATERRO MANUAL APILOADO COM SOQUETE.","m³",3.88,54.23,210.41]
["6.1.4.9","REMOÇÃO DE MATERIAL DE PRIMEIRA CATEGORIA EM CAMINHÃO BASCULANTE, D.M.T. 6 KM, INCLUSIVE CARGA MANUAL E DESCARGA MECÂNICA.","m³",76.569999999999993,48.64,3724.36]
["6.1.4.10","Transporte horizontal com jerica de 60 l, de massa/ granel (unidade: m3xkm). af_07/2019","m3xkm",1.53,798.79,1222.1400000000001]
["6.1.5.","ALVENARIA BASE DOS MASTROS"]
["6.1.5.1","Lastro de concreto magro, aplicado em pisos, lajes sobre solo ou radiers. af_01/2024","m3",0.09,613.58000000000004,55.22]
["6.1.5.2","Chapisco aplicado em alvenaria (sem presença de vãos) e estruturas de concreto de fachada, com colher de pedreiro.  argamassa traço 1:3 com preparo em betoneira 400l. af_10/2022","m2",6.69,5.1100000000000003,34.18]
["6.1.5.3","ALVENARIA DE TIJOLOS DE 8 FUROS - 1 VEZ, ASSENTADOS COM ARGAMASSA (1CALH:4ARML+100KG DE CI/M3).","m²",3.34,111.14,371.2]
["6.1.5.4","Escavação manual de vala. af_09/2024","m3",3.2,27.32,87.42]
["6.1.5.5","Aterro manual de valas com solo argilo-arenoso. af_08/2023","m3",0.38,67.19,25.53]
["6.1.5.6","REATERRO MANUAL APILOADO COM SOQUETE.","m³",1.54,54.23,83.51]
["6.1.5.7","REMOÇÃO DE MATERIAL DE PRIMEIRA CATEGORIA EM CAMINHÃO BASCULANTE, D.M.T. 6 KM, INCLUSIVE CARGA MANUAL E DESCARGA MECÂNICA.","m³",2.15,48.64,104.57]
["6.1.5.8","Transporte horizontal com jerica de 60 l, de massa/ granel (unidade: m3xkm). af_07/2019","m3xkm",0.04,798.79,31.95]
["6.2.","SUPERESTRUTURA"]
["6.2.1.","PILAR"]
["6.2.1.1","Montagem e desmontagem de fôrma de pilares retangulares e estruturas similares, pé-direito simples, em chapa de madeira compensada resinada, 2 utilizações. af_09/2020","m2",149.16999999999999,120.73,18009.29]
["6.2.1.2","Concretagem de pilares, fck = 25 mpa, com uso de bomba - lançamento, adensamento e acabamento. af_02/2022_ps","m3",7.32,542.70000000000005,3972.56]
["6.2.2.","VIGA"]
["6.2.2.1","Montagem e desmontagem de fôrma de viga, escoramento metálico, pé-direito simples, em chapa de madeira resinada, 2 utilizações. af_09/2020","m2",272.83,159.63999999999999,43554.58]
["6.2.2.2","CONCRETAGEM DE VIGAS E LAJES, FCK=25 MPA, PARA LAJES MACIÇAS OU NERVURADAS COM USO DE BOMBA, INCLUSO ADITIVO LIQUIDO IMPERMEABILIZANTE CRISTALIZANTE - LANÇAMENTO, ADENSAMENTO E ACABAMENTO.","m³",19.11,649.96,12420.73]
["6.2.3.","LAJE"]
["6.2.3.1","Montagem e desmontagem de fôrma de laje maciça, pé-direito simples, em chapa de madeira compensada resinada, 2 utilizações. af_09/2020","m2",15.64,55.22,863.64]
["6.2.3.2","CONCRETAGEM DE VIGAS E LAJES, FCK=25 MPA, PARA LAJES MACIÇAS OU NERVURADAS COM USO DE BOMBA, INCLUSO ADITIVO LIQUIDO IMPERMEABILIZANTE CRISTALIZANTE - LANÇAMENTO, ADENSAMENTO E ACABAMENTO.","m³",2.66,649.96,1728.89]
["6.2.3.3","EXECUÇÃO DE LAJE PRÉ-MOLDADA UNIDIRECIONAL B 17, ENCHIMENTO EM EPS, VIGOTA TRELIÇADA, ALTURA TOTAL DA LAJE (ENCHIMENTO+CAPA) = (12+5), EXCLUSIVE ARMAÇÃO, CONCRETO FCK=25MPA.","m²",282.25,160.72,45363.22]
["6.2.3.4","EXECUÇÃO DE LAJE PRÉ-MOLDADA UNIDIRECIONAL B 21, ENCHIMENTO EM EPS, VIGOTA TRELIÇADA, ALTURA TOTAL DA LAJE (ENCHIMENTO+CAPA) = (16+5), EXCLUSIVE ARMAÇÃO, CONCRETO FCK=25MPA.","m²",73.17,193.26,14140.83]
["6.2.3.5","EXECUÇÃO DE LAJE PRÉ-MOLDADA BIDIRECIONAL B 30, ENCHIMENTO EM EPS, VIGOTA TRELIÇADA, ALTURA TOTAL DA LAJE (ENCHIMENTO+CAPA) = (25+5), EXCLUSIVE ARMAÇÃO, CONCRETO FCK=25MPA.","m²",131.44,241.8,31782.19]
["6.2.3.6","EXECUÇÃO DE LAJE PRÉ-MOLDADA UNIDIRECIONAL B 13, ENCHIMENTO EM EPS, VIGOTA TRELIÇADA, ALTURA TOTAL DA LAJE (ENCHIMENTO+CAPA) = (8+5), EXCLUSIVE ARMAÇÃO, CONCRETO FCK=25MPA.","m²",3.71,142.31,527.97]
["6.3.","LIXEIRA"]
["6.3.1","Lastro de concreto magro, aplicado em blocos de coroamento ou sapatas. af_01/2024","m3",0.22,738.93,162.56]
["6.3.2","Fabricação, montagem e desmontagem de fôrma para sapata corrida, em chapa de madeira compensada resinada, e=17 mm, 2 utilizações. af_01/2024","m2",7.2,118.39,852.4]
["6.3.3","CONCRETAGEM DE SAPATAS, FCK= 25 MPA COM ADIÇÃO DE METACAULIM, E USO DE BOMBA LANÇAMENTO, ADENSAMENTO E ACABAMENTO.","m³",0.88,1371.97,1207.33]
["6.3.4","PINTURA IMPERMEABILIZANTE COM TINTA ASFÁLTICA, 2 DEMÃOS, QUARTZOLIT (AQUA), VEDACIT (NEUTROL), VIAPOL (VEDALAGE PRETO), SIKA (IGOL ASFALTO ECO) OU EQUIVALENTE.","m²",10.27,26.92,276.45999999999998]
["6.3.5","Escavação manual para viga baldrame ou sapata corrida (incluindo escavação para colocação de fôrmas). af_01/2024","m3",3.27,72.849999999999994,238.21]
["6.3.6","Aterro manual de valas com solo argilo-arenoso. af_08/2023","m3",0.43,67.19,28.89]
["6.3.7","REATERRO MANUAL APILOADO COM SOQUETE.","m³",1.73,54.23,93.81]
["6.3.8","REMOÇÃO DE MATERIAL DE PRIMEIRA CATEGORIA EM CAMINHÃO BASCULANTE, D.M.T. 6 KM, INCLUSIVE CARGA MANUAL E DESCARGA MECÂNICA.","m³",1.99,48.64,96.79]
["6.3.9","Transporte horizontal com jerica de 60 l, de massa/ granel (unidade: m3xkm). af_07/2019","m3xkm",0.04,798.79,31.95]
["6.3.10","Montagem e desmontagem de fôrma de viga, escoramento metálico, pé-direito simples, em chapa de madeira resinada, 2 utilizações. af_09/2020","m2",2.9,159.63999999999999,462.95]
["6.3.11","CONCRETAGEM DE VIGAS E LAJES, FCK=25 MPA, PARA LAJES MACIÇAS OU NERVURADAS COM USO DE BOMBA, INCLUSO ADITIVO LIQUIDO IMPERMEABILIZANTE CRISTALIZANTE - LANÇAMENTO, ADENSAMENTO E ACABAMENTO.","m³",0.11,649.96,71.489999999999995]
["6.4.","MURO E PLATIBANDA"]
["6.4.1","Lastro de concreto magro, aplicado em blocos de coroamento ou sapatas. af_01/2024","m3",9.32,738.93,6886.82]
["6.4.2","Fabricação, montagem e desmontagem de fôrma para sapata corrida, em chapa de madeira compensada resinada, e=17 mm, 2 utilizações. af_01/2024","m2",93.13,118.39,11025.66]
["6.4.3","CONCRETAGEM DE SAPATAS, FCK= 25 MPA COM ADIÇÃO DE METACAULIM, E USO DE BOMBA LANÇAMENTO, ADENSAMENTO E ACABAMENTO.","m³",23.05,1371.97,31623.9]
["6.4.4","PINTURA IMPERMEABILIZANTE COM TINTA ASFÁLTICA, 2 DEMÃOS, QUARTZOLIT (AQUA), VEDACIT (NEUTROL), VIAPOL (VEDALAGE PRETO), SIKA (IGOL ASFALTO ECO) OU EQUIVALENTE.","m²",248.34,26.92,6685.31]
["6.4.5","Escavação manual para viga baldrame ou sapata corrida (incluindo escavação para colocação de fôrmas). af_01/2024","m3",279.38,72.849999999999994,20352.830000000002]
["6.4.6","Aterro manual de valas com solo argilo-arenoso. af_08/2023","m3",49.4,67.19,3319.18]
["6.4.7","REATERRO MANUAL APILOADO COM SOQUETE.","m³",197.61,54.23,10716.39]
["6.4.8","REMOÇÃO DE MATERIAL DE PRIMEIRA CATEGORIA EM CAMINHÃO BASCULANTE, D.M.T. 6 KM, INCLUSIVE CARGA MANUAL E DESCARGA MECÂNICA.","m³",106.31,48.64,5170.91]
["6.4.9","Transporte horizontal com jerica de 60 l, de massa/ granel (unidade: m3xkm). af_07/2019","m3xkm",2.13,798.79,1701.42]
["6.4.10","ARMAÇÃO VERTICAL PARA ALVENARIA EM BLOCOS DE CONCRETO; AÇO CA-50 COM DIÂMETRO DE 10,0 MM.","kg",254.02,10.31,2618.94]
["6.4.11","ARMAÇÃO HORIZONTAL PARA CINTA DE CONCRETO; AÇO CA-60 COM DIÂMETRO DE 5,0 MM.","kg",171.25,14.94,2558.4699999999998]
["6.4.12","ARMAÇÃO HORIZONTAL PARA ALVENARIA EM BLOCOS DE CONCRETO / CINTA DE CONCRETO; AÇO CA-50 COM DIÂMETRO DE 8,0 MM.","kg",692.34,11.37,7871.9]
["6.4.13","GRAUTEAMENTO VERTICAL EM ALVENARIA DE BLOCOS DE CONCRETO, UTILIZANDO GRAUTE FGK=30MPA.","m³",4.0199999999999996,1095.4100000000001,4403.54]
["6.4.14","GRAUTEAMENTO HORIZONTAL (CINTA SUPERIOR) EM ALVENARIA DE BLOCOS DE CONCRETO, UTILIZANDO GRAUTE FGK=30MPA.","m³",4.68,1061.96,4969.97]
["6.5.","ARMAÇÃO"]
["6.5.1","Armação de sapata isolada, viga baldrame e sapata corrida utilizando aço ca-60 de 5 mm - montagem. af_01/2024","kg",505,14.12,7130.6]
["6.5.2","Armação de sapata isolada, viga baldrame e sapata corrida utilizando aço ca-50 de 6,3 mm - montagem. af_01/2024","kg",92,13.56,1247.52]
["6.5.3","Armação de sapata isolada, viga baldrame e sapata corrida utilizando aço ca-50 de 8 mm - montagem. af_01/2024","kg",290,12.87,3732.3]
["6.5.4","Armação de sapata isolada, viga baldrame e sapata corrida utilizando aço ca-50 de 10 mm - montagem. af_01/2024","kg",1539,11.63,17898.57]
["6.5.5","Armação de bloco, sapata isolada, viga baldrame e sapata corrida utilizando aço ca-50 de 12,5 mm - montagem. af_01/2024","kg",409,9.92,4057.28]
["6.5.6","Armação de bloco, sapata isolada, viga baldrame e sapata corrida utilizando aço ca-50 de 16 mm - montagem. af_01/2024","kg",470,9.49,4460.3]
["6.5.7","Armação de bloco, sapata isolada e sapata corrida utilizando aço ca-50 de 20 mm - montagem. af_01/2024","kg",354,10.63,3763.02]
["6.5.8","Armação de pilar ou viga de estrutura convencional de concreto armado utilizando aço ca-60 de 5,0 mm - montagem. af_06/2022","kg",475,12.33,5856.75]
["6.5.9","Armação de pilar ou viga de estrutura convencional de concreto armado utilizando aço ca-50 de 6,3 mm - montagem. af_06/2022","kg",126,12.04,1517.04]
["6.5.10","Armação de pilar ou viga de estrutura convencional de concreto armado utilizando aço ca-50 de 8,0 mm - montagem. af_06/2022","kg",79,11.6,916.4]
["6.5.11","Armação de pilar ou viga de estrutura convencional de concreto armado utilizando aço ca-50 de 10,0 mm - montagem. af_06/2022","kg",757,10.48,7933.36]
["6.5.12","Armação de pilar ou viga de estrutura convencional de concreto armado utilizando aço ca-50 de 12,5 mm - montagem. af_06/2022","kg",423,8.8699999999999992,3752.01]
["6.5.13","Armação de pilar ou viga de estrutura convencional de concreto armado utilizando aço ca-50 de 16,0 mm - montagem. af_06/2022","kg",763,8.67,6615.21]
["6.5.14","Armação de pilar ou viga de estrutura convencional de concreto armado utilizando aço ca-50 de 20,0 mm - montagem. af_06/2022","kg",836,9.9700000000000006,8334.92]
["6.5.15","ARMAÇÃO EM TELA DE AÇO SOLDADA NERVURADA Q-61, AÇO CA-60, 3,4MM, MALHA 15X15CM","kg",1225.5,10.64,13039.32]
["6.5.16","Armação de laje de estrutura convencional de concreto armado utilizando aço ca-60 de 5,0 mm - montagem. af_06/2022","kg",110,12.02,1322.2]
["6.5.17","Armação de laje de estrutura convencional de concreto armado utilizando aço ca-50 de 6,3 mm - montagem. af_06/2022","kg",1063,11.72,12458.36]
["6.5.18","Armação de laje de estrutura convencional de concreto armado utilizando aço ca-50 de 8,0 mm - montagem. af_06/2022","kg",222,11.24,2495.2800000000002]
["6.5.19","Armação de laje de estrutura convencional de concreto armado utilizando aço ca-50 de 10,0 mm - montagem. af_06/2022","kg",205,10.16,2082.8000000000002]
["6.5.20","Armação de laje de estrutura convencional de concreto armado utilizando aço ca-50 de 12,5 mm - montagem. af_06/2022","kg",784,8.58,6726.72]
["6.5.21","Armação de estruturas diversas de concreto armado, exceto vigas, pilares, lajes e fundações, utilizando aço ca-60 de 5,0 mm - montagem. af_06/2022","kg",13,14.18,184.34]
["6.5.22","Armação de estruturas diversas de concreto armado, exceto vigas, pilares, lajes e fundações, utilizando aço ca-50 de 6,3 mm - montagem. af_06/2022","kg",424,13.39,5677.36]
["6.5.23","Armação de estruturas diversas de concreto armado, exceto vigas, pilares, lajes e fundações, utilizando aço ca-50 de 8,0 mm - montagem. af_06/2022","kg",856,12.56,10751.36]
["6.5.24","Armação de estruturas diversas de concreto armado, exceto vigas, pilares, lajes e fundações, utilizando aço ca-50 de 10,0 mm - montagem. af_06/2022","kg",325,11.16,3627]
["6.5.25","Armação de estruturas diversas de concreto armado, exceto vigas, pilares, lajes e fundações, utilizando aço ca-50 de 12,5 mm - montagem. af_06/2022","kg",37,9.32,344.84]
["6.5.26","Armação de estruturas diversas de concreto armado, exceto vigas, pilares, lajes e fundações, utilizando aço ca-50 de 16,0 mm - montagem. af_06/2022","kg",286,8.99,2571.14]
["6.5.27","Armação de estruturas diversas de concreto armado, exceto vigas, pilares, lajes e fundações, utilizando aço ca-50 de 20,0 mm - montagem. af_06/2022","kg",40,10.23,409.2]
["7.","ARQUITETURA"]
["7.1.","BASE DE CONCRETO - PORTÕES E GRADIL"]
["7.1.1","Escavação manual para bloco de coroamento ou sapata (sem escavação para colocação de fôrmas). af_01/2024","m3",1.83,99.8,182.63]
["7.1.2","CONCRETAGEM DE BASE DE CONCRETO, FCK 20 MPA, COM USO DE JERICA - LANÇAMENTO, ADENSAMENTO E ACABAMENTO.","m³",1.83,631.54999999999995,1155.73]
["7.1.3","REMOÇÃO DE MATERIAL DE PRIMEIRA CATEGORIA EM CAMINHÃO BASCULANTE, D.M.T. 6 KM, INCLUSIVE CARGA MANUAL E DESCARGA MECÂNICA.","m³",2.38,48.64,115.76]
["7.1.4","Transporte horizontal com jerica de 60 l, de massa/ granel (unidade: m3xkm). af_07/2019","m3xkm",0.05,798.79,39.93]
["7.2.","VEDAÇÕES"]
["7.2.1.","ALVENARIA DE VEDAÇÃO"]
["7.2.1.1","ALVENARIA DE VEDAÇÃO DE BLOCOS CERÂMICOS FURADOS NA HORIZONTAL DE 9X19X19CM (ESPESSURA 19CM, BLOCO DEITADO) E ARGAMASSA DE ASSENTAMENTO COM PREPARO MANUAL.","m²",421.68,114.76,48391.99]
["7.2.1.2","Alvenaria de vedação de blocos cerâmicos furados na horizontal de 9x19x19 cm (espessura 9 cm) e argamassa de assentamento com preparo em betoneira. af_12/2021","m2",620.17999999999995,67.67,41967.58]
["7.2.1.3","Alvenaria de vedação de blocos vazados de concreto de 14x19x39 cm (espessura 14 cm)  e argamassa de assentamento com preparo em betoneira. af_12/2021","m2",918.59,80.650000000000006,74084.28]
["7.2.1.4","ALVENARIA EM BLOCOS CANALETA DE CONCRETO, 14X19X19CM.","m",495.06,22.45,11114.09]
["7.2.1.5","Parede com sistema em chapas de gesso para drywall, uso interno, com uma face simples e estrutura metálica com guias simples, sem vãos. af_07/2023_ps","m2",47.04,51.69,2431.4899999999998]
["7.2.1.6","Fixação (encunhamento) de alvenaria de vedação com argamassa aplicada com bisnaga. af_03/2024","m",271.27999999999997,8.58,2327.58]
["7.2.2.","COBOGÓ"]
["7.2.2.1","ALVENARIA DE VEDAÇÃO COM ELEMENTO VAZADO DE CONCRETO (COBOGÓ) DE 33 X 33 X 10CM E ARGAMASSA DE ASSENTAMENTO COM PREPARO EM BETONEIRA. AF_05/2020","m²",5.14,305.93,1572.48]
["7.3.","REVESTIMENTO DE FUNDAÇÃO"]
["7.3.1.","CHAPISCO"]
["7.3.1.1","Chapisco aplicado em alvenaria (sem presença de vãos) e estruturas de concreto de fachada, com colher de pedreiro.  argamassa traço 1:3 com preparo em betoneira 400l. af_10/2022","m2",608.01,5.1100000000000003,3106.93]
["7.3.2.","MASSA ÚNICA"]
["7.3.2.1","Emboço ou massa única em argamassa traço 1:2:8, preparo mecânico com betoneira 400 l, aplicada manualmente em panos cegos de fachada (sem presença de vãos), espessura de 25 mm. af_08/2022","m2",114.92,34.090000000000003,3917.62]
["7.4.","IMPERMEABILIZAÇÃO"]
["7.4.1.","CALHAS"]
["7.4.1.1.","SUPERFÍCIE VERTICAL"]
["7.4.1.1.1","Impermeabilização de superfície com manta asfáltica, uma camada, inclusive aplicação de primer asfáltico, e=4mm. af_09/2023","m2",49.69,103.13,5124.5200000000004]
["7.4.1.1.2","Proteção mecânica de superfície vertical com argamassa de cimento e areia, traço 1:3, e=3cm. af_09/2023","m2",49.69,57.56,2860.15]
["7.4.1.2.","SUPERFÍCIE HORIZONTAL"]
["7.4.1.2.1","Impermeabilização de superfície com manta asfáltica, uma camada, inclusive aplicação de primer asfáltico, e=4mm. af_09/2023","m2",36.200000000000003,103.13,3733.3]
["7.4.1.2.2","Proteção mecânica de superficie horizontal com argamassa de cimento e areia, traço 1:3, e=3cm. af_09/2023","m2",36.200000000000003,48.87,1769.09]
["7.4.2.","LAJES ABAIXO DA COBERTA"]
["7.4.2.1","PINTURA IMPERMEABILIZANTE COM MANTA LÍQUIDA, 3 DEMÃOS, VEDACIT (VEDAPREN PAREDE BRANCO), SIKA (IGOLFLEX FACHADA BRANCO), QUARTZOLIT, CORAL (PROTEÇÃO SOL E CHUVA), BAUTECH OU EQUIVALENTE.","m²",379.69,35.65,13535.94]
["7.4.3.","LAJES DA COBERTA"]
["7.4.3.1","Impermeabilização de superfície com manta asfáltica, uma camada, inclusive aplicação de primer asfáltico, e=4mm. af_09/2023","m2",83.82,103.13,8644.35]
["7.4.3.2","Proteção mecânica de superficie horizontal com argamassa de cimento e areia, traço 1:3, e=3cm. af_09/2023","m2",83.82,48.87,4096.28]
["7.4.4.","PLATIBANDAS"]
["7.4.4.1","PINTURA IMPERMEABILIZANTE COM TINTA EMBORRACHADA, 3 DEMÃOS, CORAL, SIKA, BAUTECH, SHERWIN WILLIAMS OU EQUIVALENTE.","m²",300.08999999999997,40.25,12078.62]
["7.4.5.","RESERVATÓRIO INFERIOR"]
["7.4.5.1","FORNECIMENTO E APLICAÇÃO DE PINTURA IMPERMEABILIZANTE COM ARGAMASSA POLIMÉRICA (CAMADA 01) VIAPLUS 1.000 OU EQUIVALENTE, E IMPERMEABILIZANTE FLEXÍVEL (CAMADA 02) VIAPLUS 5.000 OU EQUIVALENTE.","m²",81.37,67.73,5511.19]
["7.4.5.2","Tratamento de rodapé com tela de poliéster. af_09/2023","m",28.01,3.96,110.91]
["7.4.6.","PEITORIL"]
["7.4.6.1.","ESQUADRIAS"]
["7.4.6.1.1","Impermeabilização de superfície com argamassa polimérica / membrana acrílica, 3 demãos. af_09/2023","m2",9.26,25.33,234.55]
["7.4.6.2.","GRADE"]
["7.4.6.2.1","Impermeabilização de superfície com argamassa polimérica / membrana acrílica, 3 demãos. af_09/2023","m2",0.8,25.33,20.260000000000002]
["7.5.","REVESTIMENTO DE PAREDE INTERNA"]
["7.5.1.","CHAPISCO INTERNO"]
["7.5.1.1","Chapisco aplicado em alvenarias e estruturas de concreto internas, com colher de pedreiro.  argamassa traço 1:3 com preparo em betoneira 400l. af_10/2022","m2",1315.59,1.92,2525.9299999999998]
["7.5.2.","EMBOÇO/ MASSA ÚNICA INTERNO"]
["7.5.2.1","Massa única, em argamassa traço 1:2:8, preparo mecânico, aplicada manualmente em paredes internas de ambientes com área entre 5m² e 10m², e = 17,5mm, com taliscas. af_03/2024","m2",1090.8699999999999,30.63,33413.339999999997]
["7.5.3.","PINTURA DE PAREDE INTERNA"]
["7.5.3.1","Fundo selador acrílico, aplicação manual em parede, uma demão. af_04/2023","m2",675.3,3.81,2572.89]
["7.5.3.2","Emassamento com massa látex, aplicação em parede, duas demãos, lixamento manual. af_04/2023","m2",637.58000000000004,12.29,7835.85]
["7.5.3.3","Pintura látex acrílica premium, aplicação manual em paredes, duas demãos. af_04/2023","m2",637.58000000000004,11.61,7402.3]
["7.5.3.4","APLICAÇÃO MANUAL DE TEXTURA PREMIUM COM EFEITO CIMENTO QUEIMADO, REF.: DIA DE CHUVA DA SUVINIL OU EQUIVALENTE, EM PAREDES, UMA DEMÃO.","m²",37.71,85.97,3241.92]
["7.5.4.","REVESTIMENTO DE PAREDE EM PASTILHA/CERÂMICA"]
["7.5.4.1","FORNECIMENTO E ASSENTAMENTO DE PASTILHAS DE PORCELANA ESMALTADA 5X5CM, NA COR ÁBACO, REF: SG11550 DA ATLAS OU EQUIVALENTE TÉCNICO, ASSENTADO COM ARGAMASSA INDUSTRIALIZADA AC-III E REJUNTADO COM ARGAMASSA DE REJUNTAMENTO FLEXÍVEL E IMPERMEÁVEL NA COR CINZA PLATINA.","m²",57.96,154.46,8952.5]
["7.5.4.2","FORNECIMENTO DE REVESTIMENTO CERÂMICO NA COR BRANCA, ATLAS OU EQUIVALENTE TÉCNICO, DIMENSÕES APROXIMADAS 5X10CM, JUNTA RETA, ASSENTADA EM PISOS/PAREDES/TETOS, NO SENTIDO HORIZONTAL, COM ARGAMASSA COLANTE INDUSTRIALIZADA AC III E REJUNTADA COM ARGAMASSA DE REJUNTAMENTO FLEXÍVEL E IMPERMEÁVEL.","m²",210.52,115.92,24403.47]
["7.5.4.3","FORNECIMENTO E ASSENTAMENTO DE PORCELANATO RESISTENTE AO ESCORREGAMENTO STATE CEMENT EXT DA ELIANE OU EQUIVALENTE, 90 X 90 CM, ACABAMENTO RETIFICADO, ASSENTADO EM PISO OU PAREDE COM ARGAMASSA INDUSTRIALIZADA AC-III E REJUNTADO COM ARGAMASSA DE REJUNTAMENTO FLEXÍVEL E IMPERMEÁVEL.","m²",67.47,236.88,15982.29]
["7.5.5.","REVESTIMENTOS DIVERSOS"]
["7.5.5.1","FORNECIMENTO E INSTALAÇÃO DE REVESTIMENTO RIPADO DE MADEIRA ECOLÓGICA + HDPE (PAINEL), LINHA ARKOWOOD FP, PARA AMBIENTES INTERNOS, COR A DEFINIR, ARKOS OU EQUIVALENTE TÉCNICO, INCLUSIVE ESTRUTURA DE APOIO EM MADEIRA, MONTANTES COM ESPAÇAMENTO DE 80CM.","m²",88.86,782.24,69509.84]
["7.5.5.2","FORNECIMENTO E ASSENTAMENTO DE REVESTIMENTO VINÍLICO TARKETT COR LIGHT GRAY, EM PLACAS DE 60X60CM, LINHA AMBIENTA MAKE IT, TARKETT OU SIMILAR, ASSENTADO COM COLA DE CONTATO ESPECÍFICA.","m²",56.74,307.68,17457.759999999998]
["7.6.","REVESTIMENTO DE PAREDE EXTERNA"]
["7.6.1.","CHAPISCO EXTERNO"]
["7.6.1.1","Chapisco aplicado em alvenaria (com presença de vãos) e estruturas de concreto de fachada, com colher de pedreiro.  argamassa traço 1:3 com preparo em betoneira 400l. af_10/2022","m2",2855.11,5.88,16788.04]
["7.6.2.","EMBOÇO / MASSA UNICA EXTERNO"]
["7.6.2.1","Emboço ou massa única em argamassa traço 1:2:8, preparo mecânico com betoneira 400 l, aplicada manualmente em panos de fachada com presença de vãos, espessura de 25 mm. af_08/2022","m2",2586.21,44.28,114517.37]
["7.6.3.","PINTURA DE PAREDE EXTERNA"]
["7.6.3.1","APLICAÇÃO MANUAL DE PINTURA A CAL (CAIAÇÃO) EM PAREDES, DUAS DEMÃOS.","m²",1633.63,6.07,9916.1299999999992]
["7.6.4.","REVESTIMENTO DE PAREDE EM PASTILHA/CERÂMICA"]
["7.6.4.1","FORNECIMENTO E APLICAÇÃO DE JUNTA DE MASTIQUE, INCLUSIVE PREENCHIMENTO DA JUNTA COM TARUCEL 20MM.","m",32.74,68.38,2238.7600000000002]
["7.6.4.2","FORNECIMENTO E ASSENTAMENTO DE PASTILHAS DE PORCELANA ESMALTADA 5X5CM, NA COR ÁBACO, REF: SG11550 DA ATLAS OU EQUIVALENTE TÉCNICO, ASSENTADO COM ARGAMASSA INDUSTRIALIZADA AC-III E REJUNTADO COM ARGAMASSA DE REJUNTAMENTO FLEXÍVEL E IMPERMEÁVEL NA COR CINZA PLATINA.","m²",106.4,154.46,16434.54]
["7.6.4.3","FORNECIMENTO E ASSENTAMENTO DE PASTILHAS DE PORCELANA ESMALTADA 5X5CM, NA COR HAVANA, REF: SG7731 DA ATLAS OU EQUIVALENTE TÉCNICO, ASSENTADO COM ARGAMASSA INDUSTRIALIZADA AC-III E REJUNTADO COM ARGAMASSA DE REJUNTAMENTO FLEXÍVEL E IMPERMEÁVEL NA COR CINZA PLATINA.","m²",150.71,149.56,22540.18]
["7.6.4.4","FORNECIMENTO DE REVESTIMENTO CERÂMICO NA COR BRANCA, ATLAS OU EQUIVALENTE TÉCNICO, DIMENSÕES APROXIMADAS 5X10CM, JUNTA RETA, ASSENTADA EM PISOS/PAREDES/TETOS, NO SENTIDO HORIZONTAL, COM ARGAMASSA COLANTE INDUSTRIALIZADA AC III E REJUNTADA COM ARGAMASSA DE REJUNTAMENTO FLEXÍVEL E IMPERMEÁVEL.","m²",444.25,115.92,51497.46]
["7.7.","REVESTIMENTO DE TETO."]
["7.7.1.","CHAPISCO EXTERNO EM TETO"]
["7.7.1.1","Chapisco aplicado no teto ou em alvenaria e estrutura, com rolo para textura acrílica. argamassa traço 1:4 e emulsão polimérica (adesivo) com preparo em betoneira 400l. af_10/2022","m2",18.739999999999998,5.85,109.62]
["7.7.2.","CHAPISCO INTERNO EM TETO"]
["7.7.2.1","Chapisco aplicado no teto ou em alvenaria e estrutura, com rolo para textura acrílica. argamassa traço 1:4 e emulsão polimérica (adesivo) com preparo em betoneira 400l. af_10/2022","m2",43.53,5.85,254.65]
["7.7.3.","EMBOÇO / MASSA ÚNICA INTERNA EM TETO"]
["7.7.3.1","Massa única, em argamassa traço 1:2:8, preparo mecânico, aplicada manualmente em teto, e = 17,5mm, com taliscas. af_03/2024","m2",43.74,35.28,1543.14]
["7.7.4.","EMBOÇO / MASSA ÚNICA EXTERNA EM TETO"]
["7.7.4.1","Massa única, em argamassa traço 1:2:8, preparo mecânico, aplicada manualmente em teto, e = 17,5mm, com taliscas. af_03/2024","m2",18.73,35.28,660.79]
["7.7.5.","FORRO DE GESSO"]
["7.7.5.1","Forro em drywall, para ambientes comerciais, inclusive estrutura birecional de fixação. af_08/2023_ps","m2",29.63,61.83,1832.02]
["7.7.6.","FORRO REMOVÍVEL"]
["7.7.6.1","FORNECIMENTO E INSTALAÇÃO DE FORRO REMOVÍVEL EM PAINÉIS DE LÃ MINERAL, NA COR BRANCA, THERMATEX STAR DA AMF OU EQUIVALENTE, NAS DIMENSÕES DE 625X625MM, ESPESSURA DE 15MM, ESTRUTURADO COM PERFIS METÁLICOS COM ACABAMENTO NA COR BRANCA.","m²",372.42,94.53,35204.86]
["7.7.7.","PINTURA EM TETO"]
["7.7.7.1","Fundo selador acrílico, aplicação manual em teto, uma demão. af_04/2023","m2",40.64,4,162.56]
["7.7.7.2","Emassamento com massa látex, aplicação em teto, duas demãos, lixamento manual. af_04/2023","m2",40.64,22.12,898.95]
["7.7.7.3","PINTURA LÁTEX PVA, NA COR BRANCO NEVE, APLICAÇÃO MANUAL EM TETO, DUAS DEMÃOS.","m²",40.64,12.63,513.28]
["7.7.8.","REVESTIMENTO DE TETO."]
["7.7.8.1","FORNECIMENTO DE REVESTIMENTO CERÂMICO NA COR BRANCA, ATLAS OU EQUIVALENTE TÉCNICO, DIMENSÕES APROXIMADAS 5X10CM, JUNTA RETA, ASSENTADA EM PISOS/PAREDES/TETOS, NO SENTIDO HORIZONTAL, COM ARGAMASSA COLANTE INDUSTRIALIZADA AC III E REJUNTADA COM ARGAMASSA DE REJUNTAMENTO FLEXÍVEL E IMPERMEÁVEL.","m²",21.59,115.92,2502.71]
["7.8.","REVESTIMENTO  DE PISO INTERNO"]
["7.8.1.","CONTRAPISO"]
["7.8.1.1","Contrapiso em argamassa traço 1:4 (cimento e areia), preparo mecânico com betoneira 400 l, aplicado em áreas molhadas sobre laje, aderido, acabamento não reforçado, espessura 3cm. af_07/2021","m2",601.64,42.44,25533.599999999999]
["7.8.1.2","Contrapiso em argamassa traço 1:4 (cimento e areia), preparo mecânico com betoneira 400 l, aplicado em áreas secas sobre laje, aderido, acabamento não reforçado, espessura 3cm. af_07/2021","m2",358.29,34.06,12203.35]
["7.8.2.","REVESTIMENTO DE PISO E RODAPÉ"]
["7.8.2.1","FORNECIMENTO DE REVESTIMENTO CERÂMICO NA COR BRANCA, ATLAS OU EQUIVALENTE TÉCNICO, DIMENSÕES APROXIMADAS 5X10CM, JUNTA RETA, ASSENTADA EM PISOS/PAREDES/TETOS, NO SENTIDO HORIZONTAL, COM ARGAMASSA COLANTE INDUSTRIALIZADA AC III E REJUNTADA COM ARGAMASSA DE REJUNTAMENTO FLEXÍVEL E IMPERMEÁVEL.","m²",2,115.92,231.84]
["7.8.2.2","FORNECIMENTO E ASSENTAMENTO DE PORCELANATO RESISTENTE AO ESCORREGAMENTO STATE CEMENT EXT DA ELIANE OU EQUIVALENTE, 90 X 90 CM, ACABAMENTO RETIFICADO, ASSENTADO EM PISO OU PAREDE COM ARGAMASSA INDUSTRIALIZADA AC-III E REJUNTADO COM ARGAMASSA DE REJUNTAMENTO FLEXÍVEL E IMPERMEÁVEL.","m²",62.71,236.88,14854.74]
["7.8.2.3","FORNECIMENTO E ASSENTAMENTO DE PORCELANATO NATURAL STATE CEMENT NA DA ELIANE OU EQUIVALENTE, 90 X 90 CM, ACABAMENTO RETIFICADO, ASSENTADO EM PISO OU PAREDE COM ARGAMASSA INDUSTRIALIZADA AC-III E REJUNTADO COM ARGAMASSA DE REJUNTAMENTO FLEXÍVEL E IMPERMEÁVEL.","m²",354.87,211.36,75005.320000000007]
["7.8.2.4","PISO TÁTIL ELEMENTO ALERTA EM PVC, NA COR PRETA, FIXADO COM FITA TÉCNICA TIPO DUPLA FACE DE ALTA ADESÃO, FORNECIMENTO E ASSENTAMENTO.","m",5.15,56.77,292.36]
["7.8.2.5","PISO TÁTIL ELEMENTO DIRECIONAL EM PVC, NA COR PRETA, FIXADO COM FITA TÉCNICA TIPO DUPLA FACE DE ALTA ADESÃO, FORNECIMENTO E ASSENTAMENTO.","m",2.86,53.6,153.29]
["7.8.2.6","FORNECIMENTO E ASSENTAMENTO DE RODAPÉ EM GRANITO NATURAL POLIDO VERDE UBATUBA, ALTURA 10 CM, ESPESSURA 2,0 CM.","m",143.19999999999999,81.489999999999995,11669.36]
["7.8.2.7","FORNECIMENTO E ASSENTAMENTO DE RODAPÉ EM PORCELANATO RESISTENTE AO ESCORREGAMENTO STATE CEMENT EXT DA ELIANE OU EQUIVALENTE, 90 X 90 CM, ACABAMENTO RETIFICADO, COM 10CM DE ALTURA, ASSENTADO COM ARGAMASSA INDUSTRIALIZADA AC-III E REJUNTADO COM ARGAMASSA DE REJUNTAMENTO FLEXÍVEL E IMPERMEÁVEL.","m",89.98,25.29,2275.59]
["7.9.","REVESTIMENTO  DE PISO EXTERNO"]
["7.9.1.","REVESTIMENTO DE PISO"]
["7.9.1.1","FORNECIMENTO DE REVESTIMENTO CERÂMICO NA COR BRANCA, ATLAS OU EQUIVALENTE TÉCNICO, DIMENSÕES APROXIMADAS 5X10CM, JUNTA RETA, ASSENTADA EM PISOS/PAREDES/TETOS, NO SENTIDO HORIZONTAL, COM ARGAMASSA COLANTE INDUSTRIALIZADA AC III E REJUNTADA COM ARGAMASSA DE REJUNTAMENTO FLEXÍVEL E IMPERMEÁVEL.","m²",1.31,115.92,151.85]
["7.9.1.2","FORNECIMENTO E ASSENTAMENTO DE PORCELANATO RESISTENTE AO ESCORREGAMENTO STATE CEMENT EXT DA ELIANE OU EQUIVALENTE, 90 X 90 CM, ACABAMENTO RETIFICADO, ASSENTADO EM PISO OU PAREDE COM ARGAMASSA INDUSTRIALIZADA AC-III E REJUNTADO COM ARGAMASSA DE REJUNTAMENTO FLEXÍVEL E IMPERMEÁVEL.","m²",49.86,236.88,11810.83]
["7.9.2.","PINTURA DE PISO"]
["7.9.2.1","Pintura de piso com tinta acrílica, aplicação manual, 2 demãos, incluso fundo preparador. af_05/2021","m2",26.29,18.39,483.47]
["7.10.","ESQUADRIAS"]
["7.10.1.","VERGA-CONTRAVERGA EM CONCRETO"]
["7.10.1.1.","PORTAS"]
["7.10.1.1.1","Verga pré-moldada com até 1,5 m de vão, espessura de *20* cm. af_03/2024","m",43.99,24.93,1096.67]
["7.10.1.2.","JANELAS"]
["7.10.1.2.1","Contraverga pré-moldada, espessura de *20* cm. af_03/2024","m",45.15,24.33,1098.49]
["7.10.1.2.2","Verga pré-moldada com até 1,5 m de vão, espessura de *20* cm. af_03/2024","m",46.95,24.93,1170.46]
["7.10.2.","ESQUADRIA DE ALUMÍNIO"]
["7.10.2.1","PA01 - PORTA ALUMÍNIO ANODIZADO NA COR PRETA, TIPO GIRO E 05 FOLHAS FIXAS COM VENEZIANA EM ALUMÍNIO, VER DETALHE. FORNECIMENTO E INSTALAÇÃO (5,56 X 2,10).","un",1,13817.99,13817.99]
["7.10.2.2","PA02 - PORTA ALUMÍNIO ANODIZADO NA COR PRETA E VENEZIANA EM ALUMÍNIO, TIPO GIRO, VER DETALHE. FORNECIMENTO E INSTALAÇÃO (0,90 X 2,10).","un",2,2231.92,4463.84]
["7.10.2.3","PA03 - PORTA ALUMÍNIO ANODIZADO NA COR PRETA E VENEZIANA EM ALUMÍNIO, TIPO GIRO, 01 FOLHA, VER DETALHE. FORNECIMENTO E INSTALAÇÃO (1,10 X 1,80).","un",2,2050.1,4100.2]
["7.10.3.","ESQUADRIA DE ALUMÍNIO E VIDRO"]
["7.10.3.1","PAV01 - ESQUADRIA DE ALUMÍNIO ANODIZADO NA COR PRETA, TIPO GIRO (02 FOLHAS), MAXIMAR (04 FOLHAS) E FIXA (10 FOLHAS), COM VIDRO LAMINADO 6mm NA COR VERDE. FORNECIMENTO E INSTALAÇÃO (6,76X2,60M).","un",1,23068.45,23068.45]
["7.10.3.2","PAV02 - PORTA DUPLA DE ALUMÍNIO ANODIZADO NA COR PRETA, TIPO GIRO, 02 FOLHAS, COM VIDRO LAMINADO 6mm NA COR VERDE, VER DETALHE. FORNECIMENTO E INSTALAÇÃO (1,96X2,10M).","un",2,5219.9399999999996,10439.879999999999]
["7.10.3.3","JAV01 - JANELA DE ALUMÍNIO ANODIZADO NA COR PRETA, TIPO CORRER, 02 FOLHAS, COM VIDRO LAMINADO 6mm NA COR VERDE, VER DETALHE. FORNECIMENTO E INSTALAÇÃO (2,00X1,00M).","un",7,2518.79,17631.53]
["7.10.3.4","JAV02-JANELA DE ALUMÍNIO ANODIZADO NA COR PRETA, TIPO CORRER, 02 FOLHAS, PEITORIL FIXO, COM VIDRO JATEADO 6mm NA COR VERDE, VER DETALHE. FORNECIMENTO E INSTALAÇÃO (1,15X2,10M).","un",1,3039.28,3039.28]
["7.10.3.5","JAV03-JANELA DE ALUMÍNIO ANODIZADO NA COR PRETA, TIPO CORRER, 04 FOLHAS, COM VIDRO JATEADO 6mm NA COR VERDE, VER DETALHE. FORNECIMENTO E INSTALAÇÃO (2,40X0,60M).","un",3,1813.53,5440.59]
["7.10.3.6","JAV04 - JANELA DE ALUMÍNIO ANODIZADO NA COR PRETA, TIPO CORRER, 02 FOLHAS, COM VIDRO JATEADO 6mm NA COR VERDE, VER DETALHE. FORNECIMENTO E INSTALAÇÃO (1,00X0,60M).","un",6,755.63,4533.78]
["7.10.3.7","JAV05-JANELA DE ALUMÍNIO ANODIZADO NA COR PRETA, 02 FOLHAS, TIPO PIVOTANTE, BANDEIRA FIXA, COM VIDRO JATEADO 6mm NA COR VERDE, VER DETALHE. FORNECIMENTO E INSTALAÇÃO (0,55X4,30 M).","un",2,3093.12,6186.24]
["7.10.3.8","V01 - JANELA DE ALUMÍNIO ANODIZADO NA COR PRETA, TIPO FIXA, 01 FOLHA, COM VIDRO LAMINADO 6mm NA COR VERDE COM PELÍCULA REFLETIVA, VER DETALHE. FORNECIMENTO E INSTALAÇÃO (1,50X1,00M).","un",1,1500.58,1500.58]
["7.10.4.","ESQUADRIAS DE MADEIRA E ACESSÓRIOS"]
["7.10.4.1","PORTA PIVOTANTE DE MADEIRA, PINTURA EM ESMALTE SINTÉTICO ACRÍLICO COM ACABAMENTO ACETINADO NA COR PRETA, SEMI-OCA (LEVE OU MÉDIA), PADRÃO MÉDIO, 90X210CM, ESPESSURA DE 3,5CM, COM UM LADO REVESTIDO EM REVESTIMENTO RIPADO DE MADEIRA ECOLÓGICA (ARKOWOOD FP, ARKOS OU EQUIVALENTE), ACABAMENTO TIPO PORTA OCULTA. ITENS INCLUSOS: DOBRADIÇAS, MONTAGEM E INSTALAÇÃO DO BATENTE, SEM FECHADURA - FORNECIMENTO E INSTALAÇÃO.","un",1,1887.17,1887.17]
["7.10.4.2","KIT DE PORTA PRONTA DE MADEIRA, TIPO GIRO, PINTURA EM ESMALTE SINTÉTICO ACRÍLICO COM ACABAMENTO ACETINADO NA COR PRETA, SEMI-OCA (LEVE OU MÉDIA), PADRÃO MÉDIO, 90X210CM, ESPESSURA DE 3,5CM, ITENS INCLUSOS: DOBRADIÇAS, MONTAGEM E INSTALAÇÃO DO BATENTE, SEM FECHADURA - FORNECIMENTO E INSTALAÇÃO.","un",19,867.35,16479.650000000001]
["7.10.4.3","KIT DE PORTA PRONTA DE MADEIRA, TIPO GIRO, PINTURA EM ESMALTE SINTÉTICO ACRÍLICO COM ACABAMENTO ACETINADO NA COR PRETA, SEMI-OCA (LEVE OU MÉDIA), PADRÃO MÉDIO, 70X210CM, ESPESSURA DE 3,5CM, ITENS INCLUSOS: DOBRADIÇAS, MONTAGEM E INSTALAÇÃO DO BATENTE, SEM FECHADURA - FORNECIMENTO E INSTALAÇÃO.","un",2,781.37,1562.74]
["7.10.4.4","KIT DE PORTA PRONTA DE MADEIRA, TIPO GIRO, PINTURA EM ESMALTE SINTÉTICO ACRÍLICO COM ACABAMENTO ACETINADO NA COR PRETA, SEMI-OCA (LEVE OU MÉDIA), PADRÃO MÉDIO, 90X210CM, ESPESSURA DE 3,5CM, INCLUSIVE CHAPA DE AÇO INOX NA BASE DOS DOIS LADOS H=0,40M, BANHEIRO PCD, ITENS INCLUSOS: DOBRADIÇAS, MONTAGEM E INSTALAÇÃO DO BATENTE, SEM FECHADURA - FORNECIMENTO E INSTALAÇÃO.","un",2,1034.2,2068.4]
["7.10.5.","ACESSÓRIOS"]
["7.10.5.1","FORNECIMENTO E INSTALAÇÃO DE MOLA AÉREA FECHA PORTA, PRATA, PARA PORTAS DE TRÁFEGO LEVE, COM LARGURA MENOR QUE 95 CM, FORÇA DE FECHAMENTO 2/3 CONTROLADA POR MEIO DE AJUSTES DA MOLA E DO BRAÇO, PESO MÁXIMO DA PORTA DE 60KG. ","un",7,187.61,1313.27]
["7.10.5.2","Fechadura de embutir para portas internas, completa, acabamento padrão médio, com execução de furo - fornecimento e instalação. af_12/2019","un",23,135.52000000000001,3116.96]
["7.10.5.3","FECHADURA TRINCO ROLETE INOX PARA PORTA PIVOTANTE, ROSETA QUADRADA, REF. 1005 STAM OU EQUIVALENTE, COM EXECUÇÃO DE FURO - FORNECIMENTO E INSTALAÇÃO.","un",1,180.96,180.96]
["7.10.6.","PORTA INTERNA DOS WC´S"]
["7.10.6.1","FORNECIMENTO E INSTALAÇÃO DE DIVISÓRIA SANITÁRIA COM PAINÉIS EM LAMINADO ESTRUTURAL TS, NA COR CINZA, NEOCOM OU EQUIVALENTE TÉCNICO","m²",13.1,1434.72,18794.830000000002]
["7.10.6.2","FORNECIMENTO E INSTALAÇÃO DE PORTA PARA DIVISÓRIA SANITÁRIA COM PAINÉIS EM LAMINADO ESTRUTURAL TS, NA COR BEGE/CINZA CLARO, NEOCOM OU EQUIVALENTE TÉCNICO, DIMENSÕES = 0,60X1,60M","un",5,1377.33,6886.65]
["7.11.","MÁRMORES E GRANITOS"]
["7.11.1.","BALCÃO E BANCADA EM GRANITO"]
["7.11.1.1","FORNECIMENTO E INSTALAÇÃO DE BANCADA EM GRANITO NATURAL POLIDO VERDE UBATUBA, ESPESSURA DE 2CM, TAMPO SUPERIOR COM AS MEDIDAS DE (1,20x0,65x2 + 1,60x0,75)M, ACABAMENTO RETO, COM PAREDES EXTERNAS REVESTIDAS EM GRANITO, CONFORME DETALHE BG01 (BANCADA DO JUIZ).","un",1,4533.92,4533.92]
["7.11.1.2","FORNECIMENTO E INSTALAÇÃO DE BANCADA EM GRANITO NATURAL POLIDO VERDE UBATUBA, ESPESSURA DE 2CM, TAMPO SUPERIOR COM AS MEDIDAS DE (1,60x0,60)M, ACABAMENTO RETO, COM PAREDES EXTERNAS REVESTIDAS EM GRANITO, CONFORME DETALHE BG02 (BANCADA DO DEFENSOR E PROMOTOR).","un",2,1737.46,3474.92]
["7.11.1.3","FORNECIMENTO E INSTALAÇÃO DE BANCADA EM GRANITO NATURAL POLIDO VERDE UBATUBA, ESPESSURA DE 2CM, TAMPO SUPERIOR COM AS MEDIDAS DE (5,00x0,60)M, ACABAMENTO RETO, COM PAREDES EXTERNAS REVESTIDAS EM GRANITO, CONFORME DETALHE BG03 (BANCADA DOS JURADOS).","un",1,6276.95,6276.95]
["7.11.1.4","FORNECIMENTO E INSTALAÇÃO DE BANCADA EM GRANITO NATURAL POLIDO VERDE UBATUBA, ESPESSURA DE 2CM, TAMPO SUPERIOR COM AS MEDIDAS DE (5,00x0,23)M, ACABAMENTO RETO, COM PAREDES EXTERNAS REVESTIDAS EM GRANITO, CONFORME DETALHE BG04 (BANCADA DOS JURADOS 2).","un",1,5018.12,5018.12]
["7.11.1.5","FORNECIMENTO E INSTALAÇÃO DE BANCADA EM GRANITO NATURAL POLIDO VERDE UBATUBA, ESPESSURA DE 2CM, TAMPO SUPERIOR COM AS MEDIDAS DE (2,80x0,85+1,30X0,62)M, ACABAMENTO RETO, COM PAREDES EXTERNAS REVESTIDAS EM GRANITO, CONFORME DETALHE BG05 (BANCADA DA RECEPÇÃO).","un",1,5367.74,5367.74]
["7.11.1.6","FORNECIMENTO E INSTALAÇÃO DE BANCADA EM GRANITO NATURAL POLIDO VERDE UBATUBA, ESPESSURA DE 2CM, TAMPO SUPERIOR COM AS MEDIDAS DE (2,15x0,55)M, ACABAMENTO RETO, COM ABERTURA PARA CUBAS DE EMBUTIR, CONFORME DETALHE BG06.","un",1,1381.93,1381.93]
["7.11.1.7","FORNECIMENTO E INSTALAÇÃO DE BANCADA EM GRANITO NATURAL POLIDO VERDE UBATUBA, ESPESSURA DE 2CM, TAMPO SUPERIOR COM AS MEDIDAS DE (2,15x0,55)M, ACABAMENTO RETO, COM ABERTURA PARA CUBAS DE EMBUTIR, CONFORME DETALHE BG07.","un",1,1381.93,1381.93]
["7.11.1.8","FORNECIMENTO E INSTALAÇÃO DE BANCADA EM GRANITO NATURAL POLIDO VERDE UBATUBA, ESPESSURA DE 2CM, TAMPO SUPERIOR COM AS MEDIDAS DE (2,50x0,55)M, ACABAMENTO RETO, COM ABERTURA PARA CUBA DE EMBUTIR, CONFORME DETALHE BG08.","un",1,1155.23,1155.23]
["7.11.1.9","FORNECIMENTO E INSTALAÇÃO DE BANCADA EM GRANITO NATURAL POLIDO VERDE UBATUBA, ESPESSURA DE 2CM, TAMPO SUPERIOR COM AS MEDIDAS DE (1,00x0,50)M, ACABAMENTO RETO, COM ABERTURA PARA CUBA DE EMBUTIR, CONFORME DETALHE BG09/BG10.","un",1,635.70000000000005,635.70000000000005]
["7.11.1.10","FORNECIMENTO E INSTALAÇÃO DE BANCADA EM GRANITO NATURAL POLIDO VERDE UBATUBA, ESPESSURA DE 2CM, TAMPO SUPERIOR COM AS MEDIDAS DE (1,00x0,50)M, ACABAMENTO RETO, COM ABERTURA PARA CUBA DE EMBUTIR, CONFORME DETALHE BG09/BG10.","un",1,635.70000000000005,635.70000000000005]
["7.11.1.11","FORNECIMENTO E INSTALAÇÃO DE MONTANTE EM GRANITO NATURAL BIPOLIDO VERDE UBATUBA, COM 2CM DE ESPESSURA, H=1,80M, ENGASTADO EM PAREDE/PISO, ACABAMENTO RETO, PARA DIVISÃO DOS BANHEIROS E MICTÓRIO, CONFORME DETALHES.","m²",2.34,680.34,1591.99]
["7.11.2.","CHAPIM DE GRANITO"]
["7.11.2.1","FORNECIMENTO E ASSENTAMENTO DE CHAPIM EM GRANITO VERDE UBATUBA, ACABAMENTO RETO, L = 10 CM, ASSENTADO COM ARGAMASSA 1:6 COM ADITIVO. ","m",15.08,69.98,1055.29]
["7.11.2.2","FORNECIMENTO E ASSENTAMENTO DE CHAPIM EM GRANITO VERDE UBATUBA, ACABAMENTO RETO, L = 25 CM, ASSENTADO COM ARGAMASSA 1:6 COM ADITIVO. ","m",10.6,164.49,1743.59]
["7.11.3.","ESPELHO DE GRANITO"]
["7.11.3.1","FORNECIMENTO E INSTALAÇÃO DE DIVIBOX EM GRANITO NATURAL BIPOLIDO VERDE UBATUBA, ALTURA 6 CM, ESPESSURA 2,0 CM.","m",1.3,55.6,72.28]
["7.11.3.2","FORNECIMENTO E INSTALAÇÃO DE ESPELHO EM GRANITO NATURAL POLIDO VERDE UBATUBA, ALTURA 17,5CM, ESPESSURA 2,0 CM.","m",20.43,94.7,1934.72]
["7.11.3.3","FORNECIMENTO E INSTALAÇÃO DE ESPELHO EM GRANITO NATURAL POLIDO VERDE UBATUBA, ALTURA 10 CM, ESPESSURA 2,0 CM.","m",20.9,81.489999999999995,1703.14]
["7.11.3.4","FORNECIMENTO E INSTALAÇÃO DE ESPELHO EM GRANITO NATURAL POLIDO VERDE UBATUBA, COM FRISO, ACABAMENTO RETO, ALTURA 15 CM, ESPESSURA 2,0 CM.","m",11.32,107.66,1218.71]
["7.11.3.5","FORNECIMENTO E INSTALAÇÃO DE ESPELHO EM GRANITO NATURAL POLIDO VERDE UBATUBA, ALTURA 15 CM, ESPESSURA 2,0 CM.","m",10.119999999999999,81.180000000000007,821.54]
["7.11.4.","REVESTIMENTO DE PAREDE"]
["7.11.4.1","REVESTIMENTO PARA PISO OU PAREDE EM GRANITO VERDE UBATUBA, E=2CM, APLICADO COM ARGAMASSA INDUSTRIALIZADA AC-III, REJUNTADO, EXCLUSIVE EMBOÇO.","m²",4.47,466.6,2085.6999999999998]
["7.11.5.","MOLDURA DE GRANITO"]
["7.11.5.1","FORNECIMENTO E INSTALAÇÃO DE MOLDURA EM GRANITO VERDE UBATUBA, E=2CM, APLICADO COM ARGAMASSA INDUSTRIALIZADA AC-III E REJUNTADO.","m²",9.65,484.25,4673.01]
["7.11.6.","SOLEIRAS"]
["7.11.6.1","FORNECIMENTO E INSTALAÇÃO DE SOLEIRA EM GRANITO VERDE UBATUBA, LARGURA 15 CM, ESPESSURA 2,0 CM.","m",17.97,81.349999999999994,1461.85]
["7.11.6.2","FORNECIMENTO E INSTALAÇÃO DE SOLEIRA EM GRANITO VERDE UBATUBA, LARGURA 25 CM, ESPESSURA 2,0 CM.","m",2.84,135.63999999999999,385.21]
["7.12.","AGENCIAMENTO EXTERNO"]
["7.12.1.","ESTACIONAMENTOS"]
["7.12.1.1","Pintura de demarcação de vaga com tinta acrílica, e = 10 cm, aplicação manual. af_05/2021","m",81.75,3.55,290.20999999999998]
["7.12.1.2","Pintura de piso com tinta acrílica, aplicação manual, 2 demãos, incluso fundo preparador. af_05/2021","m2",5.52,18.39,101.51]
["7.12.1.3","EXECUÇÃO DE PISO TÁTIL DE ALERTA, EM LAJOTA DE CONCRETO, COM DIMENSÕES 25X25CM, NA COR AMARELA, ASSENTADO COM ARGAMASSA TRAÇO 1:6, APLICADO SOBRE LASTRO DE CONCRETO.","m²",8.81,147.11000000000001,1296.03]
["7.12.1.4","EXECUÇÃO DE PISO TÁTIL DIRECIONAL, EM LAJOTA DE CONCRETO, COM DIMENSÕES 25X25CM, NA COR AMARELA, ASSENTADO COM ARGAMASSA TRAÇO 1:6, APLICADO SOBRE LASTRO DE CONCRETO.","m²",9.8699999999999992,147.11000000000001,1451.97]
["7.12.2.","PISO DE CONCRETO"]
["7.12.2.1","EXECUÇÃO DE PASSEIO (CALÇADA) OU PISO DE CONCRETO COM CONCRETO MOLDADO IN LOCO FCK = 20 MPA, FEITO EM OBRA, ACABAMENTO CONVENCIONAL, ESPESSURA 10 CM, NÃO ARMADO.","m²",363.09,72.56,26345.81]
["7.12.3.","PISO INTERTRAVADO / MEIO-FIO"]
["7.12.3.1","ASSENTAMENTO DE GUIA (MEIO-FIO) EM TRECHO CURVO/RETO, CONFECCIONADA EM CONCRETO PRÉ-FABRICADO, DIMENSÕES 100X15X13X30 CM (COMPRIMENTO X BASE INFERIOR X BASE SUPERIOR X ALTURA).","m",369.31,46.61,17213.53]
["7.12.3.2","EXECUÇÃO DE PAVIMENTO EM PISO INTERTRAVADO, COM BLOCO RETANGULAR COR NATURAL DE 20 X 10 CM, ESPESSURA 8 CM. INCLUINDO COLCHÃO DE AREIA DE E= 6CM E COM REJUNTAMENTO DE AREIA.","m²",19.2,67.83,1302.33]
["7.12.3.3","EXECUÇÃO DE PAVIMENTO EM PISO INTERTRAVADO, COM BLOCO RETANGULAR COR COLORIDO DE 20 X 10 CM, ESPESSURA 8 CM. INCLUINDO COLCHÃO DE AREIA DE E= 6CM, ASSENTADO EM ESCAMA DE PEIXE E COM REJUNTAMENTO DE AREIA.","m²",226.03,82.68,18688.16]
["7.12.3.4","CONSTRUÇÃO DE LINHA D'ÁGUA COM PARALELEPÍPEDOS GRANÍTICOS, ASSENTADOS SOBRE MISTURA DE CIMENTO E AREIA NO TRAÇO 1:6, COM 6 CM DE ESPESSURA E REJUNTADOS COM ARGAMASSA DE CIMENTO E AREIA, NO TRAÇO 1:2, INCLUSIVE BASE DE CONCRETO 1:4:8, COM 10 CM DE ESPESSURA.","m",27.85,45.11,1256.31]
["7.12.3.5","MEIO FIO RAMPADO PARA ACESSIBILIDADE EM CONCRETO MOLDADO IN LOCO, EM CALÇADA NOVA, FCK 20MPA, COM PISO PODOTÁTIL.","m²",5.66,106.26,601.42999999999995]
["7.12.4.","PAISAGISMO"]
["7.12.4.1","FORNECIMENTO E PLANTIO DE BROMÉLIA, COM CERCA DE 1,00M DE ALTURA, INCLUINDO PREPARAÇÃO DE COVA COM 40 X 40 X 40 CM, COM TERRA VEGETAL, ESTRUME BOVINO E ADUBO NPK.","un",56,127.62,7146.72]
["7.12.4.2","FORNECIMENTO E PLANTIO DE MUDA DE AGAVE, MÍNIMO 20 CM DE ALTURA, INCLUINDO COM TERRA VEGETAL, ESTRUME BOVINO E ADUBO NPK.","un",34,66.42,2258.2800000000002]
["7.12.4.3","FORNECIMENTO E COLOCAÇÃO DE CASCALHO DE CASCA DE PINUS.","m²",33.090000000000003,45.94,1520.15]
["7.12.4.4","FORNECIMENTO E PLANTIO DE IPÊ AMARELO, COM CERCA DE 1,00M DE ALTURA, INCLUINDO PREPARAÇÃO DE COVA COM 40 X 40 X 40 CM, COM TERRA VEGETAL, ESTRUME BOVINO E ADUBO NPK.","un",6,87.64,525.84]
["7.12.4.5","FORNECIMENTO E PLANTIO DE IPÊ ROXO, COM CERCA DE 1,00M DE ALTURA, INCLUINDO PREPARAÇÃO DE COVA COM 40 X 40 X 40 CM, COM TERRA VEGETAL, ESTRUME BOVINO E ADUBO NPK.","un",6,91.25,547.5]
["7.12.4.6","FORNECIMENTO E PLANTIO DE COROA DE FRADE, COM CERCA DE 0,10M DE ALTURA, INCLUINDO TERRA VEGETAL, ESTRUME BOVINO E ADUBO NPK.","un",29,92.3,2676.7]
["7.12.4.7","FORNECIMENTO E PLANTIO DE JUAZEIRO, COM CERCA DE 1,00M DE ALTURA, INCLUINDO PREPARAÇÃO DE COVA COM 40 X 40 X 40 CM, COM TERRA VEGETAL, ESTRUME BOVINO E ADUBO NPK.","un",2,168.41,336.82]
["7.12.4.8","FORNECIMENTO E PLANTIO DE MANDACARU, COM CERCA DE 0,30M DE ALTURA, INCLUINDO TERRA VEGETAL, ESTRUME BOVINO E ADUBO NPK.","un",47,96.08,4515.76]
["7.12.4.9","FORNECIMENTO E COLOCAÇÃO DE JARRO CERÂMICO, COM 40CM DE DIÂMETRO E 70CM DE ALTURA, INCLUSIVE TRANSPORTE HORIZONTAL.","un",10,211.33,2113.3000000000002]
["7.12.4.10","FORNECIMENTO E PLANTIO DE GRAMA BATATAIS EM PLACAS, INCLUSIVE PREPARAÇÃO DE SOLO (TERRA VEGETAL E FERTILIZANTE).","m²",246.47,28.38,6994.81]
["7.12.5.","PISO PARALELEPÍPEDO"]
["7.12.5.1","Execução de pavimento em paralelepípedos, rejuntamento com argamassa traço 1:3 (cimento e areia). af_05/2020","m2",378.23,73.38,27754.51]
["7.13.","FUNDAÇÃO"]
["7.13.1.","ALVENARIA DE VEDAÇÃO"]
["7.13.1.1","Alvenaria de vedação de blocos cerâmicos furados na horizontal de 9x19x19 cm (espessura 9 cm) e argamassa de assentamento com preparo em betoneira. af_12/2021","m2",463.01,67.67,31331.88]
["7.13.1.2","Escavação manual de vala. af_09/2024","m3",98.65,27.32,2695.11]
["7.13.1.3","Aterro manual de valas com solo argilo-arenoso. af_08/2023","m3",16.2,67.19,1088.47]
["7.13.1.4","REATERRO MANUAL APILOADO COM SOQUETE.","m³",64.81,54.23,3514.64]
["7.13.1.5","REMOÇÃO DE MATERIAL DE PRIMEIRA CATEGORIA EM CAMINHÃO BASCULANTE, D.M.T. 6 KM, INCLUSIVE CARGA MANUAL E DESCARGA MECÂNICA.","m³",44,48.64,2140.16]
["7.13.1.6","Transporte horizontal com jerica de 60 l, de massa/ granel (unidade: m3xkm). af_07/2019","m3xkm",0.88,798.79,702.93]
["7.14.","INSTALAÇÕES HIDROSSANITÁRIAS (LOUÇAS, METAIS E ACESSÓRIOS SANITÁRIOS)"]
["7.14.1.","ACESSORIOS /ACABAMENTO PARA WC´S"]
["7.14.1.1","FORNECIMENTO E INSTALAÇÃO DE DISPENSER DE PAPEL HIGIÊNICO ROLO 300M, DE SOBREPOR, EM INOX, MARCA GLOBO OU EQUIVALENTE.","un",9,148.71,1338.39]
["7.14.1.2","FORNECIMENTO E ASSENTAMENTO DE PORTA PAPEL TOALHA, TOALHEIRO EM PLÁSTICO ABS, PARA PAPEL TOALHA INTERFOLHEADO DA SANTHER, MILCLEAN, LALEKA DA DIXHIGIENE OU EQUIVALENTE.","un",7,94.82,663.74]
["7.14.1.3","Saboneteira plastica tipo dispenser para sabonete liquido com reservatorio 800 a 1500 ml, incluso fixação. af_01/2020","un",7,85.18,596.26]
["7.14.1.4","FORNECIMENTO DE ESPELHO CRISTAL 4MM, COLOCADO SOBRE CHAPAS DE ISOPOR, FIXADO COM PARAFUSO DE AÇO GALVANIZADO, INCLUSIVE ASSENTAMENTO","m²",5.05,376.21,1899.86]
["7.14.2.","LOUÇAS E METAIS SANITÁRIOS"]
["7.14.2.1","FORNECIMENTO E FIXAÇÃO DE ASSENTO PARA BACIA SANITÁRIA SEM ABERTURA FRONTAL, EM POLIESTER, COM FIXAÇÃO CROMADA, REF. AP23 DA DECA OU EQUIVALENTE.","un",2,431.27,862.54]
["7.14.2.2","FORNECIMENTO E FIXAÇÃO DE ASSENTO PARA BACIA SANITÁRIA PP COM CAIXA ACOPLADA, LINHA UNIVERSAL, CELITE OU EQUIVALENTE.","un",7,39.94,279.58]
["7.14.2.3","FORNECIMENTO E ASSENTAMENTO DE BACIA SANITÁRIA LINHA AZALEA, REF. 91351, CELITE OU EQUIVALENTE, COM CAIXA DE DESCARGA ACOPLADA, SISTEMA ECOFLUSH 3/6, REF. 91570, COR BRANCA.","un",7,860.24,6021.68]
["7.14.2.4","FORNECIMENTO E INSTALAÇÃO DE BACIA SANITÁRIA CONVENCIONAL SEM ABERTURA FRONTAL, LINHA ACESSO CONFORT, REF. 31310 CELITE OU EQUIVALENTE.","un",2,675.82,1351.64]
["7.14.2.5","BACIA TURCA COM TUBO DE LIGAÇÃO, COR BRANCA (08251), LINHA TURCA - LOUÇAS CELITE OU EQUIVALENTE TÉCNICO -  FORNECIMENTO E INSTALAÇÃO.","un",2,734.1,1468.2]
["7.14.2.6","CHUVEIRO ELÉTRICO PLÁSTICO, RESISTÊNCIA BLINDADA, BRAÇO CHUVEIRO INCLUSO - FORNECIMENTO E INSTALAÇÃO.","un",1,245.72,245.72]
["7.14.2.7","Barra de apoio reta, em aco inox polido, comprimento 80 cm,  fixada na parede - fornecimento e instalação. af_01/2020","un",8,310.14999999999998,2481.1999999999998]
["7.14.2.8","BARRA DE APOIO RETA, EM ACO INOX POLIDO, COMPRIMENTO 40CM, FIXADA COM PARAFUSOS - FORNECIMENTO E INSTALAÇÃO.","un",6,257.74,1546.44]
["7.14.2.9","CUBA DE EMBUTIR OVAL EM LOUÇA BRANCA, 35 X 50CM OU EQUIVALENTE, REF. CE1761170777300 DA CELITE OU EQUIVALENTE - FORNECIMENTO E INSTALAÇÃO.","un",6,130.12,780.72]
["7.14.2.10","FORNECIMENTO E INSTALAÇÃO DE CUBA DE AÇO INOX RETANGULAR 46X30X12CM, FABRICAÇÃO TRAMONTINA OU EQUIVALENTE, INCLUSIVE ENGATE FLEXÍVEL.","un",1,213.59,213.59]
["7.14.2.11","FORNECIMENTO E INSTALAÇÃO DE DUCHA HIGIÊNICA COM REGISTRO E DERIVAÇÃO, LINHA LINK, REF.: 1984.C.ACT.LNK.CR, DA DECA OU EQUIVALENTE TÉCNICO.","un",2,431.42,862.84]
["7.14.2.12","FORNECIMENTO E INSTALAÇÃO DE ACABAMENTO PARA VÁLVULA DE DESCARGA LINHA ECO CONFORTO, HYDRA OU EQUIVALENTE","un",2,671.87,1343.74]
["7.14.2.13","FORNECIMENTO E INSTALAÇÃO DE LAVATÓRIO DE LOUÇA COM COLUNA SUSPENSA, LINHA ACESSO, CÓD.31055, CELITE OU EQUIVALENTE.","un",3,647.09,1941.27]
["7.14.2.14","FORNECIMENTO E ASSENTAMENTO DE MICTÓRIO DE LOUÇA BRANCA COM SIFÃO INTEGRADO E MEDIDA 33X28X53 CM FERRAGENS EM METAL CROMADO E TUBO DE LIGAÇÃO 1/2\", REF. M.715.37 DA DECA OU EQUIVALENTE.","un",1,572.41,572.41]
["7.14.2.15","TANQUE DE LOUÇA BRANCA COM COLUNA, 30L OU EQUIVALENTE, INCLUSO O ENGATE FLEXÍVEL EM PVC, REF. TQ.02.17 DA DECA OU EQUIVALENTE - FORNECIMENTO E INSTALAÇÃO","un",1,678.26,678.26]
["7.15.","IDENTIDADE VISUAL"]
["7.15.1","FORNECIMENTO E FIXAÇÃO DE BRASÃO DO ESTADO DE PERNAMBUCO EM LATÃO FUNDIDO, ALTO RELEVO, NAS DIMENSÕES APROXIMADAS 0,70M X 0,71M, INCLUSIVE PARAFUSOS DE INOX, CONFORME MODELO.","un",1,28622.95,28622.95]
["7.15.2","FORNECIMENTO E ASSENTAMENTO DE MASTRO PARA BANDEIRA EM TUBO DE FERRO GALVANIZADO DE 2 1/2¨, 2¨ E 1 1/2\", TRIPLO, COMPRIMENTO TOTAL 19M (9,12M X 2\" 1/2 + 7,78M X 2\" + 2,10M X 1 1/2\"), CONFORME DETALHES, INCLUSIVE PINTURA ANTICORROSIVA E PINTURA EM ESMALTE SINTÉTICO, COR A DEFINIR.","un",1,1653.43,1653.43]
["7.15.3","FORNECIMENTO E ASSENTAMENTO DE LETREIRO \"RECEPÇÃO\" COM LETRAS TIPO MINÚSCULA, FONTE ARIAL, COM 10mm DE PROFUNDIDADE, ALTURA COM 100mm, EM ACRÍLICO NA COR BRANCA, COM FIXAÇÃO EM DUPLA FACE . (CONFORME DETALHE)","un",9,156.15,1405.35]
["7.15.4","INSTALAÇÃO DE LETREIRO \"DES. BENILDES DE SOUZA RIBEIRO\" COM LETRAS TIPO CAIXA, FONTE ARIAL BLACK, COM 5cm DE PROFUNDIDADE, ALTURA COM 20cm, CHAPA 20, EM AÇO INOX 316L ESCOVADO, COM SISTEMA DE FIXAÇÃO EM PREGOS E BUCHAS OU PERFIL TIPO \"L\". (CONFORME DETALHE) (NÃO INCLUI FORNECIMENTO)","un",26,23.73,616.98]
["7.15.5","INSTALAÇÃO DE LETREIRO \"FÓRUM DE LAGOA GRANDE\" COM LETRAS TIPO CAIXA, FONTE ARIAL BLACK, COM 5cm DE PROFUNDIDADE, ALTURA COM 30cm, CHAPA 20, EM AÇO INOX 316L ESCOVADO, COM SISTEMA DE FIXAÇÃO EM PREGOS E BUCHAS OU PERFIL TIPO \"L\". (CONFORME DETALHE) (NÃO INCLUI FORNECIMENTO)","un",19,23.73,450.87]
["7.16.","COBERTA"]
["7.16.1","Telhamento com telha estrutural de fibrocimento e= 8 mm, com até 2 águas, incluso içamento. af_07/2019_ps","m2",374.19,135.11000000000001,50556.81]
["7.16.2","FORNECIMENTO E FIXAÇÃO DE CUMEEIRA NORMAL EM FIBROCIMENTO PARA TELHA DE 8mm, INCLUSIVE IÇAMENTO","m",30.69,60.25,1849.07]
["7.16.3","TRAMA DE MADEIRA COMPOSTA POR TERÇAS PARA TELHADOS DE ATÉ 2 ÁGUAS PARA TELHA ESTRUTURAL DE FIBROCIMENTO, INCLUSO TRANSPORTE VERTICAL.","m",278.66000000000003,42.11,11734.37]
["7.16.4","PINTURA IMPERMEABILIZANTE COM MANTA LÍQUIDA, 3 DEMÃOS, VEDACIT (VEDAPREN PAREDE BRANCO), SIKA (IGOLFLEX FACHADA BRANCO), QUARTZOLIT, CORAL (PROTEÇÃO SOL E CHUVA), BAUTECH OU EQUIVALENTE.","m²",25.09,35.65,894.45]
["7.16.5","RUFO EM CONCRETO ARMADO, FCK=20 MPA, LARGURA 30CM, ESPESSURA 5CM.","m",83.64,37.68,3151.55]
["7.16.6","FORNECIMENTO E INSTALAÇÃO DE CHAPIM SOBRE MUROS LINEARES, EM CONCRETO PRÉ-MOLDADO, L = 24 CM, ASSENTADO COM ARGAMASSA.","m",185.25,31.65,5863.16]
["7.17.","SERRALHARIA"]
["7.17.1.","BICICLETÁRIO"]
["7.17.1.1","FORNECIMENTO E INSTALAÇÃO DE BICICLETÁRIO MODELO U INVERTIDO (TIPO INGLÊS - SHEFFIELD), DIMENSÕES 75 CM X 75 CM EM TUBO DE FERRO COM Ø 5CM, COM PINTURA ELETROSTÁTICA NA COR PRATA, INCLUSIVE COM BARRA DE SEGURANÇA PARA DEFICIENTES VISUAIS, FIXAÇÃO EM BASE FERRO COM 4 PARAFUSOS, SOBRE PISO EXISTENTE.","un",5,519.79,2598.9499999999998]
["7.17.2.","CORRIMÃO"]
["7.17.2.1","FORNECIMENTO E INSTALAÇÃO DE CONJUNTO DE GUARDA-CORPO COM CORRIMÃO EM AÇO INOX ESCOVADO EM \"L\", SENDO O GUARDA-CORPO COM DIÂMETRO Ø= DE 1 E 1/2\", ALTURA DE h=1,10 m, LONGARINAS INTERMEDIÁRIAS COM DIÂMETRO Ø= DE 1/2\" COM ALTURAS DE h=0,50 m E h=0,25 m DO PISO, E MONTANTES COM DIÂMETRO Ø= DE 1 E 1/2\" FIXADOS NO PISO. CORRIMÃO DUPLO COM DIÂMETRO Ø= DE 1 E 1/2\", ALTURAS DE h=0,92 m (PARTE SUPERIOR) E h=0,70 m (PARTE INFERIOR). ","m",18.75,1050.3699999999999,19694.43]
["7.17.2.2","FORNECIMENTO E INSTALAÇÃO DE CORRIMÃO EM AÇO INOX ESCOVADO DE Ø=1 E 1/2, DUPLO, ALTURAS h= 0,92 (SUPERIOR) E h=0,70 m (INFERIOR) FIXADO NA PAREDE.","m",5.16,286.14,1476.48]
["7.17.2.3","FORNECIMENTO E INSTALAÇÃO DE CONJUNTO DE GUARDA-CORPO COM CORRIMÃO EM AÇO INOX ESCOVADO EM \"L\", SENDO O GUARDA-CORPO COM DIÂMETRO Ø= DE 1 1/2\" E MONTANTES COM DIÂMETRO Ø= DE 1 E 1/2\" FIXADOS NO PISO. CORRIMÃO CENTRAL DUPLO COM DIÂMETRO Ø= DE 1 1/2\", ALTURAS DE h=0,92 m (PARTE SUPERIOR) E h=0,70 m (PARTE INFERIOR). ","m",2.63,1098.48,2889]
["7.17.3.","FERRO"]
["7.17.3.1","CONFECÇÃO E MONTAGEM DE ESCADA MARINHEIRO COMPOSTA POR PERFIS EM BARRA CHATA 75X8MM, BARRAS REDONDAS COM SEÇÃO 3/4\", BARRA CHATA COM SEÇÃO DE 75X10MM, PERFIS DO TIPO L (SEÇÃO 1 1/2\" X 3/16\") E CHAPAS DE BASE COM SEÇÃO 8X50X50MM, PARA FIXAÇÃO DOS PARABOLTS DO TIPO WALSYWA, COM SEÇÃO DE 1/2\". TODOS OS PERFIS GALVANIZADOS À FOGO EM AÇO DO TIPO ASTM A36, COM SOLDA EM ELETRODO 6013, 7018, 6011 OU 6010, PINTURA DE FUNDO COM PRIMER À BASE DE POLIURETANO COM ESPESSURA DE 35 MICRAS DE COR DIFERENTE DE PRETA E PINTURA DE ACABAMENTO COM TINTA À BASE DE POLIURETANO DE COR PRETA COM ESPESSURA DE 35 MICRAS, CONFORME PROJETO - LAGOA GRANDE.","m",5.44,1612.59,8772.48]
["7.17.3.2","FORNECIMENTO E ASSENTAMENTO DE GRADE DE FERRO PARA VÃOS COM TRECHO FIXO E DUAS PORTA DE GIRO, CONTORNO COM BARRA CHATA DE 1\" X 1/4\", E BARRAS REDONDAS DE 3/4\"  COM ESPAÇAMENTO MÉDIO ENTRE AS BARRAS DE 14 CM. INCLUINDO PINTURA DE FUNDO E DE ACABAMENTO NA COR CINZA. PROJETO ESPECÍFICO GF 01 (3,90 X 3,40 M) OBRA FÓRUM LAGOA GRANDE","un",1,4667.84,4667.84]
["7.17.3.3","FORNECIMENTO E ASSENTAMENTO DE GRADE DE FERRO FIXA PARA VÃOS, CONTORNO COM BARRA CHATA DE 1\" X 1/4\", E BARRAS REDONDAS DE 3/4\"  COM ESPAÇAMENTO MÉDIO ENTRE AS BARRAS DE 14 CM E TELA MOEDA. INCLUINDO PINTURA DE FUNDO E DE ACABAMENTO NA COR CINZA. PROJETO ESPECÍFICO GF 02 (0,50 X 2,80 M) OBRA FÓRUM LAGOA GRANDE.","un",1,1228.44,1228.44]
["7.17.3.4","FORNECIMENTO E ASSENTAMENTO DE GRADE DE FERRO FIXA PARA VÃOS TIPO QUADRICULADA, CONTORNO COM BARRA CHATA DE 1\" X 1/4\", E BARRAS HORIZONTAIS E VERTICAIS DE 1\"X1/8\" COM ESPAÇAMENTO MÉDIO ENTRE AS BARRAS DE 14 CM. INCLUINDO PINTURA DE FUNDO E DE ACABAMENTO NA COR CINZA. PROJETO ESPECÍFICO GF 03 (1,00 X 2,00 M) OBRA FÓRUM LAGOA GRANDE.","un",7,1214.57,8501.99]
["7.17.3.5","FORNECIMENTO E ASSENTAMENTO DE GRADE DE FERRO FIXA PARA VÃOS TIPO QUADRICULADA, CONTORNO COM BARRA CHATA DE 1\" X 1/4\", E BARRAS HORIZONTAIS E VERTICAIS DE 1\"X1/8\" COM ESPAÇAMENTO MÉDIO ENTRE AS BARRAS DE 14 CM. INCLUINDO PINTURA DE FUNDO E DE ACABAMENTO NA COR CINZA. PROJETO ESPECÍFICAO GF 04 (0,60 X 1,00 M) OBRA FÓRUM LAGOA GRANDE.","un",6,364.37,2186.2199999999998]
["7.17.3.6","FORNECIMENTO E ASSENTAMENTO DE GRADE DE FERRO FIXA PARA VÃOS TIPO QUADRICULADA, CONTORNO COM BARRA CHATA DE 1\" X 1/4\", E BARRAS HORIZONTAIS E VERTICAIS DE 1\"X1/8\" COM ESPAÇAMENTO MÉDIO ENTRE AS BARRAS DE 14 CM. INCLUINDO PINTURA DE FUNDO E DE ACABAMENTO NA COR CINZA. PROJETO ESPECÍFICO GF 05 (0,60 X 2,40 M) OBRA FÓRUM LAGOA GRANDE.","un",3,874.47,2623.41]
["7.17.3.7","FORNECIMENTO E ASSENTAMENTO DE GRADE DE FERRO FIXA PARA VÃOS TIPO QUADRICULADA, CONTORNO COM BARRA CHATA DE 1\" X 1/4\", E BARRAS HORIZONTAIS E VERTICAIS DE 1\"X1/8\" COM ESPAÇAMENTO MÉDIO ENTRE AS BARRAS DE 14 CM. INCLUINDO PINTURA DE FUNDO E DE ACABAMENTO NA COR CINZA. PROJETO ESPECÍFICO GF 06 (1,15 X 2,10 M) OBRA FÓRUM LAGOA GRANDE.","un",1,1466.59,1466.59]
["7.17.3.8","FORNECIMENTO E ASSENTAMENTO DE GRADE DE FERRO COM TRECHO FIXO MENDINDO 4,70 X 2,10 M COM PORTÃO DE GIRO MEDINDO 0,90 X 2,10 M, TIPO QUADRICULADA, CONTORNO COM BARRA CHATA DE 1\" X 1/4\", E BARRAS HORIZONTAIS E VERTICAIS DE 1\"X1/8\" COM ESPAÇAMENTO MÉDIO ENTRE AS BARRAS DE 14 CM. COM DOBRADIÇAS 180° E FERROLHO. INCLUINDO PINTURA DE FUNDO E DE ACABAMENTO NA COR PRETA. PROJETO ESPECÍFICO GF 07 (2,10 X 5,60 M) OBRA FÓRUM LAGOA GRANDE.","un",1,7254.82,7254.82]
["7.17.3.9","FORNECIMENTO E ASSENTAMENTO DE GRADE DE FERRO FIXA PARA VÃOS TIPO QUADRICULADA, CONTORNO COM BARRA CHATA DE 1\" X 1/4\", E BARRAS HORIZONTAIS E VERTICAIS DE 1\"X1/8\" COM ESPAÇAMENTO MÉDIO ENTRE AS BARRAS DE 14 CM. INCLUINDO PINTURA DE FUNDO E DE ACABAMENTO NA COR TABACO. PROJETO ESPECÍFICO GF 12 (0,60 X 1,00 M) OBRA FÓRUM LAGOA GRANDE.","un",1,364.37,364.37]
["7.17.4.","GRADIL E PORTÃO DE ACESSO"]
["7.17.4.1","FORNECIMENTO E ASSENTAMENTO DE PORTÃO GRADIL DE GIRO DUAS FOLHAS ELETROFUNDIDO (TIPO ELETROGRADI BARRA 25X2MM, FIO 4,8 MM E MALHA 65X132MM) COM PINTURA ELETRÓSTÁTICA NA COR CINZA. SITELA OU SIMILAR. MEDINDO 2,00 X 1,60 M. PROJETO ESPECÍFICO GF08 (2,00 X 1,60 M) OBRA FÓRUM LAGOA GRANDE.","un",2,3549.06,7098.12]
["7.17.4.2","FORNECIMENTO E ASSENTAMENTO DE PORTÃO GRADIL DE GIRO DUAS FOLHAS ELETROFUNDIDO (TIPO ELETROGRADI BARRA 25X2MM, FIO 4,8 MM E MALHA 65X132MM) COM PINTURA ELETRÓSTÁTICA NA COR CINZA. SITELA OU SIMILAR. MEDINDO 2,00 X 2,70 M. PROJETO ESPECÍFICO GF09 (2,00 X 2,70 M) OBRA FÓRUM LAGOA GRANDE.","un",1,5989.03,5989.03]
["7.17.4.3","FORNECIMENTO E ASSENTAMENTO DE PORTÃO GRADIL DE GIRO DUAS FOLHAS ELETROFUNDIDO (TIPO ELETROGRADI BARRA 25X2MM, FIO 4,8 MM E MALHA 65X132MM) COM PINTURA ELETRÓSTÁTICA NA COR CINZA. SITELA OU SIMILAR. MEDINDO 2,00 X 3,50 M. PROJETO ESPECÍFICO GF10 (2,00 X 3,50 M) OBRA FÓRUM LAGOA GRANDE.","un",1,7763.57,7763.57]
["7.17.4.4","FORNECIMENTO E ASSENTAMENTO DE GRADIL ELETROFUNDIDO (TIPO ELETROGRADI BARRA 25X2MM, FIO 4,8 MM E MALHA 65X132MM) COM PINTURA ELETRÓSTÁTICA NA COR CINZA, SITELA OU SIMILAR. PARA PROJETO ESPECÍFICO GF11 OBRA FÓRUM LAGOA GRANDE","m²",257.57,297.83999999999997,76714.64]
["7.17.5.","PERFIL ALUMÍNIO"]
["7.17.5.1","FORNECIMENTO E INSTALAÇÃO DE PERFIL “U” EM ALUMÍNIO ANODIZADO NATURAL 2 X 2 CM, CONFORME DETALHE.","m",115.07,30.07,3460.15]
["7.18.","LAJE"]
["7.18.1.","PISO DE CONCRETO"]
["7.18.1.1","EXECUÇÃO DE PASSEIO (CALÇADA) OU PISO DE CONCRETO COM CONCRETO MOLDADO IN LOCO FCK = 20 MPA, FEITO EM OBRA, ACABAMENTO CONVENCIONAL, ESPESSURA 10 CM, NÃO ARMADO.","m²",4.08,72.56,296.04000000000002]
["7.19.","ESTRUTURA"]
["7.19.1.","INFRAESTRUTURA"]
["7.19.1.1","FORNECIMENTO E ASSENTAMENTO DE PERGOLADO DE CONCRETO ARMADO COM 10 CM DE LARGURA E 30 CM DE ALTURA.","m",51,313.17,15971.67]
["8.","INSTALAÇÕES ELÉTRICAS"]
["8.1.","ALARME E SONORIZAÇÃO"]
["8.1.1.","CONDUTOS"]
["8.1.1.1","ELETROCALHA PERFURADA, GALVANIZADA, DIM.: 50X50MM, CHAPA 22, INCLUSIVE CONEXÕES, ACESSÓRIOS DE DERIVAÇÃO, MATERIAIS PARA FIXAÇÃO E SUSTENTAÇÃO. FORNECIMENTO E INSTALAÇÃO.       ","m",69.87,63.06,4406]
["8.1.1.2","ELETRODUTO FLEXÍVEL CORRUGADO, EM PVC, DN 25 MM (3/4\"), INSTALADO EM PAREDE, INCLUINDO RASGOS EM ALVENARIA.  FORNECIMENTO E INSTALAÇÃO.","m",0.7,16.3,11.41]
["8.1.2.","CAIXAS / CONDULETES"]
["8.1.2.1","CAIXA RETANGULAR 4X2” EM ALUMÍNIO – FORNECIMENTO E INSTALAÇÃO.","un",3,21.54,64.62]
["8.1.2.2","CAIXA RETANGULAR 4X2\", ALTA, EM PVC, INSTALADA EM ALVENARIA. FORNECIMENTO E INSTALAÇÃO.","un",3,33.83,101.49]
["8.1.2.3","PLACA CEGA PARA CAIXA 4X4\", COMPOSTA POR SUPORTE E PLACA NA COR BRANCA, PIALPLUS OU EQUIVALENTE. FORNECIMENTO E INSTALAÇÃO.","un",3,11.13,33.39]
["8.1.2.4","CAIXA RETANGULAR 4X4\", EM PVC, INSTALADA EM TETO. FORNECIMENTO E INSTALAÇÃO.","un",6,17.61,105.66]
["8.1.2.5","CAIXA RETANGULAR 4\" X 2\", MÉDIA, EM PVC, INSTALADA EM ALVENARIA - FORNECIMENTO E INSTALAÇÃO.","un",16,21.91,350.56]
["8.1.2.6","CAIXA RETANGULAR 4X4\", BAIXA, EM PVC, INSTALADA EM ALVENARIA. FORNECIMENTO E INSTALAÇÃO.","un",9,19.57,176.13]
["8.1.2.7","FORNECIMENTO TAMPA CEGA, 4X4 POL., COR BRANCA, NA LINHA PIAL PLUS OU EQUIVALENTE, INCLUSIVE INSTALAÇÃO.","un",12,3.66,43.92]
["8.1.2.8","CAIXA RETANGULAR 4X4\", EM ALUMÍNIO, INSTALADA NO PISO. FORNECIMENTO E INSTALAÇÃO.","un",1,28.84,28.84]
["8.1.2.9","CONDULETE DE PVC, TIPO T, PARA ELETRODUTO ROSCÁVEL DE 1\", APARENTE, INCLUSIVE ACESSÓRIOS DE FIXAÇÃO. FORNECIMENTO E INSTALAÇÃO.","un",1,46.47,46.47]
["8.1.2.10","PLACA/TAMPA PARA 2 TOMADAS DE PISO 4\"X4\" EM INOX OU LATÃO – FORNECIMENTO E INSTALAÇÃO.","un",1,80.88,80.88]
["8.1.2.11","FORNECIMENTO E INSTALAÇÃO DE TAMPA CEGA PARA CONDULETE EM PVC CAIXA 4\" X 2\"","un",1,9.59,9.59]
["8.1.2.12","CAIXA DE PASSAGEM METÁLICA DE EMBUTIR 20X20X10 CM – FORNECIMENTO E INSTALAÇÃO.","un",1,99.98,99.98]
["8.1.3.","TOMADAS"]
["8.1.3.1","TOMADA SIMPLES PARA TELEFONE PARA CAIXA 4X2 \", COMPOSTA POR SUPORTE, PLACA PARA UM POSTO E UM MÓDULO DE TOMADA RJ11, COR BRANCA, PIALPLUS OU EQUIVALENTE, INCLUSIVE CONEXÃO/CRIMPAGEM TIPO IMPACTO (PUSH-DOWN). FORNECIMENTO E INSTALAÇÃO.","un",19,30.2,573.79999999999995]
["8.1.4.","QUADROS / PROTEÇÃO"]
["8.1.4.1","QUADRO DE DISTRIBUIÇÃO PARA TELEFONE Nº 3, DE EMBUTIR, PADRÃO TELEBRÁS, DIMENSÕES 40X40X12CM EM CHAPA DE AÇO GALVANIZADO E DEMAIS ACESSÓRIOS. FORNECIMENTO E INSTALAÇÃO.","un",1,185.41,185.41]
["8.1.5.","PONTOS"]
["8.1.5.1","PONTO DE MICROFONE PELO PISO, COMPOSTO POR ELETRODUTO DE PVC RÍGIDO DE 1\" COM LUVA DE ROSCA INTERNA E DEMAIS ACESSÓRIOS, INCLUINDO ESCAVAÇÃO E REATERRO - FORNECIMENTO E INSTALAÇÃO.","un",4,183.17,732.68]
["8.1.5.2","PONTO DE SONOFLETOR EM TETO/PAREDE, COMPOSTO POR ELETRODUTO DE PVC CORRUGADO DE 1”, ELETRODUTO DE PVC RÍGIDO DE 1\" COM LUVA DE ROSCA INTERNA, CURVA PVC ROSCA 1” E DEMAIS ACESSÓRIOS - FORNECIMENTO E INSTALAÇÃO.","un",6,152.63999999999999,915.84]
["8.1.5.3","PONTO PARA ALARME EM TETO/PAREDE, COMPOSTO POR CABO TELEFÔNICO CCI-50, 4 PARES, SEM BLINDAGEM, ELETRODUTO DE PVC CORRUGADO 1\", ELETRODUTO DE PVC RÍGIDO DE 1\" COM LUVA DE ROSCA INTERNA, CURVA E DEMAIS ACESSÓRIOS - FORNECIMENTO E INSTALAÇÃO.","un",19,230.59,4381.21]
["8.1.5.4","PONTO KIT PORTA, COMPOSTO POR ELETRODUTO DE PVC RÍGIDO DE 1\" COM LUVA DE ROSCA INTERNA, CURVA E DEMAIS ACESSÓRIOS - FORNECIMENTO E INSTALAÇÃO.","un",3,107.61,322.83]
["8.2.","CABEAMENTO ESTRUTURADO / CFTV"]
["8.2.1.","CONDUTOS"]
["8.2.1.1","ELETROCALHA PERFURADA, GALVANIZADA, DIM.: 50X50MM, CHAPA 22, INCLUSIVE CONEXÕES, ACESSÓRIOS DE DERIVAÇÃO, MATERIAIS PARA FIXAÇÃO E SUSTENTAÇÃO. FORNECIMENTO E INSTALAÇÃO.       ","m",88.78,63.06,5598.46]
["8.2.1.2","ELETROCALHA PERFURADA, GALVANIZADA, DIM.: 100X50MM, CHAPA 18, INCLUSIVE CONEXÕES, ACESSÓRIOS DE DERIVAÇÃO, MATERIAIS PARA FIXAÇÃO E SUSTENTAÇÃO. FORNECIMENTO E INSTALAÇÃO.        ","m",11.91,76.52,911.35]
["8.2.1.3","ELETRODUTO RÍGIDO ROSCÁVEL, PVC, DN 60 MM (2\"), COM LUVA DE ROSCA INTERNA E CONEXÕES, INSTALAÇÃO ENTERRADA, INCLUINDO ESCAVAÇÃO E REATERRO.  FORNECIMENTO E INSTALAÇÃO.","m",15.07,57.84,871.64]
["8.2.1.4","ELETRODUTO RÍGIDO ROSCÁVEL, PVC, DN 60 MM (2\"), COM LUVA DE ROSCA INTERNA E CONEXÕES, INSTALAÇÃO ENTERRADA, INCLUINDO ESCAVAÇÃO E REATERRO.  FORNECIMENTO E INSTALAÇÃO.","m",2.1,57.84,121.46]
["8.2.1.5","ELETRODUTO RÍGIDO ROSCÁVEL, PVC, DN 60 MM (2\"), COM LUVA DE ROSCA INTERNA E CONEXÕES, INSTALAÇÃO ENTERRADA ENVELOPADO EM CONCRETO ESTRUTURAL FCK ? 20 MPA, TRAÇO 1:2:7:3 (20X20CM), INCLUINDO ESCAVAÇÃO E REATERRO, INCLUSIVE FITA DE ADVERTÊNCIA DE REDE ELÉTRICA ENTERRADA.  (COM 20CM DE ALTURA E 20CM DE BASE) – FORNECIMENTO E INSTALAÇÃO.","m",13.05,121.16,1581.13]
["8.2.1.6","PERFILADO PERFURADO, GALVANIZADO, DIM.: 38X38MM,CHAPA 22,  INCLUSIVE CONEXÕES, ACESSÓRIOS DE DERIVAÇÃO, MATERIAIS PARA FIXAÇÃO E SUSTENTAÇÃO. FORNECIMENTO E INSTALAÇÃO.            ","m",4.29,48.33,207.33]
["8.2.2.","CAIXAS / CONDULETES"]
["8.2.2.1","CAIXA RETANGULAR 4X4\", EM ALUMÍNIO, INSTALADA NO PISO. FORNECIMENTO E INSTALAÇÃO.","un",3,28.84,86.52]
["8.2.2.2","CAIXA RETANGULAR 4X2\", ALTA, EM PVC, INSTALADA EM ALVENARIA. FORNECIMENTO E INSTALAÇÃO.","un",3,33.83,101.49]
["8.2.2.3","CAIXA RETANGULAR 4X2\", EM PVC, EMBUTIR EM FORRO – FORNECIMENTO E INSTALAÇÃO","un",5,16.95,84.75]
["8.2.2.4","CAIXA RETANGULAR 4X4\", BAIXA, EM PVC, INSTALADA EM ALVENARIA. FORNECIMENTO E INSTALAÇÃO.","un",31,19.57,606.66999999999996]
["8.2.2.5","FORNECIMENTO TAMPA CEGA, 4X4 POL., COR BRANCA, NA LINHA PIAL PLUS OU EQUIVALENTE, INCLUSIVE INSTALAÇÃO.","un",6,3.66,21.96]
["8.2.2.6","CONDULETE DE PVC, TIPO T, PARA ELETRODUTO ROSCÁVEL DE 1\", APARENTE, INCLUSIVE ACESSÓRIOS DE FIXAÇÃO. FORNECIMENTO E INSTALAÇÃO.","un",3,46.47,139.41]
["8.2.2.7","CAIXA RETANGULAR 4X4\", MÉDIA, EM PVC, INSTALADA EM ALVENARIA. FORNECIMENTO E INSTALAÇÃO.","un",2,25.64,51.28]
["8.2.2.8","CAIXA RETANGULAR 4\" X 2\", MÉDIA, EM PVC, INSTALADA EM ALVENARIA - FORNECIMENTO E INSTALAÇÃO.","un",2,21.91,43.82]
["8.2.2.9","FORNECIMENTO E INSTALAÇÃO DE TAMPA CEGA PARA CONDULETE EM PVC CAIXA 4\" X 2\"","un",3,9.59,28.77]
["8.2.2.10","Caixa enterrada para instalações telefônicas tipo r1, em alvenaria com blocos de concreto, dimensões internas: 0,35x0,60x0,60 m, excluindo tampão. af_12/2020","un",3,470.75,1412.25]
["8.2.2.11","Tampa para caixa tipo r1, em ferro fundido, dimensões internas: 0,40 x 0,60 m - fornecimento e instalação. af_12/2020","un",3,312.85000000000002,938.55]
["8.2.3.","TOMADAS"]
["8.2.3.1","TOMADA DUPLA DE PISO PARA VOZ/DADOS PARA CAIXA 4X4\", COMPOSTA POR SUPORTE, PLACA PARA DOIS POSTOS EM INOX OU LATÃO, DOIS MÓDULOS DE TOMADA RJ45 CAT. 5E, PIALPLUS OU EQUIVALENTE, INCLUSIVE CONEXÃO/CRIMPAGEM TIPO IMPACTO (PUSH-DOWN). FORNECIMENTO E INSTALAÇÃO.","un",3,146,438]
["8.2.3.2","TOMADA SIMPLES ALTA PARA VOZ/DADOS PARA CAIXA 4X2 \", COMPOSTA POR SUPORTE, PLACA PARA UM POSTO E UM MÓDULO DE TOMADA RJ45, CAT. 5E, COR BRANCA, PIALPLUS OU EQUIVALENTE, INCLUSIVE CONEXÃO/CRIMPAGEM TIPO IMPACTO (PUSH-DOWN). FORNECIMENTO E INSTALAÇÃO.","un",8,47.52,380.16]
["8.2.3.3","TOMADA DUPLA PARA VOZ/DADOS PARA CAIXA 4X4\", COMPOSTA POR SUPORTE, PLACA PARA QUATRO POSTOS, DOIS MÓDULOS DE TOMADA RJ45 CAT. 5E, COR BRANCA, PIALPLUS OU EQUIVALENTE, INCLUSIVE CONEXÃO/CRIMPAGEM TIPO IMPACTO (PUSH-DOWN). FORNECIMENTO E INSTALAÇÃO.","un",25,83.01,2075.25]
["8.2.3.4","TOMADA SIMPLES MÉDIA PARA VOZ/DADOS PARA CAIXA 4X2 \", COMPOSTA POR SUPORTE, PLACA PARA UM POSTO E UM MÓDULO DE TOMADA RJ45, CAT. 5E, COR BRANCA, PIALPLUS OU EQUIVALENTE, INCLUSIVE CONEXÃO/CRIMPAGEM TIPO IMPACTO (PUSH-DOWN). FORNECIMENTO E INSTALAÇÃO.","un",2,44.76,89.52]
["8.2.4.","QUADROS / PROTEÇÃO"]
["8.2.4.1","QUADRO DE DISTRIBUIÇÃO PARA TELEFONE Nº 4, DE SOBREPOR, PADRÃO TELEBRÁS, DIMENSÕES 60X60X12CM EM CHAPA DE AÇO GALVANIZADO E DEMAIS ACESSÓRIOS. FORNECIMENTO E INSTALAÇÃO.","un",1,362.8,362.8]
["8.2.5.","PONTOS"]
["8.2.5.1","PONTO DUPLO PARA VOZ/DADOS NO PISO, COMPOSTO POR TUBULAÇÃO EM ELETRODUTO DE PVC RÍGIDO 1\", ELETRODUTO PVC CORRUGADO 1\", COM LUVA DE ROSCA INTERNA, CURVA E DEMAIS ACESSÓRIOS, INCLUINDO ESCAVAÇÃO E REATERRO, CABO UTP 4 PARES (2X), CAT. 5E, FURUKAWA OU EQUIVALENTE, PARA DUAS TOMADA RJ45 (VOZ/DADOS) INCLUINDO A RESERVA TÉCNICA DE CABO DE 11M (2X5,5M).","un",3,642.55999999999995,1927.68]
["8.2.5.2","PONTO SIMPLES PARA VOZ/DADOS EM ALVENARIA, COMPOSTO POR TUBULAÇÃO EM ELETRODUTO DE PVC RÍGIDO 1\", ELETRODUTO PVC CORRUGADO 1\", COM LUVA DE ROSCA INTERNA, CURVA E DEMAIS ACESSÓRIOS, CABO UTP 4 PARES (2X), CAT. 5E, FURUKAWA OU EQUIVALENTE, PARA UMA TOMADA RJ45 (VOZ/DADOS) INCLUINDO A RESERVA TÉCNICA DE CABO DE 11M (2X5,5M).","un",5,234.15,1170.75]
["8.2.5.3","PONTO SIMPLES PARA VOZ/DADOS NO FORRO, COMPOSTO POR TUBULAÇÃO EM ELETRODUTO DE PVC RÍGIDO 1\", COM LUVA DE ROSCA INTERNA, CURVA E DEMAIS ACESSÓRIOS, CABO UTP 4 PARES (2X), CAT. 5E, FURUKAWA OU EQUIVALENTE, PARA UMA TOMADA RJ45 (VOZ/DADOS) INCLUINDO A RESERVA TÉCNICA DE CABO DE 11M (2X5,5M).","un",5,182.67,913.35]
["8.2.5.4","PONTO DUPLO PARA VOZ/DADOS EM ALVENARIA, COMPOSTO POR TUBULAÇÃO EM ELETRODUTO DE PVC RÍGIDO 1\", ELETRODUTO PVC CORRUGADO 1\", COM LUVA DE ROSCA INTERNA, CURVA E DEMAIS ACESSÓRIOS, CABO UTP 4 PARES (2X), CAT. 5E, FURUKAWA OU EQUIVALENTE, PARA DUAS TOMADA RJ45 (VOZ/DADOS) INCLUINDO A RESERVA TÉCNICA DE CABO DE 11M (2X5,5M).","un",25,351.92,8798]
["8.3.","ALIMENTADORES"]
["8.3.1.","CONDUTOS"]
["8.3.1.1","ELETROCALHA PERFURADA, GALVANIZADA, DIM.: 100X50MM, CHAPA 18, INCLUSIVE CONEXÕES, ACESSÓRIOS DE DERIVAÇÃO, MATERIAIS PARA FIXAÇÃO E SUSTENTAÇÃO. FORNECIMENTO E INSTALAÇÃO.        ","m",3.83,76.52,293.07]
["8.3.1.2","ELETRODUTO RÍGIDO ROSCÁVEL, PVC, DN 60 MM (2\"), COM LUVA DE ROSCA INTERNA E CONEXÕES, INSTALAÇÃO ENTERRADA, INCLUINDO ESCAVAÇÃO E REATERRO.  FORNECIMENTO E INSTALAÇÃO.","m",23.23,57.84,1343.62]
["8.3.1.3","ELETRODUTO RÍGIDO ROSCÁVEL, PVC, DN 60 MM (2\"), COM LUVA DE ROSCA INTERNA E CONEXÕES, INSTALAÇÃO ENTERRADA ENVELOPADO EM CONCRETO ESTRUTURAL FCK ? 20 MPA, TRAÇO 1:2:7:3 (20X20CM), INCLUINDO ESCAVAÇÃO E REATERRO, INCLUSIVE FITA DE ADVERTÊNCIA DE REDE ELÉTRICA ENTERRADA.  (COM 20CM DE ALTURA E 20CM DE BASE) – FORNECIMENTO E INSTALAÇÃO.","m",28.9,121.16,3501.52]
["8.3.1.4","ELETRODUTO RÍGIDO ROSCÁVEL, EM PVC, DN 40 MM (1.1/4\"), COM LUVA DE ROSCA INTERNA E CONEXÕES, INSTALAÇÃO APARENTE, FIXADO COM ABRAÇADEIRA.  FORNECIMENTO E INSTALAÇÃO.","m",3.94,35.32,139.16]
["8.3.2.","CONDUTORES"]
["8.3.2.1","CABO DE COBRE FLEXÍVEL, TÊMPERA MOLE E ENCORDOAMENTO CLASSES 4 E 5, SEÇÃO NOMINAL DE 35 MM², ISOLAÇÃO ANTI-CHAMA EM COMPOSTO TERMOPLÁSTICO NÃO HALOGENADO, COM BAIXA EMISSÃO DE FUMAÇA, 0,6/1,0KV - 70ºC, INCLUSIVE INSTALAÇÃO.","m",208.5,69.39,14467.81]
["8.3.2.2","CABO DE COBRE FLEXÍVEL, TÊMPERA MOLE E ENCORDOAMENTO CLASSES 4 E 5, SEÇÃO NOMINAL DE 25 MM², ISOLAÇÃO ANTI-CHAMA EM COMPOSTO TERMOPLÁSTICO NÃO HALOGENADO, COM BAIXA EMISSÃO DE FUMAÇA, 0,6/1,0KV - 70ºC, INCLUSIVE INSTALAÇÃO.","m",10.199999999999999,67.63,689.82]
["8.3.2.3","CABO DE COBRE FLEXÍVEL, TÊMPERA MOLE E ENCORDOAMENTO CLASSES 4 E 5, SEÇÃO NOMINAL DE 16 MM², ISOLAÇÃO ANTI-CHAMA EM COMPOSTO TERMOPLÁSTICO NÃO HALOGENADO, COM BAIXA EMISSÃO DE FUMAÇA, 0,6/1,0KV - 70ºC, INCLUSIVE INSTALAÇÃO.","m",2.5499999999999998,32.68,83.33]
["8.3.2.4","CABO DE COBRE FLEXÍVEL, TÊMPERA MOLE E ENCORDOAMENTO CLASSES 4 E 5, SEÇÃO NOMINAL DE 10 MM², ISOLAÇÃO ANTI-CHAMA EM COMPOSTO TERMOPLÁSTICO NÃO HALOGENADO, COM BAIXA EMISSÃO DE FUMAÇA, 0,6/1,0KV - 70ºC, INCLUSIVE INSTALAÇÃO.","m",32.68,22.54,736.6]
["8.3.2.5","CABO DE COBRE FLEXÍVEL, TÊMPERA MOLE E ENCORDOAMENTO CLASSES 4 E 5, SEÇÃO NOMINAL DE 6 MM², ISOLAÇÃO ANTI-CHAMA EM COMPOSTO TERMOPLÁSTICO NÃO HALOGENADO, COM BAIXA EMISSÃO DE FUMAÇA, 0,6/1,0KV - 70ºC, INCLUSIVE INSTALAÇÃO.","m",21.93,13.83,303.29000000000002]
["8.3.3.","CAIXAS / CONDULETES"]
["8.3.3.1","Caixa enterrada elétrica retangular, em alvenaria com tijolos cerâmicos maciços, fundo com brita, dimensões internas: 0,6x0,6x0,6 m. af_12/2020","un",4,377.44,1509.76]
["8.3.3.2","CAIXA ENTERRADA ELÉTRICA RETANGULAR, EM ALVENARIA COM TIJOLOS CERÂMICOS MACIÇOS, FUNDO COM BRITA, DIMENSÕES INTERNAS: 0,8X0,8X1,0 M.","un",1,803.17,803.17]
["8.3.4.","QUADROS / PROTEÇÃO"]
["8.3.4.1","DISJUNTOR TERMOMAGNÉTICO TRIPOLAR , CORRENTE NOMINAL DE 100A - FORNECIMENTO E INSTALAÇÃO. ","un",1,481.32,481.32]
["8.3.4.2","Disjuntor tripolar tipo din, corrente nominal de 25a - fornecimento e instalação. af_10/2020","un",1,81.489999999999995,81.489999999999995]
["8.3.4.3","Disjuntor tripolar tipo din, corrente nominal de 32a - fornecimento e instalação. af_10/2020","un",1,88.3,88.3]
["8.3.4.4","DISJUNTOR TRIPOLAR 80 A, PADRÃO DIN (LINHA BRANCA), CURVA DE DISPARO C, CORRENTE DE INTERRUPÇÃO 10KA, REF.: SIEMENS 5SX1 OU SIMILAR – FORNECIMENTO E INSTALAÇÃO. ","un",1,289.23,289.23]
["8.3.4.5","QUADRO DE DISTRIBUIÇÃO DE ENERGIA DE SOBREPOR, EM CHAPA METÁLICA, PARA 40 DISJUNTORES TERMOMAGNÉTICOS MONOPOLARES, PADRÃO DIN, COM BARRAMENTO TRIFÁSICO (100A), GUIA PARA DISJUNTOR GERAL, BARRAS DE NEUTRO E TERRA E DEMAIS ACESSÓRIOS. FORNECIMENTO E INSTALAÇÃO.","un",1,946.31,946.31]
["8.4.","PONTOS DE CLIMATIZAÇÃO"]
["8.4.1.","CONDUTOS"]
["8.4.1.1","ELETRODUTO RÍGIDO ROSCÁVEL, EM PVC, DN 32 MM (1\"), COM LUVA DE ROSCA INTERNA E CONEXÕES, INSTALADO EM FORRO.  FORNECIMENTO E INSTALAÇÃO.","m",4.8,27.63,132.62]
["8.4.1.2","ELETRODUTO RÍGIDO ROSCÁVEL, EM PVC, DN 32 MM (1\"), COM LUVA DE ROSCA INTERNA E CONEXÕES, INSTALADO EM PAREDE, INCLUINDO RASGOS EM ALVENARIA.  FORNECIMENTO E INSTALAÇÃO.","m",10.5,26.6,279.3]
["8.4.1.3","Curva 90 graus para eletroduto, pvc, roscável, dn 25 mm (3/4\"), para circuitos terminais, instalada em forro - fornecimento e instalação. af_03/2023","un",8,9.0299999999999994,72.239999999999995]
["8.4.2.","CAIXAS / CONDULETES"]
["8.4.2.1","CONDULETE DE PVC, TIPO E, PARA ELETRODUTO ROSCÁVEL DE 3/4\", APARENTE, INCLUSIVE ACESSÓRIOS DE FIXAÇÃO. FORNECIMENTO E INSTALAÇÃO.","un",8,23.23,185.84]
["8.4.2.2","CONDULETE DE ALUMÍNIO COM TAMPA, TIPO L, PARA ELETRODUTO ROSCÁVEL DE 1\", APARENTE, INCLUSIVE ACESSÓRIOS DE FIXAÇÃO. FORNECIMENTO E INSTALAÇÃO.","un",2,37.07,74.14]
["8.4.2.3","CONDULETE DE ALUMÍNIO COM TAMPA, TIPO X, PARA ELETRODUTO ROSCÁVEL DE 1\", APARENTE, INCLUSIVE ACESSÓRIOS DE FIXAÇÃO. FORNECIMENTO E INSTALAÇÃO.","un",22,45.71,1005.62]
["8.4.2.4","CONDULETE DE PVC, TIPO LB, PARA ELETRODUTO ROSCÁVEL DE 3/4\", APARENTE, INCLUSIVE ACESSÓRIOS DE FIXAÇÃO. FORNECIMENTO E INSTALAÇÃO.","un",12,22.39,268.68]
["8.4.2.5","CONDULETE DE PVC, TIPO X, PARA ELETRODUTO ROSCÁVEL DE 3/4\", APARENTE, INCLUSIVE ACESSÓRIOS DE FIXAÇÃO. FORNECIMENTO E INSTALAÇÃO.","un",1,38.549999999999997,38.549999999999997]
["8.4.2.6","CONDULETE DE PVC, TIPO T, PARA ELETRODUTO ROSCÁVEL DE 3/4\", APARENTE, INCLUSIVE ACESSÓRIOS DE FIXAÇÃO. FORNECIMENTO E INSTALAÇÃO.","un",10,34.409999999999997,344.1]
["8.4.2.7","CAIXA RETANGULAR 4\" X 2\", MÉDIA, EM PVC, INSTALADA EM ALVENARIA - FORNECIMENTO E INSTALAÇÃO.","un",7,21.91,153.37]
["8.4.2.8","CAIXA DE PASSAGEM, DIMENSÃO (25X25) CM, EM CHAPA DE AÇO, TIPO DE SOBREPOR, COM TAMPA CEGA, INCLUSIVE FIXAÇÃO EM ALVENARIA","un",1,99.74,99.74]
["8.4.2.9","FORNECIMENTO E INSTALAÇÃO DE TAMPA CEGA PARA CONDULETE EM PVC CAIXA 4\" X 2\"","un",31,9.59,297.29000000000002]
["8.4.3.","INTERRUPTORES"]
["8.4.3.1","INTERRUPTOR SIMPLES DE UMA SEÇÃO PARA CAIXA 4X2\", COMPOSTO POR SUPORTE, PLACA PARA UM POSTO E UM MÓDULO DE INTERRUPTOR SIMPLES, COR BRANCA, LINHA PIALPLUS OU EQUIVALENTE. FORNECIMENTO E INSTALAÇÃO.","un",7,25.29,177.03]
["8.4.4.","QUADROS / PROTEÇÃO"]
["8.4.4.1","DISJUNTOR TRIPOLAR 80 A, PADRÃO DIN (LINHA BRANCA), CURVA DE DISPARO C, CORRENTE DE INTERRUPÇÃO 10KA, REF.: SIEMENS 5SX1 OU SIMILAR – FORNECIMENTO E INSTALAÇÃO. ","un",1,289.23,289.23]
["8.4.4.2","Disjuntor monopolar tipo din, corrente nominal de 25a - fornecimento e instalação. af_10/2020","un",22,13.86,304.92]
["8.4.4.3","Disjuntor monopolar tipo din, corrente nominal de 16a - fornecimento e instalação. af_10/2020","un",1,12.83,12.83]
["8.4.4.4","QUADRO DE DISTRIBUIÇÃO DE ENERGIA DE SOBREPOR, EM CHAPA METÁLICA, PARA 40 DISJUNTORES TERMOMAGNÉTICOS MONOPOLARES, PADRÃO DIN, COM BARRAMENTO TRIFÁSICO (100A), GUIA PARA DISJUNTOR GERAL, BARRAS DE NEUTRO E TERRA E DEMAIS ACESSÓRIOS. FORNECIMENTO E INSTALAÇÃO.","un",1,946.31,946.31]
["8.4.5.","PONTOS"]
["8.4.5.1","PONTO PARA TOMADA DE AR EXTERNO COMPOSTO POR FIAÇÃO EM CABO DE COBRE FLEXÍVEL DE 2,5MM² E CABO MULTIPOLAR DE COBRE FLEXÍVEL 2,5MM² (CABO PP), COM ISOLAÇÃO EM PVC, ANTICHAMA E CLASSE TÉRMICA 70° C E ISOLAÇÃO 750V, ELETRODUTO DE PVC CORRUGADO DE 3/4”, ELETRODUTO DE PVC RÍGIDO DE 3/4” COM LUVA DE ROSCA INTERNA, CURVA PVC ROSCA 3/4” E DEMAIS ACESSÓRIOS – FORNECIMENTO E INSTALAÇÃO.","un",8,589.36,4714.88]
["8.4.5.2","PONTO DE FORÇA PARA CONDENSADORA COMPOSTO POR FIAÇÃO EM CABO DE COBRE FLEXÍVEL DE 4,0MM², COM ISOLAÇÃO EM PVC, ANTICHAMA E CLASSE TÉRMICA 70° C E ISOLAÇÃO 750V, ELETRODUTO DE FERRO GALVANIZADO RÍGIDO DE 1”, ELETRODUTO FLEXÍVEL EM AÇO GALVANIZADO (TIPO SEAL TUBO) DE 1\" COM LUVA DE ROSCA INTERNA, CURVA AÇO GALVANIZADO LEVE 1”, TERMINAL BOX RETO 3/4\" E DEMAIS ACESSÓRIOS – FORNECIMENTO E INSTALAÇÃO.","un",22,444,9768]
["8.5.","ILUMINAÇÃO E TOMADAS"]
["8.5.1.","CONDUTOS"]
["8.5.1.1","ELETROCALHA PERFURADA, GALVANIZADA, DIM.: 50X50MM, CHAPA 22, INCLUSIVE CONEXÕES, ACESSÓRIOS DE DERIVAÇÃO, MATERIAIS PARA FIXAÇÃO E SUSTENTAÇÃO. FORNECIMENTO E INSTALAÇÃO.       ","m",108.53,63.06,6843.9]
["8.5.1.2","ELETRODUTO RÍGIDO ROSCÁVEL, EM PVC, DN 32 MM (1\"), COM LUVA DE ROSCA INTERNA E CONEXÕES, INSTALADO EM PAREDE, INCLUINDO RASGOS EM ALVENARIA.  FORNECIMENTO E INSTALAÇÃO.","m",5.27,26.6,140.18]
["8.5.1.3","ELETRODUTO RÍGIDO ROSCÁVEL, PVC, DN 32 MM (1\"), COM LUVA DE ROSCA INTERNA E CONEXÕES, INSTALAÇÃO ENTERRADA, INCLUINDO ESCAVAÇÃO E REATERRO.  FORNECIMENTO E INSTALAÇÃO.","m",354,35.020000000000003,12397.08]
["8.5.2.","CONDUTORES"]
["8.5.2.1","CABO DE COBRE FLEXÍVEL, ISOLADO CLASSE 4 OU 5, SEÇÃO NOMINAL DE 2,5 MM², ANTI-CHAMA, 0,6/1,0KV - 70ºC, INCLUSIVE INSTALAÇÃO.","m",2000.4,3.97,7941.58]
["8.5.3.","CAIXAS / CONDULETES"]
["8.5.3.1","CAIXA RETANGULAR 4X2\", EM ALUMÍNIO, INSTALADA NO PISO. FORNECIMENTO E INSTALAÇÃO.","un",3,25.72,77.16]
["8.5.3.2","CAIXA RETANGULAR 4X2\", ALTA, EM PVC, INSTALADA EM ALVENARIA. FORNECIMENTO E INSTALAÇÃO.","un",11,33.83,372.13]
["8.5.3.3","FORNECIMENTO E INSTALAÇÃO DE TAMPA CEGA EM PVC PARA CAIXA 4\" X 2\"","un",2,3.51,7.02]
["8.5.3.4","CAIXA RETANGULAR 4X4\", BAIXA, EM PVC, INSTALADA EM ALVENARIA. FORNECIMENTO E INSTALAÇÃO.","un",2,19.57,39.14]
["8.5.3.5","FORNECIMENTO TAMPA CEGA, 4X4 POL., COR BRANCA, NA LINHA PIAL PLUS OU EQUIVALENTE, INCLUSIVE INSTALAÇÃO.","un",2,3.66,7.32]
["8.5.3.6","CAIXA RETANGULAR 4\" X 2\", MÉDIA, EM PVC, INSTALADA EM ALVENARIA - FORNECIMENTO E INSTALAÇÃO.","un",45,21.91,985.95]
["8.5.3.7","CAIXA RETANGULAR 4X2\", BAIXA, EM PVC, INSTALADA EM ALVENARIA. FORNECIMENTO E INSTALAÇÃO.","un",32,16.07,514.24]
["8.5.3.8","CAIXA OCTOGONAL 3X3\", EM PVC, INSTALADA EM TETO. FORNECIMENTO E INSTALAÇÃO.","un",6,12.32,73.92]
["8.5.3.9","CAIXA OCTOGONAL 4X4\", EM PVC, INSTALADA EM TETO. FORNECIMENTO E INSTALAÇÃO.","un",132,15.44,2038.08]
["8.5.3.10","CAIXA DE PASSAGEM DE ALVENARIA DE BLOCOS CERÂMICOS 10 FUROS 10X20X20CM, DIMENSÃO DE 30X30X30CM, COM REVESTIMENTO INTERNO EM CHAPISCO E REBOCO, TAMPA DE CONCRETO ESP. 5CM E LASTRO DE BRITA 5CM","un",33,122.39,4038.87]
["8.5.3.11","Caixa enterrada elétrica retangular, em alvenaria com blocos de concreto, fundo com brita, dimensões internas: 0,4x0,4x0,4 m. af_12/2020","un",1,157.83000000000001,157.83000000000001]
["8.5.4.","QUADROS / PROTEÇÃO"]
["8.5.4.1","Disjuntor tripolar tipo din, corrente nominal de 25a - fornecimento e instalação. af_10/2020","un",1,81.489999999999995,81.489999999999995]
["8.5.4.2","Disjuntor monopolar tipo din, corrente nominal de 10a - fornecimento e instalação. af_10/2020","un",21,12.39,260.19]
["8.5.4.3","INTERRUPTOR DIFERENCIAL RESIDUAL (DR) BIPOLAR DE 25A, IN 30MA, SIEMENS OU EQUIVALENTE, INCLUSIVE TERMINAIS A COMPRESSÃO EM COBRE ESTANHADO. FORNECIMENTO E INSTALAÇÃO.","un",3,160.44999999999999,481.35]
["8.5.4.4","QUADRO DE DISTRIBUIÇÃO DE ENERGIA DE SOBREPOR, EM CHAPA METÁLICA, PARA 40 DISJUNTORES TERMOMAGNÉTICOS MONOPOLARES, PADRÃO DIN, COM BARRAMENTO TRIFÁSICO (100A), GUIA PARA DISJUNTOR GERAL, BARRAS DE NEUTRO E TERRA E DEMAIS ACESSÓRIOS. FORNECIMENTO E INSTALAÇÃO.","un",1,946.31,946.31]
["8.5.5.","DISPOSITIVO DE CONTROLE"]
["8.5.5.1","CHAVE MAGNÉTICA PARTIDA DIRETA PARA MOTOR MONOFÁSICO 220V, 60HZ – 3CV – FORNECIMENTO E INSTALAÇÃO. ","un",1,307.68,307.68]
["8.5.5.2","Chave de boia automática superior/inferior 15a/250v - fornecimento e instalação. af_12/2020","un",2,71.989999999999995,143.97999999999999]
["8.5.6.","LUMINÁRIAS"]
["8.5.6.1","LUMINÁRIA DE EMBUTIR QUADRADA PLAFON LED DE 48W; TEMPERATURA DE COR 6500K; TENSÃO BIVOLT 220/110; CORPO EM ALUMÍNIO E DIFUSOR EM POLICARBONATO; GRAU DE PROTEÇÃO IP20. REF. CHIRAY, LUMINÁRIAS PROJETO, AVANT, NITROLUX, ECOLINE, PHILIPS OU EQUIVALENTE. - FORNECIMENTO E INSTALAÇÃO  - INCLUSO CORTE NO FORRO.","un",54,176.68,9540.7199999999993]
["8.5.6.2","LUMINÁRIA DE EMBUTIR CIRCULAR PLAFON LED DE 18W; TEMPERATURA DE COR 6500K; TENSÃO BIVOLT 220/110; CORPO EM ALUMÍNIO E DIFUSOR EM POLICARBONATO; GRAU DE PROTEÇÃO IP20, REF. CHIRAY, LUMINÁRIAS PROJETO, AVANT, NITROLUX, ECOLINE, PHILIPS OU EQUIVALENTE - FORNECIMENTO E INSTALAÇÃO","un",62,32.35,2005.7]
["8.5.6.3","LUMINÁRIA DE SOBREPOR CIRCULAR PLAFON LED DE 18W; TEMPERATURA DE COR 6500K; TENSÃO BIVOLT 220/110; CORPO EM ALUMÍNIO E DIFUSOR EM POLICARBONATO; GRAU DE PROTEÇÃO IP20, REF. CHIRAY, LUMINÁRIAS PROJETO, AVANT, NITROLUX, ECOLINE, PHILIPS OU EQUIVALENTE - FORNECIMENTO E INSTALAÇÃO. ","un",6,41.41,248.46]
["8.5.6.4","LUMINÁRIA DE EMBUTIR CIRCULAR LED DICROICA DIRECIONÁVEL DE 5W; TEMPERATURA DE COR 6500K; TENSÃO BIVOLT 220/110; CORPO EM ALUMÍNIO E DIFUSOR EM POLICARBONATO; GRAU DE PROTEÇÃO IP20. REF. CHIRAY, LUMINÁRIAS PROJETO, AVANT, NITROLUX, ECOLINE, PHILIPS OU EQUIVALENTE - FORNECIMENTO E INSTALAÇÃO.","un",10,40,400]
["8.5.6.5","PROJETOR DE FACHADA LED 50W; TEMPERATURA DE COR 6500K; TENSÃO BIVOLT 220/110; CORPO EM ALUMÍNIO NA COR PRETA GRAU DE PROTEÇÃO IP65; MODELO PHILIPS 152 OU EQUIVALENTE - FORNECIMENTO E INSTALAÇÃO.","un",6,95.91,575.46]
["8.5.6.6","LUMINÁRIA ARANDELA TIPO TARTARUGA EM ALUMÍNIO NA COR BRANCA, COM GRADE, PARA UMA LÂMPADA BASE E27, INCLUSIVE LÂMPADA LED BULBO DE 20W, E27, 220V, 5000K. FORNECIMENTO E INSTALAÇÃO.  ","un",2,106.49,212.98]
["8.5.6.7","LUMINÁRIA CIRCULAR RESISTENTE A ÁGUA, PARA EMBUTIR EM JARDIM OU PISO, TODA EM LIGA DE ALUMÍNIO INJETADO. PROTEÇÃO EM VIDRO TEMPERADO E GRADE. ACABAMENTO EM PINTURA ELETROSTÁTICA NA COR PRETA GRAU DE PROTEÇÃO IP65, ITAIM, PROLUMI OU EQUIVALENTE, INCLUSIVE LÂMPADA PAR 30 12W, 6500K – FORNECIMENTO E INSTALAÇÃO.","un",2,278.75,557.5]
["8.5.6.8","LUMINÁRIA EM LED PARA ILUMINAÇÃO PÚBLICA, INCLUINDO O DRIVER, CONJUNTO ÓPTICO, LED E O INVÓLUCRO EM ALUMÍNIO OU AÇO INOX COM PINTURA RESISTENTE À CORROSÃO;  COM POTÊNCIA NOMINAL MÍNIMA DE 100 W; COM GRAU DE PROTEÇÃO IP65 OU SUPERIOR, COM EFICIÊNCIA LUMINOSA MÍNIMA 100 LUMENS POR WATT, MONTAGEM LATERAL EM BRAÇO DE ILUMINAÇÃO PÚBLICA OU POSTE METÁLICO (DIÂMETRO DE CONEXÃO 42 OU 60MM) INCLUINDO FERRAGENS PARA FIXAÇÃO; TENSÃO NOMINAL ENTRE 100 E 240 VOLTS COM FATOR DE POTÊNCIA DO SISTEMA SUPERIOR A 0,9; COM TEMPERATURA DE COR ENTRE 4000 E 5000K, INCLUSIVE RELÉ FOTOELÉTRICO. FORNECIMENTO E INSTALAÇÃO EM POSTE DE ATÉ 10M.","un",30,559.30999999999995,16779.3]
["8.5.6.9","FITA LED ECO 12V 10W/M, IP20, 3000K - FORNECIMENTO E INSTALAÇÃO. REFERÊNCIA STELLA OU EQUIVALENTE.","m",8,38.29,306.32]
["8.5.6.10","FORNECIMENTO E INSTALAÇÃO DE FONTE (DRIVE) 12V ECO 60W OU EQUIVALENTE PARA FITA LED.","un",2,116.68,233.36]
["8.5.6.11","POSTE TELECÔNICO CONTINUO RETO, CONFECCIONADO EM TUBO DE AÇO SAE 1010/1020, GALVANIZADO A FOGO MEDINDO 8,0 METROS, ENGASTADO, PRODUZIDO EM TRÊS ESTÁGIOS (CONIFICADO). FORNECIMENTO E INSTALAÇÃO.","un",20,1663.38,33267.599999999999]
["8.5.6.12","SUPORTE DE FIXAÇÃO EM AÇO GALVANIZADO A FOGO, PARA LUMINÁRIA PÚBLICA DE 01 PÉTALA, ENCAIXE EM POSTE COM TOPO DE Ø DE 48MM/60,3MM, ENCAIXE DA LUMINÁRIA DE Ø DE 48MM/60,3MM, FORNECIMENTO E INSTALAÇÃO.","un",10,157.75,1577.5]
["8.5.6.13","SUPORTE DE FIXAÇÃO EM AÇO GALVANIZADO A FOGO, PARA LUMINÁRIA PÚBLICA DE 02 PÉTALAS, ENCAIXE EM POSTE COM TOPO DE Ø DE 48MM/60,3MM, ENCAIXE DA LUMINÁRIA DE Ø DE 48MM/60,3MM, FORNECIMENTO E INSTALAÇÃO.","un",10,194.13,1941.3]
["8.5.6.14","HASTE DE ATERRAMENTO (TIPO COPPERWELD) DE 5/8\" X 3,0 M - FORNECIMENTO E INSTALAÇÃO.","un",20,97.94,1958.8]
["8.5.6.15","SOLDA EXOTÉRMICA PARA CABO / HASTE 50MM² - FORNECIMENTO E INSTALAÇÃO.","un",20,41.27,825.4]
["8.5.6.16","TERMINAL A COMPRESSÃO EM COBRE ESTANHADO PARA CABO DE 50MM², 1 FURO, INCLUSIVE PARAFUSO SEXTAVADO EM AÇO INOX 1/4\"X1.1/4\", ARRUELAS LISAS E PORCA SEXTAVADA DE 1/4\" - FORNECIMENTO E INSTALAÇÃO.","un",20,26.91,538.20000000000005]
["8.5.6.17","Relé fotoelétrico para comando de iluminação externa 1000 w - fornecimento e instalação. af_08/2020","un",6,32.479999999999997,194.88]
["8.5.7.","INTERRUPTORES E TOMADAS"]
["8.5.7.1","INTERRUPTOR PARALELO DE UMA SEÇÃO PARA CAIXA 4X2\", COMPOSTO POR SUPORTE, PLACA PARA UM POSTO E UM MÓDULO DE INTERRUPTOR PARALELO, COR BRANCA, LINHA PIALPLUS OU EQUIVALENTE. FORNECIMENTO E INSTALAÇÃO.","un",4,30.89,123.56]
["8.5.7.2","INTERRUPTOR PARALELO DE TRÊS SEÇÕES PARA CAIXA 4X2\", COMPOSTO POR SUPORTE, PLACA PARA TRÊS POSTOS E TRÊS MÓDULOS DE INTERRUPTOR PARALELO, COR BRANCA, LINHA PIALPLUS OU EQUIVALENTE. FORNECIMENTO E INSTALAÇÃO.","un",2,69.48,138.96]
["8.5.7.3","INTERRUPTOR SIMPLES DE UMA SEÇÃO PARA CAIXA 4X2\", COMPOSTO POR SUPORTE, PLACA PARA UM POSTO E UM MÓDULO DE INTERRUPTOR SIMPLES, COR BRANCA, LINHA PIALPLUS OU EQUIVALENTE. FORNECIMENTO E INSTALAÇÃO.","un",23,25.29,581.66999999999996]
["8.5.7.4","INTERRUPTOR SIMPLES DE TRÊS SEÇÕES PARA CAIXA 4X2\", COMPOSTO POR SUPORTE, PLACA PARA TRÊS POSTOS E TRÊS MÓDULOS DE INTERRUPTOR SIMPLES, COR BRANCA, LINHA PIALPLUS OU EQUIVALENTE. FORNECIMENTO E INSTALAÇÃO.","un",2,58.36,116.72]
["8.5.7.5","TOMADA ALTA PARA CAIXA 4X2\", COMPOSTA POR SUPORTE, PLACA PARA UM POSTO E UM MÓDULO DE TOMADA 2P+T, 10A, 250V, COR BRANCA, LINHA PIALPLUS OU EQUIVALENTE. FORNECIMENTO E INSTALAÇÃO.","un",10,41.64,416.4]
["8.5.7.6","TOMADA DUPLA PARA CAIXA 4X2\", COMPOSTA POR SUPORTE, PLACA PARA DOIS POSTOS E DOIS MÓDULOS DE TOMADA 2P+T, 10A, 250V, COR BRANCA, LINHA PIALPLUS OU EQUIVALENTE. FORNECIMENTO E INSTALAÇÃO.","un",32,42.43,1357.76]
["8.5.7.7","TOMADA DE PISO PARA CAIXA 4X2\", COMPOSTA POR SUPORTE, PLACA PARA UM POSTO EM INOX OU LATÃO E UM MÓDULO DE TOMADA 2P+T, 10A, 250V, LINHA PIALPLUS OU EQUIVALENTE. FORNECIMENTO E INSTALAÇÃO.","un",3,97.25,291.75]
["8.5.7.8","TOMADA MÉDIA DUPLA PARA CAIXA 4X2\", COMPOSTA POR SUPORTE, PLACA PARA DOIS POSTOS E DOIS MÓDULOS DE TOMADA 2P+T, 20A, 250V, COR BRANCA, LINHA PIALPLUS OU EQUIVALENTE. FORNECIMENTO E INSTALAÇÃO.","un",3,54.59,163.77000000000001]
["8.5.7.9","TOMADA MÉDIA DUPLA PARA CAIXA 4X2\", COMPOSTA POR SUPORTE, PLACA PARA DOIS POSTOS E DOIS MÓDULOS DE TOMADA 2P+T, 10A, 250V, COR BRANCA, LINHA PIALPLUS OU EQUIVALENTE. FORNECIMENTO E INSTALAÇÃO.","un",10,51.04,510.4]
["8.5.8.","PONTOS"]
["8.5.8.1","PONTO ARANDELA ÁREA TÉCNICA (CASA DE BOMBAS), COMPOSTO POR FIAÇÃO EM CABO DE COBRE FLEXÍVEL DE 2,5MM², COM ISOLAÇÃO EM PVC, ANTICHAMA E CLASSE TÉRMICA 70° C, ISOLAÇÃO 0,6/1,0kV. ELETRODUTO DE PVC CORRUGADO 3/4\", ELETRODUTO DE PVC RÍGIDO DE 3/4” e 1\" COM LUVA DE ROSCA INTERNA, CURVA E DEMAIS ACESSÓRIOS - FORNECIMENTO E INSTALAÇÃO.","un",2,914.97,1829.94]
["8.5.8.2","PONTO PARA INTERRUPTOR PARALELO DE TRÊS SEÇÕES EM ALVENARIA, COMPOSTO POR FIAÇÃO EM CABO DE COBRE FLEXÍVEL DE 2,5MM², COM ISOLAÇÃO EM PVC, ANTICHAMA E CLASSE TÉRMICA 70° C E ISOLAÇÃO 750V. ELETRODUTO DE PVC CORRUGADO 3/4\", ELETRODUTO DE PVC RÍGIDO DE 3/4\" COM LUVA DE ROSCA INTERNA, CURVA E DEMAIS ACESSÓRIOS - FORNECIMENTO E INSTALAÇÃO.","un",2,106.45,212.9]
["8.5.8.3","PONTO DE LUZ EM TETO/PAREDE, COMPOSTO POR FIAÇÃO EM CABO DE COBRE FLEXÍVEL DE 2,5MM² E CABO MULTIPOLAR DE COBRE FLEXÍVEL 2,5MM² (CABO PP), COM ISOLAÇÃO EM PVC, ANTICHAMA E CLASSE TÉRMICA 70° C E ISOLAÇÃO 750V. ELETRODUTO DE PVC CORRUGADO 3/4\", ELETRODUTO DE PVC RÍGIDO DE 3/4\" COM LUVA DE ROSCA INTERNA, CUVAS E DEMAIS ACESSÓRIOS, DESDE O PONTO DE LUZ ATÉ O QUADRO DE DISTRIBUIÇÃO - FORNECIMENTO E INSTALAÇÃO.","un",132,121.87,16086.84]
["8.5.8.4","PONTO PARA INTERRUPTOR PARALELO DE UMA SEÇÃO EM ALVENARIA, COMPOSTO POR FIAÇÃO EM CABO DE COBRE FLEXÍVEL DE 2,5MM², COM ISOLAÇÃO EM PVC, ANTICHAMA E CLASSE TÉRMICA 70° C E ISOLAÇÃO 750V. ELETRODUTO DE PVC CORRUGADO 3/4\", ELETRODUTO DE PVC RÍGIDO DE 3/4\" COM LUVA DE ROSCA INTERNA, CURVA E DEMAIS ACESSÓRIOS - FORNECIMENTO E INSTALAÇÃO.","un",4,106.45,425.8]
["8.5.8.5","PONTO PARA INTERRUPTOR DE UMA SEÇÃO EM ALVENARIA, COMPOSTO POR FIAÇÃO EM CABO DE COBRE FLEXÍVEL DE 2,5MM², COM ISOLAÇÃO EM PVC, ANTICHAMA E CLASSE TÉRMICA 70° C E ISOLAÇÃO 750V. ELETRODUTO DE PVC CORRUGADO 3/4\", ELETRODUTO DE PVC RÍGIDO DE 3/4\" COM LUVA DE ROSCA INTERNA, CURVA E DEMAIS ACESSÓRIOS - FORNECIMENTO E INSTALAÇÃO.","un",23,106.45,2448.35]
["8.5.8.6","PONTO PARA INTERRUPTOR DE TRÊS SEÇÕES EM ALVENARIA, COMPOSTO POR FIAÇÃO EM CABO DE COBRE FLEXÍVEL DE 2,5MM², COM ISOLAÇÃO EM PVC, ANTICHAMA E CLASSE TÉRMICA 70° C E ISOLAÇÃO 750V. ELETRODUTO DE PVC CORRUGADO 3/4\", ELETRODUTO DE PVC RÍGIDO DE 3/4\" COM LUVA DE ROSCA INTERNA, CURVA E DEMAIS ACESSÓRIOS - FORNECIMENTO E INSTALAÇÃO.","un",1,106.45,106.45]
["8.5.8.7","PONTO PARA TOMADA 2P+T DE NO PISO, COMPOSTO POR FIAÇÃO EM CABO DE COBRE FLEXÍVEL DE 2,5MM², COM ISOLAÇÃO EM PVC, ANTICHAMA E CLASSE TÉRMICA 70° C E ISOLAÇÃO 750V. ELETRODUTO DE PVC CORRUGADO 3/4\", ELETRODUTO DE PVC RÍGIDO DE 3/4\", COM LUVA DE ROSCA INTERNA, CURVA E DEMAIS ACESSÓRIOS - FORNECIMENTO E INSTALAÇÃO.","un",3,259.58,778.74]
["8.5.8.8","PONTO PARA TOMADA 2P+T EM ALVENARIA, COMPOSTO POR FIAÇÃO EM CABO DE COBRE FLEXÍVEL DE 2,5MM², COM ISOLAÇÃO EM PVC, ANTICHAMA E CLASSE TÉRMICA 70° C E ISOLAÇÃO 750V. ELETRODUTO DE PVC CORRUGADO 3/4\", ELETRODUTO DE PVC RÍGIDO DE 3/4\" COM LUVA DE ROSCA INTERNA, CURVA E DEMAIS ACESSÓRIOS - FORNECIMENTO E INSTALAÇÃO.","un",45,106.45,4790.25]
["8.5.8.9","PONTO PARA TOMADA 2P+T DE EMERGÊNCIA EM ALVENARIA, COMPOSTO POR FIAÇÃO EM CABO DE COBRE FLEXÍVEL DE 2,5MM², COM ISOLAÇÃO EM PVC, ANTICHAMA E CLASSE TÉRMICA 70° C E ISOLAÇÃO 750V. ELETRODUTO DE PVC RÍGIDO DE 3/4\" COM LUVA DE ROSCA INTERNA, CURVA E DEMAIS ACESSÓRIOS - FORNECIMENTO E INSTALAÇÃO.","un",10,95.11,951.1]
["8.5.8.10","PONTO BOMBA DE RECALQUE, COMPOSTO POR FIAÇÃO EM CABO DE COBRE FLEXÍVEL DE 6MM², COM ISOLAÇÃO EM PVC, ANTICHAMA E CLASSE TÉRMICA 70° C, ISOLAÇÃO 0,6/1,0KV. ELETRODUTO DE PVC CORRUGADO 3/4\", ELETRODUTO DE PVC RÍGIDO DE 3/4” e 1\" COM LUVA DE ROSCA INTERNA, CURVA E DEMAIS ACESSÓRIOS - FORNECIMENTO E INSTALAÇÃO.","un",2,2444.54,4889.08]
["8.5.8.11","PONTO DE LUZ EXTERNA (2 MASTROS E BANDEIRA + 6 PROJETORES DE PISO), COMPOSTO POR FIAÇÃO EM CABO DE COBRE FLEXÍVEL DE 2,5MM², COM ISOLAÇÃO EM PVC E CLASSE TÉRMICA 70° C, ISOLAÇÃO 0,6/1,0kV. ELETRODUTO DE PVC RÍGIDO DE 1\" COM LUVA DE ROSCA INTERNA, CURVA E DEMAIS ACESSÓRIOS - FORNECIMENTO E INSTALAÇÃO.","un",8,876.48,7011.84]
["8.5.8.12","PONTO PARA LUMINÁRIA DE BALIZAMENTO, COMPOSTO POR FIAÇÃO EM CABO DE COBRE FLEXÍVEL DE 2,5MM², COM ISOLAÇÃO EM PVC, ANTICHAMA E CLASSE TÉRMICA 70° C, ISOLAÇÃO 450/750V. ELETRODUTO DE PVC CORRUGADO 3/4\", ELETRODUTO DE PVC RÍGIDO DE 3/4”, ELETRODUTO DE FERRO GALVANIZADO DE 3/4\" COM LUVA DE ROSCA INTERNA, CURVA E DEMAIS ACESSÓRIOS - FORNECIMENTO E INSTALAÇÃO.","un",1,1340.95,1340.95]
["8.6.","REDE ESTABILIZADA"]
["8.6.1.","CONDUTOS"]
["8.6.1.1","ELETROCALHA PERFURADA, GALVANIZADA, DIM.: 50X50MM, CHAPA 22, INCLUSIVE CONEXÕES, ACESSÓRIOS DE DERIVAÇÃO, MATERIAIS PARA FIXAÇÃO E SUSTENTAÇÃO. FORNECIMENTO E INSTALAÇÃO.       ","m",76.849999999999994,63.06,4846.16]
["8.6.2.","TOMADAS"]
["8.6.2.1","TOMADA PARA COMPUTADOR NO PISO EM CAIXA 4X4\", COMPOSTA POR SUPORTE, PLACA PARA DOIS POSTOS EM INOX OU LATÃO, DOIS MÓDULOS DE TOMADA 2P+T 10A-250V. FORNECIMENTO E INSTALAÇÃO.","un",3,103.71,311.13]
["8.6.2.2","TOMADA PARA COMPUTADOR EM CAIXA 4X4\", COMPOSTA POR SUPORTE, PLACA PARA QUATRO POSTOS NA COR BRANCA, TRÊS MÓDULOS DE TOMADA 2P+T 10A-250V E UM MÓDULO DE TOMADA 2P+T 20A-250V, LINHA PIALPLUS OU EQUIVALENTE. FORNECIMENTO E INSTALAÇÃO.","un",25,83.73,2093.25]
["8.6.2.3","TOMADA MÉDIA PARA COMPUTADOR EM CAIXA 4X4\", COMPOSTA POR SUPORTE, PLACA PARA QUATRO POSTOS NA COR BRANCA, TRÊS MÓDULOS DE TOMADA 2P+T 10A-250V E UM MÓDULO DE TOMADA 2P+T 20A-250V, LINHA PIALPLUS OU EQUIVALENTE. FORNECIMENTO E INSTALAÇÃO.","un",1,99.54,99.54]
["8.6.3.","CAIXAS / CONDULETES"]
["8.6.3.1","CAIXA RETANGULAR 4X4\", EM ALUMÍNIO, INSTALADA NO PISO. FORNECIMENTO E INSTALAÇÃO.","un",3,28.84,86.52]
["8.6.3.2","CAIXA RETANGULAR 4X4\", MÉDIA, EM PVC, INSTALADA EM ALVENARIA. FORNECIMENTO E INSTALAÇÃO.","un",1,25.64,25.64]
["8.6.3.3","FORNECIMENTO TAMPA CEGA, 4X4 POL., COR BRANCA, NA LINHA PIAL PLUS OU EQUIVALENTE, INCLUSIVE INSTALAÇÃO.","un",2,3.66,7.32]
["8.6.3.4","CAIXA RETANGULAR 4X4\", BAIXA, EM PVC, INSTALADA EM ALVENARIA. FORNECIMENTO E INSTALAÇÃO.","un",27,19.57,528.39]
["8.6.3.5","CONDULETE DE PVC, TIPO T, PARA ELETRODUTO ROSCÁVEL DE 3/4\", APARENTE, INCLUSIVE ACESSÓRIOS DE FIXAÇÃO. FORNECIMENTO E INSTALAÇÃO.","un",3,34.409999999999997,103.23]
["8.6.3.6","FORNECIMENTO E INSTALAÇÃO DE TAMPA CEGA PARA CONDULETE EM PVC CAIXA 4\" X 2\"","un",3,9.59,28.77]
["8.6.4.","QUADROS / PROTEÇÃO"]
["8.6.4.1","Disjuntor tripolar tipo din, corrente nominal de 40a - fornecimento e instalação. af_10/2020","un",1,90.24,90.24]
["8.6.4.2","Disjuntor monopolar tipo din, corrente nominal de 25a - fornecimento e instalação. af_10/2020","un",8,13.86,110.88]
["8.6.4.3","QUADRO DE DISTRIBUIÇÃO DE ENERGIA DE SOBREPOR, EM CHAPA METÁLICA, PARA 28 DISJUNTORES TERMOMAGNÉTICOS MONOPOLARES, PADRÃO DIN, COM BARRAMENTO TRIFÁSICO (100A), GUIA PARA DISJUNTOR GERAL, BARRAS DE NEUTRO E TERRA E DEMAIS ACESSÓRIOS. FORNECIMENTO E INSTALAÇÃO.","un",1,433.65,433.65]
["8.6.5.","PONTOS"]
["8.6.5.1","PONTO NO PISO PARA TOMADA ESTABILIZADA (COMPUTADOR), COMPOSTO POR FIAÇÃO EM CABO DE COBRE FLEXÍVEL DE 4,0MM², COM ISOLAÇÃO EM PVC, ANTICHAMA E CLASSE TÉRMICA 70° C E ISOLAÇÃO 750V, ELETRODUTO DE PVC CORRUGADO DE 3/4\", ELETRODUTO DE PVC RÍGIDO DE 3/4\" E 1” COM CURVA, LUVA DE ROSCA INTERNA E DEMAIS ACESSÓRIOS – FORNECIMENTO E INSTALAÇÃO.","un",3,444.92,1334.76]
["8.6.5.2","PONTO EM PAREDE DE ALVENARIA PARA TOMADA ESTABILIZADA (COMPUTADOR), COMPOSTO POR FIAÇÃO EM CABO DE COBRE FLEXÍVEL DE 4,0MM², COM ISOLAÇÃO EM PVC, ANTICHAMA E CLASSE TÉRMICA 70° C E ISOLAÇÃO 750V, ELETRODUTO DE PVC CORRUGADO DE 3/4\", ELETRODUTO DE PVC RÍGIDO DE 3/4\" COM CURVA, LUVA DE ROSCA INTERNA E DEMAIS ACESSÓRIOS – FORNECIMENTO E INSTALAÇÃO.","un",26,233.06,6059.56]
["8.7.","SPDA"]
["8.7.1.","QUADROS / PROTEÇÃO"]
["8.7.1.1","CAIXA DE EQUALIZAÇÃO DE POTENCIAIS PARA USO INTERNO E EXTERNO COM NOVE (9) TERMINAIS PARA ATERRAMENTO (BEP), EM AÇO, COM FLANGE INFERIOR E VEDAÇÃO NA PORTA, REF. TEL-903, MARCA DE REFERÊNCIA TERMOTÉCNICA OU EQUIVALENTE – FORNECIMENTO E INSTALAÇÃO.","un",1,615.29,615.29]
["8.7.2.","CAPTAÇÃO E ATERRAMENTO"]
["8.7.2.1","CAIXA DE PASSAGEM DE ALVENARIA DE BLOCOS CERÂMICO 9X19X39CM, DIMENSÕES DE 30X30X50CM, COM REVESTIMENTO INTERNO EM CHAPISCO E REBOCO, TAMPA DE CONCRETO ESP.5CM E LASTRO DE BRITA 5 CM.","un",6,139.25,835.5]
["8.7.2.2","APARELHO SINALIZADOR NOTURNO DE OBSTÁCULOS AÉREO, SIMPLES, COM CÉLULA FOTOELÉTRICA, INCLUSIVE UMA (1) LÂMPADA LED E SUPORTE PARA MASTRO. FORNECIMENTO E INSTALAÇÃO.","un",1,118.58,118.58]
["8.7.2.3","MASTRO TELESCÓPICO DE 4M (3MX2\" E 1MX1.1/2\"), INCL. BASE DE FIXAÇÃO 2\", CAPTOR TIPO FRANKLIN EM LATÃO CROMADO (2 DESCIDAS), ABRAÇADEIRAS GUIA SIMPLES E REFORÇADAS PARA DUAS DESCIDAS, CONJ. DE CONTRAVENTAGEM COM ABRAÇADEIRA PARA 3 ESTAIS EM TUBO DE 2M E DEMAIS ACESSÓRIOS DE FIXAÇÃO. FORNECIMENTO E INSTALAÇÃO. ","un",1,1204.94,1204.94]
["8.7.2.4","SOLDA EXOTÉRMICA PARA CABO / HASTE 50MM² - FORNECIMENTO E INSTALAÇÃO.","un",18,41.27,742.86]
["8.7.2.5","SOLDA EXOTÉRMICA PARA CABO / CABO 35MM² - FORNECIMENTO E INSTALAÇÃO.","un",1,38.61,38.61]
["8.7.2.6","HASTE DE ATERRAMENTO (TIPO COPPERWELD) DE 5/8\" X 3,0 M - FORNECIMENTO E INSTALAÇÃO.","un",6,97.94,587.64]
["8.7.2.7","CAIXA DE INSPEÇÃO SUSPENSA EM POLIPROPILENO, COM TAMPA, ANTI-UV E ANTI-CHAMA (REF. TEL 541) E CONECTOR DE MEDIÇÃO EM LATÃO COM 2 PARAFUSOS PARA CABO DE COBRE 35-70MM² (REF. TEL-562) TERMOTÉCNICA OU EQUIVALENTE - FORNECIMENTO E INSTALAÇÃO.","un",6,139.83000000000001,838.98]
["8.7.2.8","TERMINAL A COMPRESSÃO EM COBRE ESTANHADO PARA CABO DE 50MM², 1 FURO, INCLUSIVE PARAFUSO SEXTAVADO EM AÇO INOX 1/4\"X1.1/4\", ARRUELAS LISAS E PORCA SEXTAVADA DE 1/4\" - FORNECIMENTO E INSTALAÇÃO.","un",14,26.91,376.74]
["8.7.2.9","TERMINAL A COMPRESSÃO EM COBRE ESTANHADO PARA CABO DE 35MM², 1 FURO, INCLUSIVE PARAFUSO SEXTAVADO EM AÇO INOX 1/4\"X1.1/4\", ARRUELAS LISAS E PORCA SEXTAVADA DE 1/4\" - FORNECIMENTO E INSTALAÇÃO.","un",1,19.48,19.48]
["8.7.2.10","TERMINAL A COMPRESSÃO EM COBRE ESTANHADO PARA CABO DE 16MM², 1 FURO, INCLUSIVE PARAFUSO SEXTAVADO EM AÇO INOX 1/4\"X1.1/4\", ARRUELAS LISAS E PORCA SEXTAVADA DE 1/4\" - FORNECIMENTO E INSTALAÇÃO.","un",1,10.6,10.6]
["8.7.2.11","CONECTOR PARAFUSO FENDIDO SPLIT-BOLT PARA CABO DE ATÉ 35MM². FORNECIMENTO E INSTALAÇÃO.","un",36,17.14,617.04]
["8.7.3.","CONDUTORES"]
["8.7.3.1","CORDOALHA EM CABO DE COBRE NU, TÊMPERA MEIO-DURO, ENCORDOAMENTO CLASSE 2, SEÇÃO NOMINAL DE 35 MM², NÃO ENTERRADA, FIXADA COM PRESILHA DE LATÃO PARA CABO DE 35 MM², INCLUSIVE PARAFUSO EM AÇO INOX FENDA, BUCHA NYLON E VEDAÇÃO DOS FUROS COM SELANTE POLIURETANO, MARCA DE REF. TERMOTÉCNICA OU EQUIVALENTE. FORNECIMENTO E INSTALAÇÃO.","m",234,60.64,14189.76]
["8.7.3.2","CABO DE COBRE NU, TÊMPERA MEIO-DURO, ENCORDOAMENTO CLASSE 2A/3A, SEÇÃO NOMINAL DE 16 MM², PARA ATERRAMENTO, INCLUSIVE INSTALAÇÃO.","m",5.33,23.13,123.28]
["8.7.3.3","CABO DE COBRE NU, TÊMPERA MEIO-DURO, ENCORDOAMENTO CLASSE 2A/3A, SEÇÃO NOMINAL DE 50 MM², PARA ATERRAMENTO, INSTALADO EM VALA COM 0,5 M DE PROFUNDIDADE, INCLUSIVE ESCAVAÇÃO E REATERRO.","m",183.58,81.81,15018.67]
["8.8.","SUBESTAÇÃO"]
["8.8.1","FITA EM AÇO INOX PARA CINTAR POSTE. FORNECIMENTO E INSTALAÇÃO.","m",6,3.01,18.059999999999999]
["8.8.2","FECHO PARA FITA BANDIT – FORNECIMENTO E INSTALAÇÃO.","un",3,8.6199999999999992,25.86]
["8.8.3","PARAFUSO ROSCA SIMPLES CABEÇA QUADRADA 16 X 400MM – FORNECIMENTO E INSTALAÇÃO.","un",10,27.12,271.2]
["8.8.4","PARAFUSO ROSCA DUPLA 16 X 450MM – FORNECIMENTO E INSTALAÇÃO.","un",2,38.450000000000003,76.900000000000006]
["8.8.5","JOGO DE BUCHA E ARRUELA DE ALUMÍNIO DE 2\", INCLUSIVE FIXAÇÃO.","un",4,9.68,38.72]
["8.8.6","FORNECIMENTO E INSTALAÇÃO DE ARRUELA QUADRADA EM AÇO GALVANIZADO, DIMENSÃO = 38MM, ESPESSURA = 3MM, DIÂMETRO DO FURO = 16MM.","un",24,46.24,1109.76]
["8.8.7","ISOLADOR POLIMÉRICO, TIPO PINO, PARA TENSÃO 15 KV - FORNECIMENTO E INSTALAÇÃO.","un",6,50.79,304.74]
["8.8.8","PARA-RAIOS POLIMÉRICO 12KV - 10KA COM SUPORTE – FORNECIMENTO E INSTALAÇÃO.","un",3,298.74,896.22]
["8.8.9","PINO ISOLADOR, EM AÇO GALVANIZADO PARA CRUZETA, 15 KV, ROSCA 25 MM – FORNECIMENTO E INSTALAÇÃO.     ","un",6,35.520000000000003,213.12]
["8.8.10","CHAVE FUSÍVEL 15KV, 10KA, BASE C – FORNECIMENTO E INSTALAÇÃO.","un",3,478.36,1435.08]
["8.8.11","FORNECIMENTO DE CRUZETA TIPO T 1900MM, INCLUSIVE ACESSÓRIOS PARA INSTALAÇÃO E ASSENTAMENTO EM POSTE.","un",4,279.47000000000003,1117.8800000000001]
["8.8.12","POSTE DE CONCRETO DUPLO T COM COMPRIMENTO NOMINAL DE 10 M, CARGA NOMINAL DE 600 DAN, ENGASTAMENTO BASE CONCRETADA COM 1 M DE CONCRETO E 0,6 M DE SOLO – FORNECIMENTO E INSTALAÇÃO. ","un",1,1864.89,1864.89]
["8.8.13","FORNECIMENTO E INSTALAÇÃO DE CABO DE ALUMÍNIO CAA 4AWG.","m",20,44.53,890.6]
["8.8.14","TRANSFORMADOR DE DISTRIBUIÇÃO, 75 KVA, TRIFÁSICO, AT 13800V, BT 380/220 V, 60 HZ, CLASSE 15 KV, IMERSO EM ÓLEO MINERAL, INSTALAÇÃO EM POSTE - FORNECIMENTO E INSTALAÇÃO. ","un",1,30604.16,30604.16]
["8.8.15","FORNECIMENTO E INSTALAÇÃO CAIXA DE MEDIÇÃO DE AÇO GALVANIZADO, MODELO F3, PADRÃO NEOENGERGIA COM DIMENSÕES 850X550X250MM.","un",1,1011.17,1011.17]
["8.8.16","TERMINAL METÁLICO DE PRESSÃO PARA CABO DE 35MM², COM 1 FURO DE FIXAÇÃO. FORNECIMENTO E INSTALAÇÃO.","un",7,22.36,156.52000000000001]
["8.8.17","FORNECIMENTO E INSTALAÇÃO DE DISJUNTOR TRIPOLAR DE 125A-380V-10KA EM CAIXA MOLDADA.","un",1,520.58000000000004,520.58000000000004]
["8.8.18","CABO DE COBRE FLEXÍVEL, TÊMPERA MOLE E ENCORDOAMENTO CLASSES 4 E 5, SEÇÃO NOMINAL DE 35 MM², ISOLAÇÃO ANTI-CHAMA EM COMPOSTO TERMOPLÁSTICO NÃO HALOGENADO, COM BAIXA EMISSÃO DE FUMAÇA, 0,6/1,0KV - 70ºC, INCLUSIVE INSTALAÇÃO.","m",20,69.39,1387.8]
["8.8.19","CABO DE COBRE NU, TÊMPERA MEIO-DURO, ENCORDOAMENTO CLASSE 2A/3A, SEÇÃO NOMINAL DE 50 MM², PARA ATERRAMENTO, INSTALADO EM VALA COM 0,5 M DE PROFUNDIDADE, INCLUSIVE ESCAVAÇÃO E REATERRO.","m",50,81.81,4090.5]
["8.8.20","CONECTOR PARAFUSO FENDIDO SPLIT-BOLT PARA CABO DE ATÉ 50MM². FORNECIMENTO E INSTALAÇÃO.","un",20,22.19,443.8]
["8.8.21","HASTE DE ATERRAMENTO (TIPO COPPERWELD) DE 3/4\" X 3,0 M COM CONECTOR. FORNECIMENTO E INSTALAÇÃO","un",4,181.99,727.96]
["8.8.22","CAIXA SUBTERRÂNEA EM ALVENARIA COM DIMENSÕES INTERNAS DE (0,3X0,3X0,4) M, SOBRE CAMADA DE BRITA COM 0,10M DE ESPESSURA, PAREDES EM ALVENARIA E LAJE DE TAMPA EM CONCRETO ARMADO PARA ASSENTAMENTO DE HASTES DE ATERRAMENTO.","un",4,165.1,660.4]
["8.8.23","FORNECIMENTO E ASSENTAMENTO DE ELETRODUTO DE FERRO GALVANIZADO DE 2\", INCLUSIVE FIXAÇÃO EM POSTE.","m",9,91.25,821.25]
["8.8.24","ELETRODUTO RÍGIDO ROSCÁVEL, PVC, DN 60 MM (2\"), COM LUVA DE ROSCA INTERNA E CONEXÕES, INSTALAÇÃO ENTERRADA, INCLUINDO ESCAVAÇÃO E REATERRO.  FORNECIMENTO E INSTALAÇÃO.","m",3,57.84,173.52]
["8.8.25","FORNECIMENTO E INSTALAÇÃO DE CURVA 90° DE FERRO GALVANIZADO, 2\".","un",1,33.479999999999997,33.479999999999997]
["8.8.26","ELETRODUTO RÍGIDO ROSCÁVEL, EM PVC, DN 32 MM (1\"), COM LUVA DE ROSCA INTERNA E CONEXÕES, INSTALAÇÃO APARENTE.  FORNECIMENTO E INSTALAÇÃO.","m",3,16.38,49.14]
["8.8.27","ELETRODUTO RÍGIDO ROSCÁVEL, EM PVC, DN 20 MM (1/2\"), COM LUVA DE ROSCA INTERNA E CONEXÕES, INSTALAÇÃO APARENTE.  FORNECIMENTO E INSTALAÇÃO.","m",3,10.119999999999999,30.36]
["8.8.28","BASE DE CONCRETO PARA SUBESTAÇÃO AÉREA, INCLUINDO LASTRO DE PISO COM ESPESSURA DE 10CM E PISO CIMENTADO COM ARGAMASSA DE CIMENTO E AREIA NO TRAÇO 1:3 COM ESPESSURA DE 2CM.","m²",9,136.16999999999999,1225.53]
["9.","INSTALAÇÕES HIDROSSANITÁRIAS"]
["9.1.","Água fria"]
["9.1.1.","Circular"]
["9.1.1.1","Tubo, pvc, soldável, de 25mm, instalado em ramal de distribuição de água - fornecimento e instalação. af_06/2022","m",43.99,8.85,389.31]
["9.1.1.2","Tubo, pvc, soldável, de 50mm, instalado em ramal de distribuição de água - fornecimento e instalação. af_06/2022","m",5.35,16.66,89.13]
["9.1.1.3","Tubo, pvc, soldável, de 60mm, instalado em prumada de água - fornecimento e instalação. af_06/2022","m",24.38,22.68,552.92999999999995]
["9.1.1.4","FORNECIMENTO E INSTALAÇÃO DE ABRAÇADEIRA TIPO P PARA FIXAÇÃO DE TUBOS, DIÂMETROS ENTRE 15 MM E 35 MM.","un",44,8.44,371.36]
["9.1.1.5","FORNECIMENTO E INSTALAÇÃO DE ABRAÇADEIRA TIPO M PARA FIXAÇÃO DE TUBOS, DIÂMETROS ENTRE 40 MM E 75 MM.","un",30,14.15,424.5]
["9.1.2.","Conexão"]
["9.1.2.1","Bucha de redução, curta, pvc, soldável, dn 60 x 50 mm, instalado em prumada de água - fornecimento e instalação. af_06/2022","un",1,11.14,11.14]
["9.1.2.2","Bucha de redução, longa, pvc, soldável, dn 60 x 25 mm, instalado em prumada de água - fornecimento e instalação. af_06/2022","un",2,12.51,25.02]
["9.1.2.3","Joelho 90 graus, pvc, soldável, dn 25mm, instalado em ramal de distribuição de água - fornecimento e instalação. af_06/2022","un",12,6.02,72.239999999999995]
["9.1.2.4","Joelho 90 graus, pvc, soldável, dn 50mm, instalado em prumada de água - fornecimento e instalação. af_06/2022","un",3,10.46,31.38]
["9.1.2.5","Joelho 90 graus, pvc, soldável, dn 60 mm instalado em reservação predial de água - fornecimento e instalação. af_04/2024","un",5,32.42,162.1]
["9.1.2.6","Te, pvc, soldável, dn 25mm, instalado em ramal de distribuição de água - fornecimento e instalação. af_06/2022","un",5,8.39,41.95]
["9.1.2.7","Te, pvc, soldável, dn 60mm, instalado em prumada de água - fornecimento e instalação. af_06/2022","un",3,35.9,107.7]
["9.1.2.8","TÊ DE REDUÇÃO, PVC, SOLDÁVEL, DN 60MM X 25MM, INSTALADO EM RAMAL DE DISTRIBUIÇÃO DE ÁGUA - FORNECIMENTO E INSTALAÇÃO.","un",3,33.229999999999997,99.69]
["9.1.2.9","TÊ DE REDUÇÃO, PVC, SOLDÁVEL, DN 60MM X 50MM, INSTALADO EM RAMAL DE DISTRIBUIÇÃO DE ÁGUA - FORNECIMENTO E INSTALAÇÃO.","un",4,88.31,353.24]
["9.1.3.","Registro"]
["9.1.3.1","Registro de gaveta bruto, latão, roscável, 2\" - fornecimento e instalação. af_08/2021","un",2,132.54,265.08]
["9.1.3.2","Registro de gaveta bruto, latão, roscável, 2\" - fornecimento e instalação. af_08/2021","un",2,132.54,265.08]
["9.1.3.3","Adaptador curto com bolsa e rosca para registro, pvc, soldável, dn 60 mm x 2\", instalado em reservação predial de água - fornecimento e instalação. af_04/2024","un",8,14.73,117.84]
["9.1.4.","Reservatório cilíndrico"]
["9.1.4.1","Caixa d´água em polietileno, 2000 litros - fornecimento e instalação. af_06/2021","un",2,949.58,1899.16]
["9.1.5.","Tomada d´água"]
["9.1.5.1","ADAPTADOR COM FLANGES LIVRES, PVC, SOLDÁVEL, DN 60 MM X 2\", INSTALADO EM RESERVAÇÃO PREDIAL DE ÁGUA - FORNECIMENTO E INSTALAÇÃO.","un",2,45.2,90.4]
["9.2.","Água fria (Embutida na parede)"]
["9.2.1.","Registro"]
["9.2.1.1","Registro de gaveta bruto, latão, roscável, 1 1/2\", com acabamento e canopla cromados - fornecimento e instalação. af_08/2021","un",3,151.55000000000001,454.65]
["9.2.1.2","Registro de gaveta bruto, latão, roscável, 3/4\", com acabamento e canopla cromados - fornecimento e instalação. af_08/2021","un",9,85.5,769.5]
["9.2.1.3","Adaptador curto com bolsa e rosca para registro, pvc, soldável, dn 25mm x 3/4 , instalado em ramal ou sub-ramal de água - fornecimento e instalação. af_06/2022","un",18,2.84,51.12]
["9.2.1.4","Adaptador curto com bolsa e rosca para registro, pvc, soldável, dn 50mm x 1.1/2\", instalado em ramal de distribuição de água - fornecimento e instalação. af_06/2022","un",6,7.33,43.98]
["9.3.","Água fria (Enterrada)"]
["9.3.1.","Circular"]
["9.3.1.1","Tubo, pvc, soldável, de 25mm, instalado em ramal de distribuição de água - fornecimento e instalação. af_06/2022","m",0.62,8.85,5.48]
["9.3.1.2","Tubo, pvc, soldável, de 50mm, instalado em ramal de distribuição de água - fornecimento e instalação. af_06/2022","m",7.33,16.66,122.11]
["9.3.1.3","Escavação manual de vala. af_09/2024","m3",0.31,27.32,8.4600000000000009]
["9.3.1.4","REATERRO MANUAL APILOADO COM SOQUETE.","m³",0.31,54.23,16.809999999999999]
["9.3.2.","Conexão"]
["9.3.2.1","Te, pvc, soldável, dn 25mm, instalado em ramal de distribuição de água - fornecimento e instalação. af_06/2022","un",1,8.39,8.39]
["9.4.","Alimentação"]
["9.4.1.","Alimentador predial"]
["9.4.1.1","Registro de esfera, pvc, roscável, com volante, 3/4\" - fornecimento e instalação. af_08/2021","un",2,27.27,54.54]
["9.4.1.2","FORNECIMENTO E INSTALAÇÃO DE COLAR DE TOMADA, FERRO FUNDIDO, DE 3/4\", PARA LIGAÇÃO PREDIAL DE ÁGUA.","un",1,34.68,34.68]
["9.4.1.3","FORNECIMENTO E INSTALAÇÃO DE LUVA DE FERRO GALVANIZADO, COM ROSCA BSP MACHO/FEMEA, DE 3/4\"","un",3,18.34,55.02]
["9.4.2.","Bomba hidráulica"]
["9.4.2.1","FORNECIMENTO E INSTALAÇÃO DE MOTOBOMBA CENTRÍFUGA, MARCA SCHNEIDER OU SIMILAR, MODELO BC-91 S/T, MOTOR 1/4 CV, MONOFÁSICO, HM = 2 A 14 M, Q = 1,8 A 8,2 M3/H","un",2,1856.14,3712.28]
["9.4.3.","Circular"]
["9.4.3.1","Tubo, pvc, soldável, de  25mm, instalado em reservação predial de água - fornecimento e instalação. af_04/2024","m",0.79,4.09,3.23]
["9.4.3.2","Tubo, pvc, soldável, de 32mm, instalado em reservação predial de água - fornecimento e instalação. af_04/2024","m",18.190000000000001,8.86,161.16]
["9.4.3.3","Tubo, pvc, soldável, de 40mm, instalado em reservação predial de água - fornecimento e instalação. af_04/2024","m",1.84,14.53,26.73]
["9.4.4.","Conexão"]
["9.4.4.1","Joelho 90 graus, pvc, soldável, dn 25mm, instalado em prumada de água - fornecimento e instalação. af_06/2022","un",2,3.81,7.62]
["9.4.4.2","Joelho 90 graus, pvc, soldável, dn 32 mm instalado em reservação predial de água - fornecimento e instalação. af_04/2024","un",10,4.1399999999999997,41.4]
["9.4.4.3","Joelho 90 graus, pvc, soldável, dn 40 mm instalado em reservação predial de água - fornecimento e instalação. af_04/2024","un",3,9.5500000000000007,28.65]
["9.4.4.4","Te, pvc, soldável, dn 32mm, instalado em ramal de distribuição de água - fornecimento e instalação. af_06/2022","un",2,12.08,24.16]
["9.4.4.5","Te, pvc, soldável, dn 40mm, instalado em ramal de distribuição de água - fornecimento e instalação. af_06/2022","un",1,18.239999999999998,18.239999999999998]
["9.4.5.","Registro"]
["9.4.5.1","Registro de gaveta bruto, latão, roscável, 1 1/4\" - fornecimento e instalação. af_08/2021","un",2,75.7,151.4]
["9.4.5.2","Registro de gaveta bruto, latão, roscável, 1\" - fornecimento e instalação. af_08/2021","un",4,57.3,229.2]
["9.4.5.3","Válvula de retenção vertical, de bronze, roscável, 1\" - fornecimento e instalação. af_08/2021","un",2,81.11,162.22]
["9.4.5.4","FORNECIMENTO E INSTALAÇÃO DE VÁLVULA DE SUCÇÃO EM LATÃO, DN = 32MM (1.1/4\").","un",1,154.43,154.43]
["9.4.5.5","Adaptador curto com bolsa e rosca para registro, pvc, soldável, dn 32 mm x 1\", instalado em reservação predial de água - fornecimento e instalação. af_04/2024","un",12,3.77,45.24]
["9.4.5.6","Adaptador curto com bolsa e rosca para registro, pvc, soldável, dn 40 mm x 1 1/4\", instalado em reservação predial de água - fornecimento e instalação. af_04/2024","un",5,6.04,30.2]
["9.4.6.","Tomada d´água"]
["9.4.6.1","ADAPTADOR COM FLANGES LIVRES, PVC, SOLDÁVEL, DN 25 MM X 3/4\", INSTALADO EM RESERVAÇÃO PREDIAL DE ÁGUA - FORNECIMENTO E INSTALAÇÃO.","un",1,15.04,15.04]
["9.4.6.2","ADAPTADOR COM FLANGES LIVRES, PVC, SOLDÁVEL, DN 32 MM X 1\", INSTALADO EM RESERVAÇÃO PREDIAL DE ÁGUA - FORNECIMENTO E INSTALAÇÃO.","un",2,13.37,26.74]
["9.4.6.3","Torneira de boia para caixa d'água, roscável, 3/4\" - fornecimento e instalação. af_08/2021","un",1,22.78,22.78]
["9.4.7.","Acessórios"]
["9.4.7.1","FORNECIMENTO E INSTALAÇÃO DE BOIA ELÉTRICA PARA CAIXA D'ÁGUA. ","un",2,70.459999999999994,140.91999999999999]
["9.4.7.2","FORNECIMENTO E INSTALAÇÃO DE ABRAÇADEIRA TIPO P PARA FIXAÇÃO DE TUBOS, DIÂMETROS ENTRE 15 MM E 35 MM.","un",19,8.44,160.36000000000001]
["9.4.7.3","FORNECIMENTO E INSTALAÇÃO DE ABRAÇADEIRA TIPO M PARA FIXAÇÃO DE TUBOS, DIÂMETROS ENTRE 40 MM E 75 MM.","un",1,14.15,14.15]
["9.5.","Alimentação (Enterrada)"]
["9.5.1.","Circular"]
["9.5.1.1","Tubo, pvc, soldável, de 25mm, instalado em ramal de distribuição de água - fornecimento e instalação. af_06/2022","m",15.21,8.85,134.6]
["9.5.1.2","Tubo, pvc, soldável, de 32mm, instalado em ramal de distribuição de água - fornecimento e instalação. af_06/2022","m",47.13,16.149999999999999,761.14]
["9.5.1.3","Tubo, pvc, soldável, de 40mm, instalado em ramal de distribuição de água - fornecimento e instalação. af_06/2022","m",8.1300000000000008,21.98,178.69]
["9.5.1.4","Escavação manual de vala. af_09/2024","m3",1.77,27.32,48.35]
["9.5.1.5","REATERRO MANUAL APILOADO COM SOQUETE.","m³",1.77,54.23,95.98]
["9.5.2.","Conexão"]
["9.5.2.1","Joelho 90 graus, pvc, soldável, dn 25mm, instalado em ramal de distribuição de água - fornecimento e instalação. af_06/2022","un",1,6.02,6.02]
["9.5.2.2","Joelho 90 graus, pvc, soldável, dn 32mm, instalado em ramal de distribuição de água - fornecimento e instalação. af_06/2022","un",4,8.58,34.32]
["9.5.2.3","Joelho 90 graus, pvc, soldável, dn 40mm, instalado em ramal de distribuição de água - fornecimento e instalação. af_06/2022","un",2,14.94,29.88]
["9.5.3.","Hidrômetro principal"]
["9.5.3.1","Registro de esfera, pvc, roscável, com borboleta, 3/4\" - fornecimento e instalação. af_08/2021","un",1,22.34,22.34]
["9.5.3.2","Joelho 90 graus, pvc, soldável, dn 25mm, x 3/4  instalado em ramal de distribuição de água - fornecimento e instalação. af_06/2022","un",3,6.96,20.88]
["9.5.3.3","Tubo, pvc, soldável, de 20mm, instalado em ramal de distribuição de água - fornecimento e instalação. af_06/2022","m",0.28000000000000003,7.71,2.15]
["9.5.3.4","Adaptador curto com bolsa e rosca para registro, pvc, soldável, dn 25mm x 3/4 , instalado em ramal de distribuição de água - fornecimento e instalação. af_06/2022","un",1,4.32,4.32]
["9.5.3.5","Joelho 90 graus, pvc, soldável, dn 25mm, instalado em ramal de distribuição de água - fornecimento e instalação. af_06/2022","un",1,6.02,6.02]
["9.5.3.6","Tubo, pvc, soldável, de 25mm, instalado em ramal de distribuição de água - fornecimento e instalação. af_06/2022","m",0.85,8.85,7.52]
["9.5.3.7","Escavação manual de vala. af_09/2024","m3",0.02,27.32,0.54]
["9.5.3.8","REATERRO MANUAL APILOADO COM SOQUETE.","m³",0.02,54.23,1.08]
["9.6.","Esgoto"]
["9.6.1.","Caixa de passagem"]
["9.6.1.1","Caixa de gordura pequena (capacidade: 19 l), circular, em pvc, diâmetro interno= 0,3 m. af_12/2020","un",1,278.02,278.02]
["9.6.2.","Caixa de alvenaria"]
["9.6.2.1","Caixa enterrada hidráulica retangular, em concreto pré-moldado, dimensões internas: 0,6x0,6x0,5 m. af_12/2020","un",8,330.99,2647.92]
["9.6.2.2","Pintura de piso com tinta acrílica, aplicação manual, 2 demãos, incluso fundo preparador. af_05/2021","m2",2.88,18.39,52.96]
["9.6.3.","Circular"]
["9.6.3.1","Tubo pvc, serie normal, esgoto predial, dn 100 mm, fornecido e instalado em ramal de descarga ou ramal de esgoto sanitário. af_08/2022","m",114.33,18.93,2164.2600000000002]
["9.6.3.2","FORNECIMENTO E ASSENTAMENTO DE TUBO DE PVC RÍGIDO, COR BRANCA, PARA ESGOTO, PONTA E BOLSA - DIÂMETRO 50MM (2\")","m",1.08,22.14,23.91]
["9.6.3.3","Escavação manual de vala. af_09/2024","m3",9.19,27.32,251.07]
["9.6.3.4","REATERRO MANUAL APILOADO COM SOQUETE.","m³",8.2899999999999991,54.23,449.56]
["9.6.3.5","REMOÇÃO DE MATERIAL DE PRIMEIRA CATEGORIA EM CAMINHÃO BASCULANTE, D.M.T. 6 KM, INCLUSIVE CARGA MANUAL E DESCARGA MECÂNICA.","m³",1.17,48.64,56.9]
["9.6.3.6","Transporte horizontal com jerica de 60 l, de massa/ granel (unidade: m3xkm). af_07/2019","m3xkm",0.02,798.79,15.97]
["9.6.4.","Conexão"]
["9.6.4.1","Joelho 45 graus, pvc, serie normal, esgoto predial, dn 100 mm, junta elástica, fornecido e instalado em ramal de descarga ou ramal de esgoto sanitário. af_08/2022","un",2,19.739999999999998,39.479999999999997]
["9.7.","Esgoto (Dreno Arcondicionado enterrado)"]
["9.7.1.","Circular"]
["9.7.1.1","FORNECIMENTO E ASSENTAMENTO DE TUBO DE PVC RÍGIDO, COR BRANCA, PARA ESGOTO, PONTA E BOLSA - DIÂMETRO 50MM (2\")","m",1.1499999999999999,22.14,25.46]
["9.7.1.2","TUBO, PVC, SOLDÁVEL, DN 40 MM, INSTALADO EM DRENO DE AR CONDICIONADO - FORNECIMENTO E INSTALAÇÃO","m",55.76,24.66,1375.04]
["9.7.1.3","Escavação manual de vala. af_09/2024","m3",1.83,27.32,49.99]
["9.7.1.4","REATERRO MANUAL APILOADO COM SOQUETE.","m³",1.83,54.23,99.24]
["9.7.2.","Conexão"]
["9.7.2.1","JOELHO 45 GRAUS, PVC, SERIE NORMAL, ESGOTO PREDIAL, DN 40 MM, JUNTA SOLDÁVEL, FORNECIDO E INSTALADO EM DRENO DE AR CONDICIONADO.","un",9,8.91,80.19]
["9.7.2.2","JOELHO 90 GRAUS, PVC, SERIE NORMAL, ESGOTO PREDIAL, DN 40 MM, JUNTA SOLDÁVEL, FORNECIDO E INSTALADO EM DRENO DE AR CONCICIONADO.","un",1,8.61,8.61]
["9.7.2.3","JOELHO 90 GRAUS, PVC, SERIE NORMAL, ESGOTO PREDIAL, DN 50 MM, JUNTA ELÁSTICA, FORNECIDO E INSTALADO EM DRENO DE AR CONDICIONADO.","un",1,9.16,9.16]
["9.7.2.4","JUNÇÃO SIMPLES, PVC, SERIE NORMAL, ESGOTO PREDIAL, DN 40 MM, JUNTA SOLDÁVEL, FORNECIDO E INSTALADO EM DRENO DE AR CONDICIONADO.","un",9,12.62,113.58]
["9.8.","Pluvial"]
["9.8.1.","Circular"]
["9.8.1.1","Tubo pvc, série r, água pluvial, dn 100 mm, fornecido e instalado em condutores verticais de águas pluviais. af_06/2022","m",33.090000000000003,27,893.43]
["9.8.1.2","Tubo pvc, série r, água pluvial, dn 50 mm, fornecido e instalado em ramal de encaminhamento. af_06/2022","m",0.32,17.079999999999998,5.46]
["9.8.1.3","FORNECIMENTO E INSTALAÇÃO DE ABRAÇADEIRA TIPO G PARA FIXAÇÃO DE TUBOS, DIÂMETROS ENTRE 85 MM E 114 MM.","un",34,29.03,987.02]
["9.8.2.","Coletor pluvial"]
["9.8.2.1","FORNECIMENTO E INSTALAÇÃO DE RALO HEMISFÉRICO EM PLÁSTICO DIÂMETRO DE 100MM.","un",10,43.33,433.3]
["9.8.3.","Conexão"]
["9.8.3.1","Luva de correr, pvc, serie r, água pluvial, dn 100 mm, junta elástica, fornecido e instalado em condutores verticais de águas pluviais. af_06/2022","un",1,37.020000000000003,37.020000000000003]
["9.8.3.2","Joelho 45 graus, pvc, serie r, água pluvial, dn 100 mm, junta elástica, fornecido e instalado em ramal de encaminhamento. af_06/2022","un",4,31.95,127.8]
["9.8.3.3","Joelho 90 graus, pvc, serie r, água pluvial, dn 100 mm, junta elástica, fornecido e instalado em condutores verticais de águas pluviais. af_06/2022","un",16,30.32,485.12]
["9.8.3.4","Joelho 90 graus, pvc, serie r, água pluvial, dn 50 mm, junta elástica, fornecido e instalado em ramal de encaminhamento. af_06/2022","un",1,13.43,13.43]
["9.9.","Pluvial (Embutida na parede)"]
["9.9.1.","Circular"]
["9.9.1.1","TUBO PVC, SÉRIE R, ÁGUA PLUVIAL, DN 100 MM, FORNECIDO E INSTALADO EM CONDUTORES VERTICAIS DE ÁGUAS PLUVIAIS, INCLUSIVE CONEXÕES. FORNECIMENTO E INSTALAÇÃO.","m",10.050000000000001,106.26,1067.9100000000001]
["9.9.1.2","Rasgo linear mecanizado em alvenaria, para ramais/ distribuição de instalações hidráulicas, diâmetros maiores que 40 mm e menores ou iguais a 75 mm. af_09/2023","m",10.050000000000001,2.11,21.2]
["9.9.1.3","CHUMBAMENTO LINEAR EM ALVENARIA PARA RAMAIS/DISTRIBUIÇÃO DE INSTALAÇÕES HIDRÁULICAS COM DIÂMETROS MAIORES QUE 75 MM E MENORES OU IGUAIS A 100 MM.","m",10.050000000000001,30.56,307.12]
["9.9.2.","Conexão"]
["9.9.2.1","Joelho 90 graus, pvc, serie r, água pluvial, dn 100 mm, junta elástica, fornecido e instalado em ramal de encaminhamento. af_06/2022","un",1,31.12,31.12]
["9.10.","Pluvial (ENTERRADA)"]
["9.10.1.","Caixa de alvenaria"]
["9.10.1.1","CAIXA DE AREIA/ÁGUAS PLUVIAIS DE ALVENARIA DE BLOCOS CERÂMICOS 9X19X39CM, DIMENSÕES 60X60CM E HMÁX=1M, COM TAMPA EM CONCRETO ESP. 5CM, LASTRO EM CONCRETO ESP. 10CM, REVESTIDA INTERNAMENTE COM CHAPISCO E REBOCO IMPERMEABILIZANTE, INCLUSIVE ESCAVAÇÃO E REATERRO.","un",8,561.51,4492.08]
["9.10.1.2","Pintura de piso com tinta acrílica, aplicação manual, 2 demãos, incluso fundo preparador. af_05/2021","m2",2.88,18.39,52.96]
["9.10.2.","Circular"]
["9.10.2.1","Tubo pvc, série r, água pluvial, dn 100 mm, fornecido e instalado em ramal de encaminhamento. af_06/2022","m",29.53,36.97,1091.72]
["9.10.2.2","Tubo pvc, série r, água pluvial, dn 150 mm, fornecido e instalado em ramal de encaminhamento. af_06/2022","m",57.98,58.12,3369.79]
["9.10.2.3","FORNECIMENTO E ASSENTAMENTO DE TUBO DE PVC OCRE, JUNTA ELÁSTICA, DN 200 MM, PARA ÁGUA PLUVIAL (VINILFORT - TIGRE OU EQUIVALENTE)","m",36.229999999999997,125.39,4542.87]
["9.10.2.4","Escavação manual de vala. af_09/2024","m3",15.12,27.32,413.07]
["9.10.2.5","REATERRO MANUAL APILOADO COM SOQUETE.","m³",12.73,54.23,690.34]
["9.10.2.6","REMOÇÃO DE MATERIAL DE PRIMEIRA CATEGORIA EM CAMINHÃO BASCULANTE, D.M.T. 6 KM, INCLUSIVE CARGA MANUAL E DESCARGA MECÂNICA.","m³",3.11,48.64,151.27000000000001]
["9.10.2.7","Transporte horizontal com jerica de 60 l, de massa/ granel (unidade: m3xkm). af_07/2019","m3xkm",0.06,798.79,47.92]
["9.10.3.","Conexão"]
["9.10.3.1","Joelho 90 graus, pvc, serie r, água pluvial, dn 100 mm, junta elástica, fornecido e instalado em ramal de encaminhamento. af_06/2022","un",7,31.12,217.84]
["9.11.","Pluvial (NO FORRO)"]
["9.11.1.","Circular"]
["9.11.1.1","Tubo pvc, série r, água pluvial, dn 100 mm, fornecido e instalado em ramal de encaminhamento. af_06/2022","m",48.74,36.97,1801.91]
["9.11.1.2","FORNECIMENTO E INSTALAÇÃO DE ABRAÇADEIRA TIPO G PARA FIXAÇÃO DE TUBOS, DIÂMETROS ENTRE 85 MM E 114 MM.","un",49,29.03,1422.47]
["9.11.2.","Conexão"]
["9.11.2.1","Joelho 45 graus, pvc, serie r, água pluvial, dn 100 mm, junta elástica, fornecido e instalado em ramal de encaminhamento. af_06/2022","un",3,31.95,95.85]
["9.11.2.2","Joelho 90 graus, pvc, serie r, água pluvial, dn 100 mm, junta elástica, fornecido e instalado em ramal de encaminhamento. af_06/2022","un",2,31.12,62.24]
["9.12.","Ventilação"]
["9.12.1.","Circular"]
["9.12.1.1","FORNECIMENTO E ASSENTAMENTO DE TUBO DE PVC RÍGIDO, COR BRANCA, PARA ESGOTO, PONTA E BOLSA - DIÂMETRO 50MM (2\")","m",7.99,22.14,176.89]
["9.12.1.2","Tubo pvc, serie normal, esgoto predial, dn 50 mm, fornecido e instalado em prumada de esgoto sanitário ou ventilação. af_08/2022","m",3.48,10.6,36.880000000000003]
["9.12.2.","Conexão"]
["9.12.2.1","Joelho 90 graus, pvc, serie normal, esgoto predial, dn 50 mm, junta elástica, fornecido e instalado em prumada de esgoto sanitário ou ventilação. af_08/2022","un",2,8.85,17.7]
["9.12.2.2","Terminal de ventilação, pvc, série normal, esgoto predial, dn 50 mm, junta soldável, fornecido e instalado em prumada de esgoto sanitário ou ventilação. af_08/2022","un",2,8.82,17.64]
["9.13.","Ventilação (Embutida na parede)"]
["9.13.1.","Circular"]
["9.13.1.1","Tubo pvc, serie normal, esgoto predial, dn 50 mm, fornecido e instalado em prumada de esgoto sanitário ou ventilação. af_08/2022","m",4.26,10.6,45.15]
["9.13.1.2","Rasgo linear mecanizado em alvenaria, para ramais/ distribuição de instalações hidráulicas, diâmetros maiores que 40 mm e menores ou iguais a 75 mm. af_09/2023","m",4.26,2.11,8.98]
["9.13.1.3","Chumbamento linear em alvenaria para ramais/distribuição de instalações hidráulicas com diâmetros maiores que 40 mm e menores ou iguais a 75 mm. af_09/2023","m",4.26,12.44,52.99]
["9.13.2.","Conexão"]
["9.13.2.1","Joelho 90 graus, pvc, serie normal, esgoto predial, dn 75 mm, junta elástica, fornecido e instalado em prumada de esgoto sanitário ou ventilação. af_08/2022","un",1,17.54,17.54]
["9.13.2.2","Terminal de ventilação, pvc, série normal, esgoto predial, dn 50 mm, junta soldável, fornecido e instalado em prumada de esgoto sanitário ou ventilação. af_08/2022","un",2,8.82,17.64]
["9.13.2.3","Te, pvc, serie normal, esgoto predial, dn 50 x 50 mm, junta elástica, fornecido e instalado em prumada de esgoto sanitário ou ventilação. af_08/2022","un",1,14.56,14.56]
["9.14.","Ventilação (ramais)"]
["9.14.1.","Circular"]
["9.14.1.1","FORNECIMENTO E ASSENTAMENTO DE TUBO DE PVC RÍGIDO, COR BRANCA, PARA ESGOTO, PONTA E BOLSA - DIÂMETRO 50MM (2\")","m",16.54,22.14,366.19]
["9.14.1.2","Tubo pvc, serie normal, esgoto predial, dn 75 mm, fornecido e instalado em ramal de descarga ou ramal de esgoto sanitário. af_08/2022","m",0.22,24.81,5.45]
["9.14.1.3","Escavação manual de vala. af_09/2024","m3",0.67,27.32,18.3]
["9.14.1.4","REATERRO MANUAL APILOADO COM SOQUETE.","m³",0.67,54.23,36.33]
["9.14.2.","Conexão"]
["9.14.2.1","Joelho 90 graus, pvc, serie normal, esgoto predial, dn 50 mm, junta elástica, fornecido e instalado em prumada de esgoto sanitário ou ventilação. af_08/2022","un",6,8.85,53.1]
["9.14.2.2","Te, pvc, serie normal, esgoto predial, dn 50 x 50 mm, junta elástica, fornecido e instalado em prumada de esgoto sanitário ou ventilação. af_08/2022","un",4,14.56,58.24]
["9.14.3.","Ramal de ventilação"]
["9.14.3.1","Joelho 90 graus, pvc, serie normal, esgoto predial, dn 50 mm, junta elástica, fornecido e instalado em prumada de esgoto sanitário ou ventilação. af_08/2022","un",9,8.85,79.650000000000006]
["9.14.3.2","Te, pvc, série normal, esgoto predial, dn 100 x 50 mm, junta elástica, fornecido e instalado em prumada de esgoto sanitário ou ventilação. af_08/2022","un",2,33.17,66.34]
["9.14.3.3","Te, pvc, serie normal, esgoto predial, dn 50 x 50 mm, junta elástica, fornecido e instalado em prumada de esgoto sanitário ou ventilação. af_08/2022","un",9,14.56,131.04]
["9.15.","PONTOS"]
["9.15.1.","PONTOS DRENO DE AR CONDICIONADO"]
["9.15.1.1","PONTO DE DRENO DE AR CONDICIONADO (FÓRUM DE LAGOA GRANDE).","un",21,269.22000000000003,5653.62]
["9.15.2.","PONTOS DE ESGOTO"]
["9.15.2.1","PONTO DE ESGOTO DE VASO SANITÁRIO (FÓRUM DE LAGOA GRANDE).","un",11,126.61,1392.71]
["9.15.2.2","PONTO DE ESGOTO DE LAVATÓRIO / MICTÓRIO / CHUVEIRO/ TANQUE (FÓRUM DE LAGOA GRANDE).","un",11,478.5,5263.5]
["9.15.2.3","PONTO DE ESGOTO DE PIA (FÓRUM DE LAGOA GRANDE).","un",1,131.69999999999999,131.69999999999999]
["9.15.3.","PONTOS DE ÁGUA POTÁVEL"]
["9.15.3.1","PONTO DE ÁGUA PARA TORNEIRA DE JARDIM (FÓRUM DE LAGOA GRANDE)","un",3,119.39,358.17]
["9.15.3.2","PONTO DE ÁGUA PARA LAVATÓRIO (FÓRUM DE LAGOA GRANDE)","un",9,272.42,2451.7800000000002]
["9.15.3.3","PONTO DE ÁGUA PARA MICTÓRIO (FÓRUM DE LAGOA GRANDE)","un",1,164.27,164.27]
["9.15.3.4","PONTO DE ÁGUA PARA PIA (FÓRUM DE LAGOA GRANDE)","un",1,365.35,365.35]
["9.15.3.5","PONTO DE ÁGUA PARA TANQUE DE LAVAR (FÓRUM DE LAGOA)","un",1,249.94,249.94]
["9.15.3.6","PONTO DE ÁGUA PARA VASO SANITÁRIO CAIXA ACOPLADA (FÓRUM DE LAGOA GRANDE)","un",7,171.87,1203.0899999999999]
["9.15.3.7","PONTO DE ÁGUA PARA VÁLVULA DE DESCARGA - DIAM. 1.1/2\" (FÓRUM DE LAGOA GRANDE)","un",4,925.87,3703.48]
["9.15.3.8","PONTO DE ÁGUA PARA CHUVEIRO (FÓRUM DE LAGOA GRANDE)","un",1,287.94,287.94]
["10.","INSTALAÇÕES DE PREVENÇÃO E COMBATE A INCÊNDIO"]
["10.1.","SISTEMA DE ILUMINAÇÃO E SINALIZAÇÃO DE EMERGÊNCIA"]
["10.1.1","FORNECIMENTO E INSTALAÇÃO DE PLACA DE SINALIZAÇÃO DE SEGURANÇA CONTRA INCÊNDIO, FOTOLUMINESCENTE, QUADRADA, *20 X 20* CM, EM PVC *2* MM ANTI-CHAMAS (SÍMBOLOS, CORES E PICTOGRAMAS CONFORME NBR 13434); CONFORME PROJETO.","un",7,44.22,309.54000000000002]
["10.1.2","LUMINÁRIA DE EMERGÊNCIA AUTÔNOMA, 30 LEDS, POTÊNCIA 2W, COM BATERIA DE LÍTIO, AUTONOMIA DE 6 HORAS. FORNECIMENTO E INSTALAÇÃO.","un",10,24.1,241]
["10.1.3","FORNECIMENTO E INSTALAÇÃO DE PLACA DE SINALIZAÇÃO DE SEGURANÇA CONTRA INCÊNDIO, FOTOLUMINESCENTE, RETANGULAR, *13 X 26* CM, EM PVC *2* MM ANTI-CHAMAS (SÍMBOLOS, CORES E PICTOGRAMAS CONFORME NBR 13434); CONFORME PROJETO.","un",9,39.25,353.25]
["10.2.","MARCAÇÃO NO PISO PARA EXTINTORES"]
["10.2.1","Pintura de piso com tinta acrílica, aplicação manual, 2 demãos, incluso fundo preparador. af_05/2021","m2",7,18.39,128.72999999999999]
["10.3.","EXTINTOR DE INCÊNDIO"]
["10.3.1","Extintor de incêndio portátil com carga de co2 de 6 kg, classe bc - fornecimento e instalação. af_10/2020_pe","un",1,788.34,788.34]
["10.3.2","Extintor de incêndio portátil com carga de pqs de 4 kg, classe bc - fornecimento e instalação. af_10/2020_pe","un",6,234.54,1407.24]
["10.3.3","FORNECIMENTO E INSTALAÇÃO DE SUPORTE DE PAREDE PARA EXTINTORES.","un",6,15.85,95.1]
["10.3.4","ARMÁRIO EM FIBRA DE VIDRO PARA EXTINTOR PQ 4KG - MODELO 362 – FORNECIMENTO E INSTALAÇÃO.","un",1,1404.1,1404.1]
["11.","CLIMATIZAÇÃO"]
["11.1.","EQUIPAMENTOS"]
["11.1.1","FORNECIMENTO E INSTALAÇÃO, CONFORME PROJETO, DE CONDICIONADOR DE AR DO TIPO SPLIT/HIWALL, COM CAPACIDADE DE 9.000 BTU/H, INVERTER, CICLO FRIO, COM CONTROLE REMOTO SEM FIO, CLASSIFICAÇÃO ENERGÉTICA A (SELO PROCEL). REALIZANDO OS SERVIÇOS DE CONFECÇÃO DE LINHAS FRIGORÍFICAS EM TUBO DE COBRE UTILIZANDO NITROGÊNIO COM FLUXO CONSTANTE PARA REALIZAÇÃO DAS SOLDAS EVITANDO IMPUREZAS. FORNECIMENTO E INSTALAÇÃO DE CARGA DE FLUIDO REFRIGERANTE ECOLÓGICO R-410A E DE ISOLANTE TÉRMICO EM ESPUMA ELASTOMÉRICOA PARA OS TUBOS DE COBRE. REALIZAR A INTERLIGAÇÃO ENTRE AS UNIDADES EVAPORADORA E CONDENSADORA COM CABO PP 4X1,5MM; INCLUSIVE FIXAÇÃO DE UNIDADE EVAPORADORA E INTERLIGAÇÃO DE DRENOS, CALÇOS DE BORRACHA, BEM COMO TODOS OS ACESSÓRIOS NECESSÁRIOS PARA A COMPLETA INSTALAÇÃO E FUNCIONAMENTO DO SISTEMA, E LIMPEZA FINAL DA OBRA. A EXECUÇÃO DA INSTALAÇÃO DEVE SER EXECUTADA POR TÉCNICO DE REFRIGERAÇÃO DEVIDAMENTE ESPECIALIZADO EM EQUIPAMENTOS INVERTER. ","un",2,2572,5144]
["11.1.2","FORNECIMENTO E INSTALAÇÃO, CONFORME PROJETO, DE CONDICIONADOR DE AR DO TIPO SPLIT/HIWALL, COM CAPACIDADE DE 12.000 BTU/H, INVERTER, CICLO FRIO, COM CONTROLE REMOTO SEM FIO, CLASSIFICAÇÃO ENERGÉTICA A (SELO PROCEL). REALIZANDO OS SERVIÇOS DE CONFECÇÃO DE LINHAS FRIGORÍFICAS EM TUBO DE COBRE UTILIZANDO NITROGÊNIO COM FLUXO CONSTANTE PARA REALIZAÇÃO DAS SOLDAS EVITANDO IMPUREZAS. FORNECIMENTO E INSTALAÇÃO DE CARGA DE FLUIDO REFRIGERANTE ECOLÓGICO R-410A E DE ISOLANTE TÉRMICO EM ESPUMA ELASTOMÉRICOA PARA OS TUBOS DE COBRE. REALIZAR A INTERLIGAÇÃO ENTRE AS UNIDADES EVAPORADORA E CONDENSADORA COM CABO PP 4X1,5MM; INCLUSIVE FIXAÇÃO DE UNIDADE EVAPORADORA E INTERLIGAÇÃO DE DRENOS, CALÇOS DE BORRACHA, BEM COMO TODOS OS ACESSÓRIOS NECESSÁRIOS PARA A COMPLETA INSTALAÇÃO E FUNCIONAMENTO DO SISTEMA, E LIMPEZA FINAL DA OBRA. A EXECUÇÃO DA INSTALAÇÃO DEVE SER EXECUTADA POR TÉCNICO DE REFRIGERAÇÃO DEVIDAMENTE ESPECIALIZADO EM EQUIPAMENTOS INVERTER. ","un",9,3034.73,27312.57]
["11.1.3","FORNECIMENTO E INSTALAÇÃO, CONFORME PROJETO, DE CONDICIONADOR DE AR DO TIPO SPLIT/HIWALL, COM CAPACIDADE DE 18.000 BTU/H, INVERTER, CICLO FRIO, COM CONTROLE REMOTO SEM FIO, CLASSIFICAÇÃO ENERGÉTICA A (SELO PROCEL). REALIZANDO OS SERVIÇOS DE CONFECÇÃO DE LINHAS FRIGORÍFICAS EM TUBO DE COBRE UTILIZANDO NITROGÊNIO COM FLUXO CONSTANTE PARA REALIZAÇÃO DAS SOLDAS EVITANDO IMPUREZAS. FORNECIMENTO E INSTALAÇÃO DE CARGA DE FLUIDO REFRIGERANTE ECOLÓGICO R-410A E DE ISOLANTE TÉRMICO EM ESPUMA ELASTOMÉRICOA PARA OS TUBOS DE COBRE. REALIZAR A INTERLIGAÇÃO ENTRE AS UNIDADES EVAPORADORA E CONDENSADORA COM CABO PP 4X1,5MM; INCLUSIVE FIXAÇÃO DE UNIDADE EVAPORADORA E INTERLIGAÇÃO DE DRENOS, CALÇOS DE BORRACHA, BEM COMO TODOS OS ACESSÓRIOS NECESSÁRIOS PARA A COMPLETA INSTALAÇÃO E FUNCIONAMENTO DO SISTEMA, E LIMPEZA FINAL DA OBRA. A EXECUÇÃO DA INSTALAÇÃO DEVE SER EXECUTADA POR TÉCNICO DE REFRIGERAÇÃO DEVIDAMENTE ESPECIALIZADO EM EQUIPAMENTOS INVERTER. ","un",2,4426.97,8853.94]
["11.1.4","FORNECIMENTO E INSTALAÇÃO, CONFORME PROJETO, DE CONDICIONADOR DE AR DO TIPO SPLIT/HIWALL, COM CAPACIDADE DE 24.000 BTU/H, INVERTER, CICLO FRIO, COM CONTROLE REMOTO SEM FIO, CLASSIFICAÇÃO ENERGÉTICA A (SELO PROCEL). REALIZANDO OS SERVIÇOS DE CONFECÇÃO DE LINHAS FRIGORÍFICAS EM TUBO DE COBRE UTILIZANDO NITROGÊNIO COM FLUXO CONSTANTE PARA REALIZAÇÃO DAS SOLDAS EVITANDO IMPUREZAS. FORNECIMENTO E INSTALAÇÃO DE CARGA DE FLUIDO REFRIGERANTE ECOLÓGICO R-410A E DE ISOLANTE TÉRMICO EM ESPUMA ELASTOMÉRICOA PARA OS TUBOS DE COBRE. REALIZAR A INTERLIGAÇÃO ENTRE AS UNIDADES EVAPORADORA E CONDENSADORA COM CABO PP 4X1,5MM; INCLUSIVE FIXAÇÃO DE UNIDADE EVAPORADORA E INTERLIGAÇÃO DE DRENOS, CALÇOS DE BORRACHA, BEM COMO TODOS OS ACESSÓRIOS NECESSÁRIOS PARA A COMPLETA INSTALAÇÃO E FUNCIONAMENTO DO SISTEMA, E LIMPEZA FINAL DA OBRA. A EXECUÇÃO DA INSTALAÇÃO DEVE SER EXECUTADA POR TÉCNICO DE REFRIGERAÇÃO DEVIDAMENTE ESPECIALIZADO EM EQUIPAMENTOS INVERTER. ","un",1,6309.4,6309.4]
["11.1.5","FORNECIMENTO E INSTALAÇÃO , CONFORME PROJETO, DE CONDICIONADOR DE AR DO TIPO SPLIT/CASSETE, COM CAPACIDADE DE 18.000 BTU/H, INVERTER, CICLO FRIO, COM CONTROLE REMOTO SEM FIO, CLASSIFICAÇÃO ENERGÉTICA A OU B (SELO PROCEL). REALIZANDO OS SERVIÇOS DE CONFECÇÃO DE LINHAS FRIGORÍFICAS EM TUBO DE COBRE UTILIZANDO NITROGÊNIO COM FLUXO CONSTANTE PARA REALIZAÇÃO DAS SOLDAS EVITANDO IMPUREZAS. FORNECIMENTO E INSTALAÇÃO DE CARGA DE FLUIDO REFRIGERANTE ECOLÓGICO R-410A E DE ISOLANTE TÉRMICO EM ESPUMA ELASTOMÉRICA PARA OS TUBOS DE COBRE. REALIZAR A INTERLIGAÇÃO ENTRE AS UNIDADES EVAPORADORA E CONDENSADORA COM CABO PP; INCLUSIVE FIXAÇÃO DE UNIDADE EVAPORADORA E INTERLIGAÇÃO DE DRENOS, CALÇOS DE BORRACHA, BEM COMO TODOS OS ACESSÓRIOS NECESSÁRIOS PARA A COMPLETA INSTALAÇÃO E FUNCIONAMENTO DO SISTEMA, E LIMPEZA FINAL DA OBRA. A EXECUÇÃO DA INSTALAÇÃO DEVE SER EXECUTADA POR TÉCNICO DE REFRIGERAÇÃO DEVIDAMENTE ESPECIALIZADO EM EQUIPAMENTOS INVERTER. ","un",6,6193.68,37162.080000000002]
["11.1.6","FORNECIMENTO E INSTALAÇÃO , CONFORME PROJETO, DE CONDICIONADOR DE AR DO TIPO SPLIT/CASSETE, COM CAPACIDADE DE 36.000 BTU/H, INVERTER, CICLO FRIO, COM CONTROLE REMOTO SEM FIO, CLASSIFICAÇÃO ENERGÉTICA A OU B (SELO PROCEL). REALIZANDO OS SERVIÇOS DE CONFECÇÃO DE LINHAS FRIGORÍFICAS EM TUBO DE COBRE UTILIZANDO NITROGÊNIO COM FLUXO CONSTANTE PARA REALIZAÇÃO DAS SOLDAS EVITANDO IMPUREZAS. FORNECIMENTO E INSTALAÇÃO DE CARGA DE FLUIDO REFRIGERANTE ECOLÓGICO R-410A E DE ISOLANTE TÉRMICO EM ESPUMA ELASTOMÉRICA PARA OS TUBOS DE COBRE. REALIZAR A INTERLIGAÇÃO ENTRE AS UNIDADES EVAPORADORA E CONDENSADORA COM CABO PP; INCLUSIVE FIXAÇÃO DE UNIDADE EVAPORADORA E INTERLIGAÇÃO DE DRENOS, CALÇOS DE BORRACHA, BEM COMO TODOS OS ACESSÓRIOS NECESSÁRIOS PARA A COMPLETA INSTALAÇÃO E FUNCIONAMENTO DO SISTEMA, E LIMPEZA FINAL DA OBRA. A EXECUÇÃO DA INSTALAÇÃO DEVE SER EXECUTADA POR TÉCNICO DE REFRIGERAÇÃO DEVIDAMENTE ESPECIALIZADO EM EQUIPAMENTOS INVERTER. ","un",2,10267.700000000001,20535.400000000001]
["11.2.","ACESSÓRIOS E CONEXÕES"]
["11.2.1","FORNECIMENTO E INSTALAÇÃO DE VENTILADOR SICFLUX MAXX - 100 OU SIMILAR, COM VAZÃO ENTRE 189 E 248 M³/H, PRESSÃO ENTRE 32 E 35 MMCA.","un",1,495.64,495.64]
["11.2.2","FORNECIMENTO E INSTALAÇÃO DE VENTILADOR SICFLUX MAXX - 100, COM CAIXA DE FILTRAGEM SICFLUX FILBOX RED - 100 COM FILTRO G4+M5, OU SIMILAR, COM SUPORTE FABRICADO EM MADEIRITE (E= 14MM), CONFORME DETALHE EM PROJETO.","CJ",2,1052.06,2104.12]
["11.2.3","FORNECIMENTO E INSTALAÇÃO DE VENTILADOR SICFLUX MAXX - 125, COM CAIXA DE FILTRAGEM SICFLUX FILBOX QAD - 125 COM FILTRO G4+M5, OU SIMILAR, COM SUPORTE FABRICADO EM MADEIRITE (E= 14MM), CONFORME DETALHE EM PROJETO.","CJ",1,1260.0899999999999,1260.0899999999999]
["11.2.4","FORNECIMENTO E INSTALAÇÃO DE VENTILADOR SICFLUX MAXX - 150, COM CAIXA DE FILTRAGEM SICFLUX FILBOX RED- 150 COM FILTRO G4+M5, OU SIMILAR, COM SUPORTE FABRICADO EM MADEIRITE (E= 14MM), CONFORME DETALHE EM PROJETO.","CJ",1,1395.22,1395.22]
["11.2.5","FORNECIMENTO E INSTALAÇÃO DE VENTILADOR SICFLUX MAXX - 200, COM CAIXA DE FILTRAGEM SICFLUX FILBOX QAD - 200 COM FILTRO G4+M5, OU SIMILAR, COM SUPORTE FABRICADO EM MADEIRITE (E= 14MM), CONFORME DETALHE EM PROJETO.","CJ",2,1791.76,3583.52]
["11.2.6","EXAUSTOR PARA BANHEIRO, BIVOLT, REF.: C 80 A, VENTOKIT NEW CLASSIC - FORNECIMENTO E INSTALAÇÃO COM DUTO FLEXÍVEL E VENEZIANA PLÁSTICA.","un",4,313.02,1252.08]
["11.2.7","FORNECIMENTO E INSTALAÇÃO DE DIFUSOR REDONDO REGULÁVEL  100 MM, MODELO RVA (FAB. SICFLUX) OU SIMILAR.","un",16,54.78,876.48]
["11.2.8","FORNECIMENTO E INSTALAÇÃO DE DIFUSOR REDONDO REGULÁVEL  150 MM, MODELO RVA (FAB. SICFLUX) OU SIMILAR.","un",8,113.31,906.48]
["11.2.9","FORNECIMENTO E INSTALAÇÃO DE GRADES METÁLICAS GFM-T 300 - SICFLUX COM CAIXA PLENUM  EM CHAPA DE AÇO GALVANIZADO, OU EQUIVALENTE.","un",6,117.51,705.06]
["11.2.10","FORNECIMENTO E INSTALAÇÃO DE TÊ, PVC, SERIE R, ÁGUA PLUVIAL, DN 150 X 100 MM, JUNTA ELÁSTICA,  EM SISTEMAS DE REFRIGERAÇÃO.","un",4,118.18,472.72]
["11.2.11","FORNECIMENTO E INSTALAÇÃO DE REDUÇÃO EXCÊNTRICA, PVC, SÉRIE R, ÁGUA PLUVIAL, DN 150 X 100 MM, JUNTA ELÁSTICA, EM SISTEMAS DE REFRIGERAÇÃO.","un",2,77.8,155.6]
["11.2.12","FORNECIMENTO E INSTALAÇÃO DE JOELHO, 90º, PVC, SÉRIE R, ÁGUA PLUVIAL, DN 150 X 100 MM, JUNTA ELÁSTICA, EM SISTEMAS DE REFRIGERAÇÃO.","un",2,116.66,233.32]
["11.3.","DUTOS"]
["11.3.1","FORNECIMENTO E INSTALAÇÃO DE DUTO EM TUBO PVC D = 100 MM, COM ACESSÓRIOS DE SUSTENTAÇÃO.","m",2.4,28.66,68.78]
["11.3.2","FORNECIMENTO E INSTALAÇÃO DE DUTO EM TUBO PVC D = 150 MM, COM ACESSÓRIOS DE SUSTENTAÇÃO.","m",5.2,54.56,283.70999999999998]
["11.3.3","FORNECIMENTO E INSTALAÇÃO DE DUTO FLEXÍVEL EM ALUMINIO S/ ISOLAMENTO  Ø100MM","m",50,17.899999999999999,895]
["11.3.4","FORNECIMENTO E INSTALAÇÃO DE DUTO FLEXÍVEL EM ALUMINIO S/ ISOLAMENTO  Ø150MM","m",10,20.98,209.8]
["11.3.5","FORNECIMENTO, MONTAGEM E INSTALAÇÃO DE DUTOS  EM CHAPA DE AÇO GALVANIZADA Nº 24, PARA SISTEMA DE RENOVAÇÃO DE AR, COM ASSESSÓRIOS. ","m²",40,27.84,1113.5999999999999]
["12.","FINAL DE OBRA"]
["12.1","AS BUILT DOS PROJETOS DE ARQUITETURA, ESTRUTURA, CLIMATIZAÇÃO, INSTALAÇÕES HIDROSSANITÁRIAS, INSTALAÇÕES ELÉTRICAS E INSTALAÇÕES DE PREVENÇÃO E COMBATE A INCÊNDIO/SPDA","m²",3000.72,0.89,2670.64]
["12.2","LAUDO DE VISTORIA DE SPDA E ART COM MEDIÇÃO DE RESISTÊNCIA ÔHMICA DO SOLO, MEDIÇÃO DE CONTINUIDADE ELÉTRICA, EXCLUSIVE DESLOCAMENTO DE EQUIPE TÉCNICA","un",1,1342.18,1342.18]
["12.3","DEMOLIÇÃO DE BARRACÃO DE OBRA","m²",60,6.6,396]
["12.4","LIMPEZA GERAL DA OBRA","m²",500.12,2.95,1475.35]
["12.5","Remoção de tapume/ chapas metálicas e de madeira, de forma manual, sem reaproveitamento. af_09/2023","m2",650,2.08,1352]
["12.6","DESMOBILIZAÇÃO DA OBRA (PESSOAL, MÁQUINAS E EQUIPAMENTOS).","un",1,1205.6500000000001,1205.6500000000001]